{"text_format":"1","workbook":"xlsx","n_sheets":10,"sheets":["1ª MEDIÇÃO","2ª MEDIÇÃO","3ª MEDIÇÃO","4ª MEDIÇÃO","5ª MEDIÇÃO","6ª MEDIÇÃO","7ª MEDIÇÃO","8ª MEDIÇÃO","9ª MEDIÇÃO","PLANILHA SINTÉTICA"],"not_rendered":{"charts":0,"images":2,"macros":1,"external_links":12,"defined_names":1440,"comments":0,"pivot_tables":0},"unopened":[],"bounds":{"document_bytes":16777216,"sheet_cells":100000,"rows_first":2000,"rows_last":500,"rows_between":2000,"halvings":0,"cell_chars":16384,"cell_head_chars":4096},"cells_cut":0,"cells_raw":0,"read":"whole","date_system":"1900"}

{"sheet":"1ª MEDIÇÃO","index":0,"n_rows":4,"n_cols":10,"rows_kept":4,"cut":false,"hidden":true,"merged":[[0,0,0,8],[1,0,1,8],[2,0,2,8]]}
["TRIBUNAL DE JUSTIÇA DE PERNAMBUCO"]
[{"$f":"#REF!","v":{"$error":"#REF!"}}]
["MEMÓRIA DE CALCULO - 1ª MEDIÇÃO"]
["ITEM","DESCRIÇÃO","QUANT.","LARG.","COMP.","ALT.","TAXA","TOTAL","UNID","MEMORIAL FOTOGRÁFICO"]

{"sheet":"2ª MEDIÇÃO","index":1,"n_rows":4,"n_cols":10,"rows_kept":4,"cut":false,"hidden":true,"merged":[[0,0,0,8],[1,0,1,8],[2,0,2,8]]}
["TRIBUNAL DE JUSTIÇA DE PERNAMBUCO"]
[{"$f":"#REF!","v":{"$error":"#REF!"}}]
["MEMÓRIA DE CALCULO - 2ª MEDIÇÃO"]
["ITEM","DESCRIÇÃO","QUANT.","LARG.","COMP.","ALT.","TAXA","TOTAL","UNID","MEMORIAL FOTOGRÁFICO"]

{"sheet":"3ª MEDIÇÃO","index":2,"n_rows":4,"n_cols":10,"rows_kept":4,"cut":false,"hidden":true,"merged":[[0,0,0,8],[1,0,1,8],[2,0,2,8]]}
["TRIBUNAL DE JUSTIÇA DE PERNAMBUCO"]
[{"$f":"#REF!","v":{"$error":"#REF!"}}]
["MEMÓRIA DE CALCULO - 3ª MEDIÇÃO"]
["ITEM","DESCRIÇÃO","QUANT.","LARG.","COMP.","ALT.","TAXA","TOTAL","UNID","MEMORIAL FOTOGRÁFICO"]

{"sheet":"4ª MEDIÇÃO","index":3,"n_rows":4,"n_cols":10,"rows_kept":4,"cut":false,"hidden":true,"merged":[[0,0,0,8],[1,0,1,8],[2,0,2,8]]}
["TRIBUNAL DE JUSTIÇA DE PERNAMBUCO"]
[{"$f":"#REF!","v":{"$error":"#REF!"}}]
["MEMÓRIA DE CALCULO - 4ª MEDIÇÃO"]
["ITEM","DESCRIÇÃO","QUANT.","LARG.","COMP.","ALT.","TAXA","TOTAL","UNID","MEMORIAL FOTOGRÁFICO"]

{"sheet":"5ª MEDIÇÃO","index":4,"n_rows":4,"n_cols":10,"rows_kept":4,"cut":false,"hidden":true,"merged":[[0,0,0,8],[1,0,1,8],[2,0,2,8]]}
["TRIBUNAL DE JUSTIÇA DE PERNAMBUCO"]
[{"$f":"#REF!","v":{"$error":"#REF!"}}]
["MEMÓRIA DE CALCULO - 5ª MEDIÇÃO"]
["ITEM","DESCRIÇÃO","QUANT.","LARG.","COMP.","ALT.","TAXA","TOTAL","UNID","MEMORIAL FOTOGRÁFICO"]

{"sheet":"6ª MEDIÇÃO","index":5,"n_rows":4,"n_cols":10,"rows_kept":4,"cut":false,"hidden":true,"merged":[[0,0,0,8],[1,0,1,8],[2,0,2,8]]}
["TRIBUNAL DE JUSTIÇA DE PERNAMBUCO"]
[{"$f":"#REF!","v":{"$error":"#REF!"}}]
["MEMÓRIA DE CALCULO - 6ª MEDIÇÃO"]
["ITEM","DESCRIÇÃO","QUANT.","LARG.","COMP.","ALT.","TAXA","TOTAL","UNID","MEMORIAL FOTOGRÁFICO"]

{"sheet":"7ª MEDIÇÃO","index":6,"n_rows":4,"n_cols":10,"rows_kept":4,"cut":false,"hidden":true,"merged":[[0,0,0,8],[1,0,1,8],[2,0,2,8]]}
["TRIBUNAL DE JUSTIÇA DE PERNAMBUCO"]
[{"$f":"#REF!","v":{"$error":"#REF!"}}]
["MEMÓRIA DE CALCULO - 7ª MEDIÇÃO"]
["ITEM","DESCRIÇÃO","QUANT.","LARG.","COMP.","ALT.","TAXA","TOTAL","UNID","MEMORIAL FOTOGRÁFICO"]

{"sheet":"8ª MEDIÇÃO","index":7,"n_rows":4,"n_cols":10,"rows_kept":4,"cut":false,"hidden":true,"merged":[[0,0,0,8],[1,0,1,8],[2,0,2,8]]}
["TRIBUNAL DE JUSTIÇA DE PERNAMBUCO"]
[{"$f":"#REF!","v":{"$error":"#REF!"}}]
["MEMÓRIA DE CALCULO - 8ª MEDIÇÃO"]
["ITEM","DESCRIÇÃO","QUANT.","LARG.","COMP.","ALT.","TAXA","TOTAL","UNID","MEMORIAL FOTOGRÁFICO"]

{"sheet":"9ª MEDIÇÃO","index":8,"n_rows":4,"n_cols":10,"rows_kept":4,"cut":false,"hidden":true,"merged":[[0,0,0,8],[1,0,1,8],[2,0,2,8]]}
["TRIBUNAL DE JUSTIÇA DE PERNAMBUCO"]
[{"$f":"#REF!","v":{"$error":"#REF!"}}]
["MEMÓRIA DE CALCULO - 9ª MEDIÇÃO"]
["ITEM","DESCRIÇÃO","QUANT.","LARG.","COMP.","ALT.","TAXA","TOTAL","UNID","MEMORIAL FOTOGRÁFICO"]

{"sheet":"PLANILHA SINTÉTICA","index":9,"n_rows":1212,"n_cols":7,"rows_kept":1212,"cut":false,"hidden":false,"merged":[[1211,0,1211,5],[3,7,3,8],[4,7,4,8],[7,5,7,6],[7,4,8,4],[7,0,8,0],[7,2,8,2],[7,3,8,3],[7,1,8,1],[5,7,5,8],[6,7,6,8],[3,0,4,3],[3,5,3,6],[4,5,4,6],[5,0,6,3],[5,5,5,6],[6,5,6,6],[0,7,0,8],[1,7,1,8],[2,7,2,8],[0,0,0,3],[0,5,0,6],[1,0,2,3],[1,5,1,6],[2,5,2,6]]}
["PODER JUDICIÁRIO",null,null,null,"Obra:","Serviços de reforma do CICA"]
["TRIBUNAL DE JUSTIÇA DE PERNAMBUCO",null,null,null,"Local:","Rua João Fernandes Vieira, nº 405, Bairro: Boa Vista. CEP: 50.050-215"]
[null,null,null,null,"Contrato:","042/2025 -TJPE"]
["DIRETORIA DE ENGENHARIA E ARQUITETURA",null,null,null,"Situação:","EM ANDAMENTO"]
[null,null,null,null,"Contratada:","Kaizen Construções e Incorporações Ltda."]
["QUANTITATIVOS E PREÇOS CONTRATADOS",null,null,null,"Valor Total:",{"$f":"G1212","v":3359876.5}]
[null,null,null,null,"DATA ASSINATURA DO CONTRATO","2025-03-27"]
["ITEM","Cód. Efisco","DESCRIÇÃO","UN","QUANT. TOTAL","TOTAL"]
[null,null,null,null,null,"P. UNIT","P. TOTAL"]
["1.",null,"PROJETOS E ART´S",""]
["1.1","527411-7","ART EXECUÇÃO DE OBRA - RESPONSÁVEL TÉCNICO DA CONTRATADA.","un",3,254.54,763.62]
["1.2","507876-8","ELABORAÇÃO DO PGRCC - PLANO DE GERENCIAMENTO DE RESÍDUOS DA CONSTRUÇÃO CIVIL","un",1,1511,1511]
["1.3","593695-0","ELABORAÇÃO DE PROJETO EXECUTIVO COM OS DIMENSIONAMENTOS PARA A INSTALAÇÃO DO SISTEMA DE PROTEÇÃO COLETIVA FIXA DE LINHA DE VIDA, COM PONTOS DE ANCORAGEM PARA ANDAIMES SUSPENSOS, COM EMISSÃO DE ART.","un",1,12106.18,12106.18]
["2.",null,"ADMINISTRAÇÃO DA OBRA / MÁQUINAS E EQUIPAMENTOS",""]
["2.1","401010-8","ADMINISTRAÇÃO LOCAL PELO PERÍODO DA OBRA","un/mês",9,47935.810000000005,431422.29]
["2.2","601780-0","MOBILIZAÇÃO DA OBRA (PESSOAL, MÁQUINAS E EQUIPAMENTOS).","un",1,1248.45,1248.45]
["2.3","411684-4","LOCAÇÃO DE  ANDAIME METÁLICO TUBULAR TIPO TORRE INCLUINDO PLATAFORMA METÁLICA, GUARDA CORPO METÁLICO, ESCADA.","mXmês",675,29.05,19608.75]
["2.4","478652-1","MONTAGEM E DESMONTAGEM DE ANDAIME TUBULAR TIPO \"TORRE\" (EXCLUSIVE ANDAIME E LIMPEZA). AF_03/2024","m",159,26.22,4168.9799999999996]
["2.5","  556789-0","FORNECIMENTO E INSTALAÇÃO DE LINHA DE VIDA NA COBERTA (INSTALADA JUNTO AO PISO)","m",730,74.11,54100.3]
["2.6","601785-1","LOCAÇÃO DE ANDAIME DO TIPO FACHADEIRO COMPOSTOS DE QUADROS VERTICAIS COM, PLATAFORMAS CONTRAVENTAMENTO DIAGONAIS, BARRA DE LIGAÇÃO, ESCADAS DE ACESSO, PISO METÁLICO, BASE AJUSTÁVEL E TRAVAMENTO EM TUBO E DEMAIS ACESSÓRIOS NECESSÁRIOS.","m²Xmês",932,21.78,20298.96]
["2.7","481255-7","MONTAGEM E DESMONTAGEM DE ANDAIME MODULAR FACHADEIRO, COM PISO METÁLICO, PARA EDIFÍCIOS COM MULTIPLOS PAVIMENTOS (EXCLUSIVE ANDAIME E LIMPEZA). AF_03/2024","m²",1512,18.96,28667.52]
["2.8","601799-1","FORNECIMENTO E INSTALAÇÃO DE ESTRUTURA DE SUPORTE (PONTO DE ANCORAGEM) PARA ANDAIMES SUSPENSOS EM AÇO ASTM A-36 (BARRA ROSQ. 16X400MM E OLHAL 16X50MM), FIXADA POR FURAÇÃO NA COBERTURA, CONFORME PROJETO.","un",292,49.39,14421.88]
["3.",null,"CANTEIRO DE OBRAS",""]
["3.1","501875-7","PLACA DE OBRA EM LONA PLÁSTICA  IMPRESSÃO DIGITAL ALTA RESOLUÇÃO COM ACABAMENTO EM ILHÓS, FIXAÇÃO EM ABRAÇADEIRAS DE NYLON, ESTRUTURA EM FERRO GALVANIZADO.","m²",4,368.29999999999995,1473.2]
["3.2","593779-5","LOCAÇÃO DE CONTAINER ESCRITÓRIO COM BANHEIRO CONTENDO 01 VASO SANITÁRIO, 01 LAVATÓRIO E 01 CHUVEIRO, JANELA EM VIDRO, PORTAS, LUMINÁRIAS, TOMADAS, FORRO EM PVC, AR CONDICIONADO E ISOLAMENTO TERMO-ACÚSTICO EM ISOPOR (6,00 X 2,35M). NÃO INCLUI MOBILIZAÇÃO E DESMOBILIZAÇÃO.","un/mês",9,1070.8399999999999,9637.56]
["3.3","593781-7","LOCAÇÃO DE CONTAINER BANHEIRO COM 04 VASOS SANITÁRIOS, 02 LAVATÓRIOS, 01 MICTÓRIO CALHA E 04 CHUVEIROS (6,00 X 2,35M). NÃO INCLUI MOBILIZAÇÃO E DESMOBILIZAÇÃO.","un/mês",9,1249.31,11243.79]
["3.4","601804-1","LOCAÇÃO DE CONTAINER ALMOXARIFADO (6,00 X 2,40M). NÃO INCLUI MOBILIZAÇÃO E DESMOBILIZAÇÃO.","un/mês",9,774.86,6973.74]
["3.5","462057-7","FRETE PARA ENTREGA OU RETIRADA DE CONTAINER PARA OBRA EM RECIFE  EM GUINDAUTO (MUNCK) MODELO ARGOS 20.5 COM CAPACIDADE PARA 6,0 TON A 4,0 M DE RAIO. ","un",6,1392.72,8356.32]
["3.6","451433-5","BARRACÃO ABERTO PARA REFEITÓRIO DE OBRA (CAPACIDADE 24 REFEIÇÕES SIMULTÂNEAS) - ÁREA = 24,00M² COM MATERIAIS NOVOS, INCLUSIVE MOBILIÁRIO","un",1,12911.71,12911.71]
["3.7","552369-9","FORNECIMENTO E EXECUÇÃO DE BARRACÃO ABERTO PARA APOIO À PRODUÇÃO (CARPINTARIA, CENTRAL DE ARMAÇÃO, OFICINA, ETC) COM TELHA 4MM.","m²",69,153,10557]
["3.8","601806-8","LIGAÇÃO PROVISÓRIA DE ENERGIA. (CONTAINER)","un",5,1785.11,8925.5499999999993]
["3.9","566694-5","LIGAÇÕES PROVISÓRIAS DE ÁGUA E ESGOTO SANITÁRIO. (CONTAINER)","un",4,479.9,1919.6]
["3.10","487596-6","FORNECIMENTO E FIXAÇÃO DE TAPUME DE CHAPA DE MADEIRA COMPENSADA, E=8 A 12MM, COM REAPROVEITAMENTO.","m²",73.010000000000005,129.1,9425.59]
["3.11","601807-6","FORNECIMENTO E FIXAÇÃO DE CHAPA DE MADEIRA COMPENSADA RESINADA, E= 8 A 12MM, COM REAPROVEITAMENTO, INCLUINDO REMANEJAMENTO, PARA PROTEÇÃO DE PISO EXISTENTE NO LOCAL.","m²",100,43.25,4325]
["3.12","598803-9","RETIRADA DE TAPUME COM REAPROVEITAMENTO, INCLUSIVE REMANEJAMENTO.","m²",346.02,27.32,9453.26]
["3.13","496193-5","TAPUME COM TELHA METÁLICA. AF_03/2024","m²",124.85,84.52000000000001,10552.32]
["3.14","601808-4","CAIXA D´ÁGUA EM POLIETILENO, 5000 LITROS (INCLUSOS TUBOS, CONEXÕES E TORNEIRA DE BÓIA) - FORNECIMENTO E INSTALAÇÃO. ","un",1,5230.1000000000004,5230.1000000000004]
["4.",null,"AUDITÓRIO OSCAR PEREIRA",""]
["4.1.",null,"SERVIÇOS PRELIMINARES / DEMOLIÇÃO / REMOÇÃO / RETIRADA / ATERRO / LIMPEZA",""]
["4.1.1","483431-3","REMOÇÃO DE TELHAS DE FIBROCIMENTO, METÁLICA E CERÂMICA, DE FORMA MECANIZADA, COM USO DE GUINDASTE, SEM REAPROVEITAMENTO. AF_09/2023","m²",310.11,4.3,1333.47]
["4.1.2","431035-7","RETIRADA DE CALHA/ RUFO METÁLICO.","m",50,12.07,603.5]
["4.1.3","529507-6","REMOÇÃO DE TUBULAÇÕES (TUBOS E CONEXÕES) DE ÁGUA E ESGOTO, DE FORMA MANUAL, SEM REAPROVEITAMENTO.","m",21,0.44,9.24]
["4.1.4","496729-1","REMOÇÃO DE TRAMA METÁLICA OU DE MADEIRA PARA FORRO, DE FORMA MANUAL, SEM REAPROVEITAMENTO. AF_09/2023","m²",349.68,2.7300000000000004,954.62]
["4.1.5","513124-3","RETIRADA DE CAIXAS PRÉ-MOLDADAS DE AR-CONDICIONADO.","un",1,20.22,20.22]
["4.1.6","601810-6","REMOÇÃO DE FORROS DE DRYWALL, PVC E FIBROMINERAL, DE FORMA MANUAL, SEM REAPROVEITAMENTO. AF_09/2023","m²",251.93,1.8800000000000001,473.62]
["4.1.7","203062-4","DEMOLIÇÃO DE REVESTIMENTO DE PISO COM LADRILHO HIDRÁULICO OU CERÂMICO.","m²",7,15.85,110.95]
["4.1.8","527844-9","DEMOLIÇÃO DE REVESTIMENTO CERÂMICO, DE FORMA MANUAL, SEM REAPROVEITAMENTO. AF_09/2023","m²",38.42,21.38,821.41]
["4.1.9","485902-2","REMOÇÃO DE PORTAS, DE FORMA MANUAL, SEM REAPROVEITAMENTO. AF_09/2023","m²",14.13,8.94,126.32]
["4.1.10","483063-6","REMOÇÃO DE JANELAS, DE FORMA MANUAL, SEM REAPROVEITAMENTO. AF_09/2023","m²",7.1,23.1,164.01]
["4.1.11","555140-4","REMOÇÃO DE SOLEIRA, CHAPIM, MOLDURA DE MÁRMORE OU GRANITO.","m²",0.89,18.13,16.13]
["4.1.12","536055-2","REMOÇÃO DE LOUÇAS, DE FORMA MANUAL, SEM REAPROVEITAMENTO. AF_09/2023","un",3,11.8,35.4]
["4.1.13","485907-3","REMOÇÃO DE METAIS SANITÁRIOS, DE FORMA MANUAL, SEM REAPROVEITAMENTO. AF_09/2023","un",3,8.6,25.8]
["4.1.14","572706-5","DEMOLIÇÃO DE ALVENARIA DE BLOCO FURADO, DE FORMA MANUAL, SEM REAPROVEITAMENTO. AF_09/2023","m³",1.26,53.199999999999996,67.03]
["4.1.15","203069-1","DEMOLIÇÃO DE REVESTIMENTO COM ARGAMASSA DE CIMENTO E AREIA.","m²",66.73,10.06,671.3]
["4.1.16","241298-5","RETIRADA DE BALCÃO EM GRANITO OU MÁRMORE.","m²",0.81,23.939999999999998,19.39]
["4.1.17","242837-7","RETIRADA DE DIVISÓRIAS EXISTENTES.","m²",6.57,18.21,119.63]
["4.1.18","203060-8","DEMOLIÇÃO DE PISO CIMENTADO.","m²",9.67,29.47,284.97000000000003]
["4.1.19","490991-7","RETIRADA DE REJUNTE DE REVESTIMENTO CERÂMICO/GRANITO","m²",28.37,15.09,428.1]
["4.1.20","  515763-3","REMOÇÃO DE ESTRUTURA METÁLICA CHUMBADA EM CONCRETO (ALAMBRADO, GUARDA-CORPO).","m²",4.8,60.419999999999995,290.01]
["4.1.21","528880-0","TRANSPORTE HORIZONTAL COM JERICA DE 60 L, DE MASSA/ GRANEL (UNIDADE: M3XKM). AF_07/2019","m³XKm",0.68,1375.92,935.62]
["4.1.22","553633-2","ALUGUEL DE CAÇAMBA ESTACIONÁRIA COM ATÉ 6M³ COM DESTINAÇÃO FINAL DE RESÍDUOS SÓLIDOS.","un",6,490.76,2944.56]
["4.1.23","465159-6","TAXA DE DESCARTE DE RESÍDUOS DA CONSTRUÇÃO CIVIL.","t",51.43,29.05,1494.04]
["4.1.24","502192-8","LIMPEZA DE SUPERFÍCIE COM JATO DE ALTA PRESSÃO. AF_04/2019","m²",155.86000000000001,1.8399999999999999,286.77999999999997]
["4.1.25","555025-4","LIMPEZA DE MÁRMORE/GRANITO EM PAREDE UTILIZANDO DETERGENTE NEUTRO E ESCOVAÇÃO MANUAL. AF_04/2019","m²",6.3,0.92,5.79]
["4.1.26","454806-0","EXECUÇÃO DE DESCUPINIZAÇÃO COM MATERIAL INSETICIDA","m²",216.46,16,3463.36]
["4.2.",null,"VEDAÇÃO / RAMPAS",""]
["4.2.1","566627-9","ALVENARIA DE VEDAÇÃO DE BLOCOS CERÂMICOS FURADOS NA HORIZONTAL DE 14X9X19 CM (ESPESSURA 14 CM, BLOCO DEITADO) E ARGAMASSA DE ASSENTAMENTO COM PREPARO EM BETONEIRA. AF_12/2021","m²",16.43,128.15,2105.5]
["4.2.2","432304-1","CHAPISCO APLICADO EM ALVENARIAS E ESTRUTURAS DE CONCRETO INTERNAS, COM COLHER DE PEDREIRO.  ARGAMASSA TRAÇO 1:3 COM PREPARO EM BETONEIRA 400L. AF_10/2022","m²",78.010000000000005,4.0999999999999996,319.83999999999997]
["4.2.3","601811-4","EMBOÇO, EM ARGAMASSA TRAÇO 1:2:8, PREPARO MECÂNICO, APLICADO MANUALMENTE EM PAREDES INTERNAS DE AMBIENTES COM ÁREA ENTRE 5M² E 10M², E = 17,5MM, COM TALISCAS. AF_03/2024","m²",78.010000000000005,35.200000000000003,2745.95]
["4.2.4","203681-9","ATERRO MOLHADO E APILOAMENTO MANUALMENTE","m³",1.81,105.13999999999999,190.3]
["4.2.5"," 480025-7","FABRICAÇÃO, MONTAGEM E DESMONTAGEM DE FORMA PARA RADIER, PISO DE CONCRETO OU LAJE SOBRE SOLO, EM MADEIRA SERRADA, 4 UTILIZAÇÕES. AF_09/2021","m²",0.7,120.16,84.11]
["4.2.6","565304-5","CONCRETAGEM DE EDIFICAÇÕES (PAREDES E LAJES) FEITAS COM SISTEMA DE FORMAS MANUSEÁVEIS, COM CONCRETO USINADO BOMBEÁVEL FCK= 35MPA - LANÇAMENTO, ADENSAMENTO E ACABAMENTO.","m³",0.76,577.89,439.19]
["4.2.7","430078-5","FORNECIMENTO E INSTALAÇÃO DE TELA AÇO SOLDADA NERVURADA CA-60, Q-61, MALHA 15X15CM, FERRO 3.4MM (0.97 KG/M2), PAINEL 2,45X6,0M, TELCON OU SIMILAR","m²",14.7,20.41,300.02]
["4.2.8","601813-0","FORNECIMENTO E ASSENTAMENTO DE PLACAS DE GRANITO FLAMEADO AMARELO AMÊNDOA, COM ESPESSURA 2CM, ASSENTADO COM ARGAMASSA INDUSTRIALIZADA AC-III E REJUNTADO.","m²",9.4700000000000006,584.93000000000006,5539.28]
["4.2.9","601815-7","EXECUÇÃO E INSTALAÇÃO DE RAMPA EM MADEIRA MASSARANDUBA/MAÇARANDUBA, TIPO DECK, EXECUTADOS COM RÉGUAS (RIPAS OU SARRAFOS APARELHADOS) COM MEDIDA APROXIMADA DE 10 CM DE LARGURA, 2CM DE ESPESSURA E COMPRIMENTOS VARIADOS,  EXECUTADA COM AFASTAMENTO ENTRE RIPAS DE APROXIMADAMENTE 1CM, QUASE JUNTA SECA, CONFORME ESPECIFICADO EM PROJETO. ","m²",4.87,348.69000000000005,1698.12]
["4.2.10","454993-7","VERGA PRÉ-MOLDADA COM ATÉ 1,5 M DE VÃO, ESPESSURA DE *20* CM. AF_03/2024","m",2.6,26.3,68.38]
["4.3.",null,"FORRO",""]
["4.3.1","474409-8","FORRO EM DRYWALL, PARA AMBIENTES COMERCIAIS, INCLUSIVE ESTRUTURA BIRECIONAL DE FIXAÇÃO. AF_08/2023_PS","m²",194.01,68.75,13338.18]
["4.3.2","551708-7","TABICA METÁLICA 3X3 CM PARA FORRO DE GESSO (FORNECIMENTO E MONTAGEM)","m",100.8,23.96,2415.16]
["4.4.",null,"PISOS INTERNOS",""]
["4.4.1","564050-4","LIMPEZA DE PISO CERÂMICO OU PORCELANATO UTILIZANDO DETERGENTE NEUTRO E ESCOVAÇÃO MANUAL. AF_04/2019","m²",18.37,5.0600000000000005,92.95]
["4.4.2","496728-3","SOLEIRA EM GRANITO, LARGURA 15 CM, ESPESSURA 2,0 CM. AF_09/2020","m",1.8,117.13,210.83]
["4.4.3","563864-0","FORNECIMENTO E ASSENTAMENTO DE PORCELANATO PARA PISO OU PAREDE, 74 X 74 CM, ACETINADO, RETIFICADO, TIPO A, LINHA URBAN OFFWHITE, ELIZABETH OU EQUIVALENTE, ASSENTAMENTO COM ARGAMASSA INDUSTRIALIZADA AC-III, COM ESPAÇAMENTO DE 1,5MM E REJUNTADO COM ARGAMASSA DE REJUNTAMENTO FLEXÍVEL E IMPERMEÁVEL, NA COR CINZA PLATINO, EXCLUSIVE REGULARIZAÇÃO DE BASE OU EMBOÇO.","m²",5.6,91,509.6]
["4.4.4","601816-5","ASSENTAMENTO DE CERÂMICA 10X10CM COM ARGAMASSA COLANTE INDUSTRIALIZADA AC-III E REJUNTADA COM ARGAMASSA DE REJUNTAMENTO FLEXÍVEL IMPERMEÁVEL. ","m²",10,29.43,294.3]
["4.4.5","601817-3","ASSENTAMENTO DE CERÂMICA 20X20CM COM ARGAMASSA COLANTE INDUSTRIALIZADA AC-III E REJUNTADA COM ARGAMASSA DE REJUNTAMENTO FLEXÍVEL IMPERMEÁVEL. ","m²",5.54,34.19,189.41]
["4.4.6","525660-7","LIXAMENTO DE MADEIRA PARA APLICAÇÃO DE FUNDO OU PINTURA. AF_01/2021","m²",28.93,1.71,49.47]
["4.4.7","601820-3","APLICAÇÃO MASSA EPÓXI PARA MADEIRA, PARA PINTURA COM TINTA PU DE ACABAMENTO (PIGMENTADA). AF_01/2021","m²",28.93,34.129999999999995,987.38]
["4.4.8","452969-3","APLICAÇÃO DE SINTECO EM PISOS COM MADEIRA","m²",28.93,46.129999999999995,1334.54]
["4.4.9","600552-7","PISO EM TACO DE MADEIRA 7X42CM, FIXADO COM COLA BASE DE PVA. AF_09/2020","m²",2.89,249.24,720.3]
["4.5.",null,"PISOS EXTERNOS",""]
["4.5.1","601831-9","PISO PODOTÁTIL, DIRECIONAL OU ALERTA, SOLIDARIZADO AO PISO EXISTENTE (ELEMENTOS AÇO INOX).","m",12.34,147.26,1817.18]
["4.5.2","601832-7","FORNECIMENTO E ASSENTAMENTO DE PISO EM GRANITO POLIDO AMARELO AMÊNDOA COM 2CM DE ESPESSURA, ACABAMENTO RETO, PARA ÁREA EXTERNA, CONFORME DETALHE.","m²",2.25,595.08999999999992,1338.95]
["4.5.3","429766-0","PISO EM GRANILITE, MARMORITE OU GRANITINA EM AMBIENTES INTERNOS, COM ESPESSURA DE 8 MM, INCLUSO MISTURA EM BETONEIRA, COLOCAÇÃO DAS JUNTAS, APLICAÇÃO DO PISO, 4 POLIMENTOS COM POLITRIZ, ESTUCAMENTO, SELADOR E CERA. AF_06/2022","m²",9.67,86.66,838]
["4.5.4","457826-0","ASSENTAMENTO DE CERÂMICA 20X20CM COM ARGAMASSA COLANTE INDUSTRIALIZADA AC-III E REJUNTADA COM ARGAMASSA DE REJUNTAMENTO FLEXÍVEL IMPERMEÁVEL. ","m²",21.66,34.19,740.55]
["4.6.",null,"REVESTIMENTO DE PAREDE",""]
["4.6.1","601811-4","EMBOÇO, EM ARGAMASSA TRAÇO 1:2:8, PREPARO MECÂNICO, APLICADO MANUALMENTE EM PAREDES INTERNAS DE AMBIENTES COM ÁREA ENTRE 5M² E 10M², E = 17,5MM, COM TALISCAS. AF_03/2024","m²",42.82,35.200000000000003,1507.26]
["4.6.2","438778-3","FORNECIMENTO DE REVESTIMENTO CERÂMICO NA COR BRANCA, ATLAS OU EQUIVALENTE TÉCNICO, DIMENSÕES APROXIMADAS 5X10CM, JUNTA RETA, ASSENTADA EM PISOS/PAREDES/TETOS, NO SENTIDO HORIZONTAL, COM ARGAMASSA COLANTE INDUSTRIALIZADA AC III E REJUNTADA COM ARGAMASSA DE REJUNTAMENTO FLEXÍVEL E IMPERMEÁVEL.","m²",42.82,115.52000000000001,4946.5600000000004]
["4.6.3","601842-4","LIMPEZA DE REVESTIMENTO CERÂMICO EM PAREDE UTILIZANDO DETERGENTE NEUTRO E ESCOVAÇÃO MANUAL. AF_04/2019","m²",135.53,1.5299999999999998,207.36]
["4.6.4","473434-3","FORNECIMENTO E INSTALAÇÃO DE REVESTIMENTO EM CHAPAS DE ALUMÍNIO COMPOSTO 4MM (ACM), COR CHAMPAGNE, INCLUSIVE ESTRUTURA DE FIXAÇÃO, DE ACORDO COM PROJETO DE ARQUITETURA.","m²",230,1112.67,255914.1]
["4.6.5","601844-0","REJUNTAMENTO C/ ARGAMASSA PRÉ-FABRICADA, PARA JUNTAS ENTRE 6MM E 10MM, EM CERÂMICA ATÉ 10x10CM (100 CM²)  DECORATIVA (PAREDE/PISO)","m²",28.37,22.36,634.35]
["4.7.",null,"PINTURA DE PAREDE INTERNA",""]
["4.7.1","432003-4","PREPARO DE SUPERFÍCIE COM LIXAMENTO E APLICAÇÃO DE 01 DEMÃO DE FUNDO PREPARADOR.","m²",287.37,9.26,2661.04]
["4.7.2","441101-3","EMASSAMENTO COM MASSA LÁTEX, APLICAÇÃO EM PAREDE, DUAS DEMÃOS, LIXAMENTO MANUAL. AF_04/2023","m²",287.37,14.99,4307.67]
["4.7.3","432006-9","PINTURA LÁTEX ACRÍLICA PREMIUM, APLICAÇÃO MANUAL EM PAREDES, DUAS DEMÃOS. AF_04/2023","m²",287.37,12.66,3638.1]
["4.8.",null,"PINTURA DE TETO ",""]
["4.8.1","457784-1","FUNDO SELADOR ACRÍLICO, APLICAÇÃO MANUAL EM TETO, UMA DEMÃO. AF_04/2023","m²",216.16,4.6999999999999993,1015.95]
["4.8.2","441105-6","EMASSAMENTO COM MASSA LÁTEX, APLICAÇÃO EM TETO, DUAS DEMÃOS, LIXAMENTO MANUAL. AF_04/2023","m²",216.16,27.75,5998.44]
["4.8.3","441883-2","PINTURA LÁTEX ACRÍLICA PREMIUM, APLICAÇÃO MANUAL EM TETO, DUAS DEMÃOS. AF_04/2023","m²",216.16,14.79,3197]
["4.9.",null,"PINTURA DE PAREDE EXTERNA",""]
["4.9.1","432003-4","PREPARO DE SUPERFÍCIE COM LIXAMENTO E APLICAÇÃO DE 01 DEMÃO DE FUNDO PREPARADOR.","m²",245.73,9.26,2275.4499999999998]
["4.9.2","311013-3","APLICAÇÃO MANUAL DE MASSA ACRÍLICA EM SUPERFÍCIES EXTERNAS DE SACADA DE EDIFÍCIOS DE MÚLTIPLOS PAVIMENTOS, UMA DEMÃO. AF_03/2024","m²",49.15,25.15,1236.1199999999999]
["4.9.3","440977-9","APLICAÇÃO MANUAL DE PINTURA COM TINTA TEXTURIZADA ACRÍLICA EM PANOS COM PRESENÇA DE VÃOS DE EDIFÍCIOS DE MÚLTIPLOS PAVIMENTOS, UMA COR. AF_03/2024","m²",245.73,21.68,5327.42]
["4.10.",null,"PINTURA DE MADEIRA",""]
["4.10.1","525660-7","LIXAMENTO DE MADEIRA PARA APLICAÇÃO DE FUNDO OU PINTURA. AF_01/2021","m²",24.59,1.71,42.04]
["4.10.2","452969-3","APLICAÇÃO DE SINTECO EM PISOS COM MADEIRA","m²",24.59,46.129999999999995,1134.33]
["4.11.",null,"PINTURA ESCADA MEZANINO",""]
["4.11.1","530935-2","PREPARO DO PISO CIMENTADO PARA PINTURA - LIXAMENTO E LIMPEZA. AF_05/2021","m²",14.25,3.29,46.88]
["4.11.2","493499-7","PINTURA DE PISO COM TINTA ACRÍLICA, APLICAÇÃO MANUAL, 3 DEMÃOS, INCLUSO FUNDO PREPARADOR. AF_05/2021","m²",14.25,25.75,366.93]
["4.11.3","521862-4","PINTURA ESMALTE FOSCO (2 DEMÃOS) SOBRE SUPERFICIE METÁLICA, INCLUSIVE PROTEÇÃO COM ZARCÃO (1 DEMÃO).","m²",1.01,45.269999999999996,45.72]
["4.12.",null,"CORRIMÃO / GUARDA CORPO",""]
["4.12.1","602357-6","FORNECIMENTO E INSTALAÇÃO DE CONJUNTO DE GUARDA-CORPO COM CORRIMÃO EM AÇO INOX ESCOVADO EM \"L\", SENDO O GUARDA-CORPO COM DIÂMETRO Ø= DE 1 E 1/2\", ALTURA DE h=1,10 m, LONGARINAS INTERMEDIÁRIAS COM DIÂMETRO Ø= DE 1/2\" COM ALTURAS DE h=0,40 m E h=0,20 m DO PISO, E MONTANTES COM DIÂMETRO Ø= DE 1 E 1/2\" FIXADOS NO PISO. CORRIMÃO DUPLO COM DIÂMETRO Ø= DE 1 E 1/2\", ALTURAS DE h=0,92 m (PARTE SUPERIOR) E h=0,70 m (PARTE INFERIOR). CORRIMÃO INOX PISO - TIPO 1.","m",19.96,1068.57,21328.65]
["4.12.2","476430-7","FORNECIMENTO E INSTALAÇÃO DE CORRIMÃO EM AÇO INOX ESCOVADO DE Ø=1 E 1/2, DUPLO, ALTURAS h= 0,92 (SUPERIOR) E h=0,70 m (INFERIOR) FIXADO NA PAREDE. CORRIMÃO INOX PAREDE - TIPO 2.","m",7.4,289.57,2142.81]
["4.12.3","602358-4","FORNECIMENTO E INSTALAÇÃO DE GUARDA-CORPO EM TUBO DE FERRO GALVANIZADO DE 1,10M DE ALTURA, MONTANTES TUBULARES DE 1.1/2 ESPAÇADOS DE 1,20M, TRAVESSAS SUPERIOR E INFERIOR EM BARRAS HORIZONTAIS DE 2\", COM BARRAS VERTICAIS DE 1\" A CADA 0,11M, FIXADO COM CHUMBADOR MECÂNICO, A SER INSTALADO EM ESCADA HELICOIDAL DE CONCRETO, CONFORME PROJETO","m",4.2,618.6,2598.12]
["4.13.",null,"ESQUADRIAS",""]
["4.13.1","602360-6","KIT DE PORTA-PRONTA DE MADEIRA EM ACABAMENTO MELAMÍNICO BRANCO, FOLHA MÉDIA, 90X210CM, EXCLUSIVE FECHADURA, FIXAÇÃO COM PREENCHIMENTO TOTAL DE ESPUMA EXPANSIVA, INCLUSIVE PLACA DE INOX NA BASE DOS DOIS LADOS H=0,40M, BANHEIRO PPNE,  FORNECIMENTO E INSTALAÇÃO. ","un",2,843.7399999999999,1687.48]
["4.13.2","554055-0","FECHADURA DE EMBUTIR PARA PORTA DE BANHEIRO, COMPLETA, ACABAMENTO PADRÃO MÉDIO, INCLUSO EXECUÇÃO DE FURO - FORNECIMENTO E INSTALAÇÃO. AF_12/2019","un",2,143.85,287.7]
["4.13.3","522989-8","PUXADOR PARA PCD, FIXADO NA PORTA - FORNECIMENTO E INSTALAÇÃO. AF_01/2020","un",4,315.57,1262.28]
["4.13.4","602258-8","FORNECIMENTO E ASSENTAMENTO DE PISO EM GRANITO POLIDO AMARELO AMÊNDOA COM 2CM DE ESPESSURA, ACABAMENTO RETO, PARA ÁREA EXTERNA, CONFORME DETALHE.","m²",0.51,595.08999999999992,303.49]
["4.13.5","555023-8","LIMPEZA DOS VITRAIS DE MARIANNE PERRETI, SEM DANIFICAR O VIDRO.","m²",6.6,30.459999999999997,201.03]
["4.13.6","602270-7","REVISÃO DE 04 ESQUADRIAS (PORTAS EM VIDRO) DO AUDITÓRIO OSCAR PEREIRA CICA COM SUBSTITUIÇÃO DE TODAS AS FERRAGENS E DE 03 MOLAS HIDRÁULICAS.","conj",1,7604.17,7604.17]
["4.13.7","555693-7","PORTA DE ALUMÍNIO DE ABRIR PARA VIDRO SEM GUARNIÇÃO, FIXAÇÃO COM PARAFUSOS, INCLUSIVE VIDROS - FORNECIMENTO E INSTALAÇÃO.","m²",10.19,315.94,3219.42]
["4.13.8","441023-8","JANELA DE ALUMÍNIO DE CORRER COM 2 FOLHAS PARA VIDROS, COM VIDROS, BATENTE, ACABAMENTO COM ACETATO OU BRILHANTE E FERRAGENS. EXCLUSIVE ALIZAR E CONTRAMARCO. FORNECIMENTO E INSTALAÇÃO. AF_12/2019","m²",7.1,188.25,1336.57]
["4.14.",null,"COBERTA",""]
["4.14.1","515767-6","VIGA METÁLICA EM PERFIL LAMINADO OU SOLDADO EM AÇO ESTRUTURAL, COM CONEXÕES PARAFUSADAS, INCLUSOS MÃO DE OBRA, TRANSPORTE E IÇAMENTO UTILIZANDO GUINDASTE - FORNECIMENTO E INSTALAÇÃO.","kg",500,14.33,7165]
["4.14.2","603231-1","LIMPEZA COM ESCOVA MANUAL OU ROTATIVA OU DESENCRUSTADOR PNEUMÁTICO DE AGULHAS, RETIRANDO TODA A CORROSÃO.","m²",337.53,30.82,10402.67]
["4.14.3","502192-8","LIMPEZA DE SUPERFÍCIE COM JATO DE ALTA PRESSÃO. AF_04/2019","m²",337.53,1.8399999999999999,621.04999999999995]
["4.14.4","565395-9","PINTURA DE PROTEÇÃO E/OU ACABAMENTO SOBRE SUPERFÍCIES METÁLICAS COM APLICAÇÃO DE 01 DEMÃO DE PRIMER EPÓXI RICO EM ZINCO, E = 75 MICRAS - R1, COR A DEFINIR COM A FISCALIZAÇÃO.","m²",337.53,40.650000000000006,13720.59]
["4.14.5","602282-0","PINTURA DE PROTEÇÃO E/OU ACABAMENTO SOBRE SUPERFÍCIES METÁLICAS COM APLICAÇÃO DE 02 DEMÃOS DE PRIMER EPÓXI RICO EM ZINCO, E = 150 MICRAS - R1, COR A DEFINIR COM A FISCALIZAÇÃO.","m²",337.53,56.190000000000005,18965.810000000001]
["4.14.6","602376-2","PINTURA COM TINTA EPOXÍDICA DE ACABAMENTO APLICADA A ROLO OU PINCEL SOBRE PERFIL METÁLICO EXECUTADO EM OBRA (02 DEMÃOS).","m²",337.53,46.64,15742.39]
["4.14.7","444511-2","TELHAMENTO COM TELHA METÁLICA TERMOACÚSTICA E = 30 MM, COM ATÉ 2 ÁGUAS, INCLUSO IÇAMENTO. AF_07/2019","m²",350.35,223.59,78334.75]
["4.14.8","531827-0","FORNECIMENTO E INSTALAÇÃO DE CUMEEIRA TERMOACÚSTICA","m",24.53,142.95000000000002,3506.56]
["4.15.",null,"PATOLOGIA ESTRUTURAL ",""]
["4.15.1","602377-0","COSTURA EM Z DE TRINCA EM ALVENARIA DE TIJOLO","m",10,16.78,167.8]
["4.16.",null,"LOUÇAS, METAIS, ACABAMENTOS E ACESSÓRIOS SANITÁRIOS",""]
["4.16.1","457548-2","VASO SANITARIO SIFONADO CONVENCIONAL PARA PCD SEM FURO FRONTAL COM  LOUÇA BRANCA SEM ASSENTO -  FORNECIMENTO E INSTALAÇÃO. AF_01/2020","un",2,697.58999999999992,1395.18]
["4.16.2","513981-3","ASSENTO SANITÁRIO CONVENCIONAL - FORNECIMENTO E INSTALACAO. AF_01/2020","un",2,30,60]
["4.16.3","533299-0","FORNECIMENTO DE VÁLVULA DE DESCARGA LINHA BENEFIT, DIÂMETRO 1 1/4\", REFERÊNCIA 184906, FABRICAÇÃO DOCOL OU EQUIVALENTE.","un",2,952.87,1905.74]
["4.16.4","442617-7","FORNECIMENTO E INSTALAÇÃO DE TORNEIRA DE MESA PARA LAVATÓRIO ACIONAMENTO MANUAL E FECHAMENTO AUTOMÁTICO, FABRIMAR OU EQUIVALENTE. (WC'S)","un",2,169.73,339.46]
["4.16.5","430699-6","FORNECIMENTO E INSTALAÇÃO DE LAVATÓRIO DE PAREDE COM COLUNA SUSPENSA EM LOUÇA BRANCA, DIM. 44,5X35,5CM, REFERÊNCIA: L510 + C510, LINHA CONFORTO DA DECA OU EQUIVALENTE - BANHEIROS PARA PCD, INCLUSOS VÁLVULA, SIFÃO E ENGATE FLEXÍVEL CROMADOS/ INOX.","cj",2,875.66000000000008,1751.32]
["4.16.6","457553-9","PAPELEIRA DE PAREDE EM METAL CROMADO SEM TAMPA, INCLUSO FIXAÇÃO. AF_01/2020","un",2,84.13000000000001,168.26]
["4.16.7","602379-7","FORNECIMENTO DE ESPELHO CRISTAL 4MM, COLOCADO SOBRE CHAPAS DE ISOPOR, FIXADO COM PARAFUSO DE LATÃO, INCLUSIVE ASSENTAMENTO","m²",0.9,374.07,336.66]
["4.16.8","518965-9","BARRA DE APOIO EM \"L\", EM ACO INOX POLIDO 70 X 70 CM, FIXADA NA PAREDE - FORNECIMENTO E INSTALACAO. AF_01/2020","un",2,583.4,1166.8]
["4.16.9","513792-6","BARRA DE APOIO EM \"L\", EM ACO INOX POLIDO 80 X 80 CM, FIXADA NA PAREDE - FORNECIMENTO E INSTALACAO. AF_01/2020","un",4,631.25,2525]
["4.16.10","495524-2","BARRA DE APOIO RETA, EM ACO INOX POLIDO, COMPRIMENTO 40CM, FIXADA NA PORTA - FORNECIMENTO E INSTALAÇÃO.","un",4,269.25,1077]
["4.17.",null,"INSTALAÇÕES HIDROSSANITÁRIAS",""]
["4.17.1.",null,"PONTOS DE ÁGUA FRIA / TUBULAÇÃO DE ÁGUA FRIA",""]
["4.17.1.1","525095-1","TUBO, PVC, SOLDÁVEL, DN 40MM, INSTALADO EM RAMAL OU SUB-RAMAL DE ÁGUA - FORNECIMENTO E INSTALAÇÃO. INCLUSIVE  RASGO E CHUMBAMENTO EM ALVENARIA","m",3.4,49.32,167.68]
["4.17.1.2","441033-5","REGISTRO DE GAVETA BRUTO, LATÃO, ROSCÁVEL, 1 1/4\", COM ACABAMENTO E CANOPLA CROMADOS - FORNECIMENTO E INSTALAÇÃO. AF_08/2021","un",2,147.17000000000002,294.33999999999997]
["4.17.1.3","438726-0","TUBO, PVC, SOLDÁVEL, DE 40MM, INSTALADO EM RAMAL DE DISTRIBUIÇÃO DE ÁGUA - FORNECIMENTO E INSTALAÇÃO. AF_06/2022","m",3.36,22,73.92]
["4.17.1.4","602825-0","FIXAÇÃO DE TUBOS HORIZONTAIS DE PVC ÁGUA, PVC ESGOTO, PVC ÁGUA PLUVIAL, CPVC, PPR, COBRE OU AÇO, DIÂMETROS MENORES OU IGUAIS A 40 MM, COM ABRAÇADEIRA METÁLICA RÍGIDA TIPO U PERFIL 1 1/4\", FIXADA EM PERFILADO EM LAJE. AF_09/2023_PS","m",3.36,10.57,35.51]
["4.17.1.5","516517-2","PONTO DE CONSUMO TERMINAL DE ÁGUA FRIA (SUBRAMAL) COM TUBULAÇÃO DE PVC, DN 25 MM, INSTALADO EM RAMAL DE ÁGUA, INCLUSOS RASGO E CHUMBAMENTO EM ALVENARIA. INCLUSIVE CONEXÕES. PARA WC AUDITÓRIO OSCAR PEREIRA (CICA).","un",2,80.449999999999989,160.9]
["4.17.1.6","602826-8","PONTO DE CONSUMO TERMINAL DE ÁGUA FRIA (SUBRAMAL) COM TUBULAÇÃO DE PVC, DN 40 MM, INSTALADO EM RAMAL DE ÁGUA, INCLUSOS RASGO E CHUMBAMENTO EM ALVENARIA. INCLUSIVE CONEXÕES. PARA WC AUDITÓRIO OSCAR PEREIRA (CICA).","un",2,152.25,304.5]
["4.17.2.",null,"PONTOS DE ESGOTO / TUBULAÇÃO DE ESGOTO / RAMAIS DE DESCARGA, RAMAIS DE ESGOTO E SUBCOLETORES",""]
["4.17.2.1","455085-4","PONTO DE ESGOTO PARA BACIA SANITÁRIA COM TUBO DE PVC RÍGIDO SOLDÁVEL DE 100 MM DE DIÂMETRO. BANHEIRO AUDITÓRIO OSCAR PEREIRA (CICA).","un",2,73.31,146.62]
["4.17.2.2","455089-7","PONTO DE ESGOTO COM TUBO DE PVC RÍGIDO SOLDÁVEL DE Ø 40 MM PARA LAVATÓRIOS. AUDITÓRIO OSCAR PEREIRA (CICA).","un",2,38.1,76.2]
["4.17.2.3","283531-2","PONTO DE ESGOTO COM TUBO DE PVC RÍGIDO SOLDÁVEL DE Ø 50 MM PARA RALO. AUDITÓRIO OSCAR PEREIRA (CICA).","un",2,27.970000000000002,55.94]
["4.17.2.4","577811-5","PONTO DE ESGOTO COM TUBO DE PVC RÍGIDO SOLDÁVEL DE Ø 100 MM PARA COLETORES E SUB-COLETORES. AUDITÓRIO OSCAR PEREIRA (CICA).","un",2,93.61,187.22]
["4.17.2.5","489514-2","SERVIÇO DE RASGO LINEAR MECANIZADO E RECOMPOSIÇÃO DE PISO PARA PONTOS DE ESGOTO/RAMAIS DE INSTALAÇÕES HIDRÁULICAS, DIÂMETROS MAIORES QUE 75 MM OU IGUAIS A 100 MM. ","m",8.1999999999999993,38.58,316.35000000000002]
["4.17.2.6","430105-6","SERVIÇO DE RASGO LINEAR MECANIZADO E RECOMPOSIÇÃO DE PISO PARA PONTOS DE ESGOTO/RAMAIS DE INSTALAÇÕES HIDRÁULICAS, DIÂMETROS MENORES OU IGUAIS A 40 MM. ","m",1.6,20.91,33.450000000000003]
["4.17.2.7","600818-6","SERVIÇO DE RASGO LINEAR MECANIZADO E RECOMPOSIÇÃO DE PISO PARA PONTOS DE ESGOTO/RAMAIS DE INSTALAÇÕES HIDRÁULICAS, DIÂMETROS MAIORES QUE 40 MM E MENORES OU IGUAIS A 75 MM. ","m",0.8,29.029999999999998,23.22]
["4.17.3.",null,"CAPTAÇÃO DE ÁGUA PLUVIAL DA COBERTA",""]
["4.17.3.1","470097-0","FORNECIMENTO E INSTALAÇÃO DE RALO HEMISFÉRICO EM PLÁSTICO DIÂMETRO DE 100MM.","un",4,44.1,176.4]
["4.17.3.2","442035-7","CALHA EM CHAPA DE AÇO GALVANIZADO NÚMERO 24, DESENVOLVIMENTO DE 100 CM, INCLUSO TRANSPORTE VERTICAL. AF_07/2019","m",50,138.54,6927]
["4.17.3.3","429516-1","TUBO PVC, SÉRIE R, ÁGUA PLUVIAL, DN 100 MM, FORNECIDO E INSTALADO EM CONDUTORES VERTICAIS DE ÁGUAS PLUVIAIS, INCLUSIVE CONEXÕES. FORNECIMENTO E INSTALAÇÃO.","m",21,105.31,2211.5100000000002]
["4.17.3.4","602838-1","TUBO PVC, SÉRIE R, ÁGUA PLUVIAL, DN 100 MM, FORNECIDO E INSTALADO EM RAMAL DE ENCAMINHAMENTO, INCLUSIVE ABERTURA E FECHAMENTO DE VALA. AUDITÓRIO OSCAR PEREIRA (CICA).","m",10,194.35,1943.5]
["4.17.4.",null,"SISTEMA DE DRENAGEM DE AR CONDICIONADOS",""]
["4.17.4.1","602839-0","TUBO, PVC, SOLDÁVEL, DN 25MM ISOLADO COM TUBO ESPONJOSO DE 3/4'', INSTALADO EM DRENO DE AR-CONDICIONADO - FORNECIMENTO E INSTALAÇÃO. ","m",15,25.79,386.85]
["4.17.4.2","602840-3","TUBO, PVC, SOLDÁVEL, DN 40 MM, INSTALADO EM DRENO DE AR CONDICIONADO - FORNECIMENTO E INSTALAÇÃO","m",24,27.91,669.84]
["4.17.4.3","602841-1","RASGO LINEAR MECANIZADO EM ALVENARIA, PARA RAMAIS/ DISTRIBUIÇÃO DE INSTALAÇÕES HIDRÁULICAS, DIÂMETROS MENORES OU IGUAIS A 40 MM. AF_09/2023","m",24,6.3000000000000007,151.19999999999999]
["4.17.4.4","456915-6","CHUMBAMENTO LINEAR EM ALVENARIA PARA RAMAIS/DISTRIBUIÇÃO DE INSTALAÇÕES HIDRÁULICAS COM DIÂMETROS MENORES OU IGUAIS A 40 MM. AF_09/2023","m",24,13.81,331.44]
["4.17.4.5","431835-8","TUBO, PVC, SOLDÁVEL, DE 75MM, INSTALADO EM PRUMADA DE ÁGUA - FORNECIMENTO E INSTALAÇÃO. AF_06/2022","m",9,37.67,339.03]
["4.17.4.6","460469-5","ESCAVAÇÃO MANUAL DE VALA. AF_09/2024","m³",0.36,79.67,28.68]
["4.17.4.7","479123-1","REATERRO MANUAL APILOADO COM SOQUETE.","m³",0.36,55.64,20.03]
["4.17.4.8","526264-0","REASSENTAMENTO DE PARALELEPÍPEDOS, REJUNTAMENTO COM PÓ DE PEDRA, COM REAPROVEITAMENTO DOS PARALELEPÍPEDOS - INCLUSO RETIRADA E COLOCAÇÃO DO MATERIAL. AF_12/2020","m²",0.3,62.25,18.670000000000002]
["4.17.4.9","596246-3","TUBO, PVC, SOLDÁVEL, DE 50MM, INSTALADO EM RAMAL DE DISTRIBUIÇÃO DE ÁGUA - FORNECIMENTO E INSTALAÇÃO. AF_06/2022","m",6,25.14,150.84]
["4.17.4.10","570449-9","JOELHO 90 GRAUS, PVC, SERIE R, ÁGUA PLUVIAL, DN 40 MM, JUNTA SOLDÁVEL, FORNECIDO E INSTALADO EM RAMAL DE ENCAMINHAMENTO. AF_06/2022","un",15,6.7600000000000007,101.4]
["4.17.4.11","603201-0","JOELHO 45 GRAUS, PVC, SERIE R, ÁGUA PLUVIAL, DN 40 MM, JUNTA SOLDÁVEL, FORNECIDO E INSTALADO EM RAMAL DE ENCAMINHAMENTO. AF_06/2022","un",1,6.83,6.83]
["4.17.4.12","256610-9","BUCHA DE REDUÇÃO, CURTA, PVC, SOLDÁVEL, DN 50 X 40 MM, INSTALADO EM RAMAL DE DISTRIBUIÇÃO DE ÁGUA - FORNECIMENTO E INSTALAÇÃO. AF_06/2022","un",5,11.16,55.8]
["4.17.4.13","603204-4","JUNÇÃO SIMPLES, PVC, SERIE R, ÁGUA PLUVIAL, DN 50 MM, JUNTA ELÁSTICA, FORNECIDO E INSTALADO EM RAMAL DE ENCAMINHAMENTO. AF_06/2022","un",2,30.42,60.84]
["4.17.4.14","570566-5","JUNÇÃO DE REDUÇÃO INVERTIDA, PVC, SÉRIE NORMAL, ESGOTO PREDIAL, DN 75 X 50 MM, JUNTA ELÁSTICA, FORNECIDO E INSTALADO EM PRUMADA DE ESGOTO SANITÁRIO OU VENTILAÇÃO. AF_08/2022","un",1,27.08,27.08]
["4.17.4.15","500710-0","REDUÇÃO EXCÊNTRICA, PVC, SERIE R, DN 75 X 50 MM, JUNTA ELÁSTICA, FORNECIDO E INSTALADO EM SISTEMA DE AR CONDICIONADO.","un",1,17.240000000000002,17.239999999999998]
["4.17.4.16","432673-3","LUVA SOLDÁVEL E COM ROSCA, PVC, SOLDÁVEL, DN 25MM X 3/4 , INSTALADO EM RAMAL OU SUB-RAMAL DE ÁGUA - FORNECIMENTO E INSTALAÇÃO. AF_06/2022","un",5,6.24,31.2]
["4.17.4.17","410003-4","BUCHA DE REDUÇÃO, LONGA, PVC, SOLDÁVEL, DN 40 X 25 MM, INSTALADO EM PRUMADA DE ÁGUA - FORNECIMENTO E INSTALAÇÃO. AF_06/2022","un",5,6.69,33.450000000000003]
["4.17.4.18","441882-4","JOELHO 90 GRAUS, PVC, SOLDÁVEL, DN 25MM, INSTALADO EM DRENO DE AR-CONDICIONADO - FORNECIMENTO E INSTALAÇÃO. AF_08/2022","un",5,6.41,32.049999999999997]
["4.17.5.",null,"DESTINO FINAL DE ESGOTO - CAIXAS DE GORDURA, COLETORA, SUB-COLETORA E OUTRAS DO DESTINO FINAL DE ESGOTO",""]
["4.17.5.1","603236-2","CAIXA DE INSPEÇÃO DE ALV. BLOCO CERÂMICO 9X19X39CM, DIM, 60X60CM E HMÁX = 1M, COM TAMPA EM CONCRETO ESP. 5CM, LASTRO DE CONCRETO ESP. 10CM, REVESTIDA INTERNAMENTE COM CHAPISCO E REBOCO IMPERMEABILIZADO, INCLUSIVE ESCAVAÇÃO, REATERRO E ENCHIMENTO.","un",7,581.19000000000005,4068.33]
["4.17.5.2","455720-4","TUBO PVC, SÉRIE R, ÁGUA PLUVIAL, DN 100 MM, FORNECIDO E INSTALADO EM RAMAL DE ENCAMINHAMENTO. AF_06/2022","m",21,41.72,876.12]
["4.18.",null,"INSTALAÇÕES ELÉTRICAS",""]
["4.18.1.",null,"CONDUTOS",""]
["4.18.1.1","438046-0","PERFILADO PERFURADO, GALVANIZADO, DIM.: 38X38MM,CHAPA 18,  INCLUSIVE CONEXÕES, ACESSÓRIOS DE DERIVAÇÃO, MATERIAIS PARA FIXAÇÃO E SUSTENTAÇÃO. FORNECIMENTO E INSTALAÇÃO.            ","m",192,57.56,11051.52]
["4.18.1.2","401377-8","ELETRODUTO RÍGIDO ROSCÁVEL, EM PVC, DN 25 MM (3/4\"), COM LUVA DE ROSCA INTERNA E CONEXÕES, INSTALADO EM FORRO.  FORNECIMENTO E INSTALAÇÃO.","m",66,22.85,1508.1]
["4.18.1.3","401393-0","ELETRODUTO RÍGIDO ROSCÁVEL, EM PVC, DN 50 MM (1 1/2\"), COM LUVA DE ROSCA INTERNA E CONEXÕES, INSTALADO EM FORRO.  FORNECIMENTO E INSTALAÇÃO.","m",20.6,39.629999999999995,816.37]
["4.18.1.4","401379-4","ELETRODUTO RÍGIDO ROSCÁVEL, PVC, DN 32 MM (1\"), COM LUVA DE ROSCA INTERNA E CONEXÕES, INSTALAÇÃO ENTERRADA, INCLUINDO ESCAVAÇÃO E REATERRO.  FORNECIMENTO E INSTALAÇÃO.","m",10,35.53,355.3]
["4.18.1.5","398125-8","ELETRODUTO FLEXÍVEL CORRUGADO, EM PVC, DN 25 MM (3/4\"), INSTALADO EM PAREDE, INCLUINDO RASGOS EM ALVENARIA.  FORNECIMENTO E INSTALAÇÃO.","m",7.4,16.62,122.98]
["4.18.1.6","330579 - 1","RETIRADA ELETROCALHA EXISTENTE.","m",150,42.519999999999996,6378]
["4.18.2.",null,"CONDUTORES",""]
["4.18.2.1","520989-7","CABO DE COBRE FLEXÍVEL, TÊMPERA MOLE E ENCORDOAMENTO CLASSES 4 E 5, SEÇÃO NOMINAL DE 10 MM², ISOLAÇÃO ANTI-CHAMA EM COMPOSTO TERMOPLÁSTICO NÃO HALOGENADO, COM BAIXA EMISSÃO DE FUMAÇA, 0,6/1,0KV - 70ºC, INCLUSIVE INSTALAÇÃO.","m",63.2,19.82,1252.6199999999999]
["4.18.2.2","501262-7","CABO DE COBRE FLEXÍVEL, TÊMPERA MOLE E ENCORDOAMENTO CLASSES 4 E 5, SEÇÃO NOMINAL DE 16 MM², ISOLAÇÃO ANTI-CHAMA EM COMPOSTO TERMOPLÁSTICO NÃO HALOGENADO, COM BAIXA EMISSÃO DE FUMAÇA, 0,6/1,0KV - 70ºC, INCLUSIVE INSTALAÇÃO.","m",24,28.37,680.88]
["4.18.2.3","564671-5","CABO DE COBRE NU, TÊMPERA MEIO-DURO, ENCORDOAMENTO CLASSE 2A/3A, SEÇÃO NOMINAL DE 16 MM², PARA ATERRAMENTO, INCLUSIVE INSTALAÇÃO.","m",8.5,23.02,195.67]
["4.18.3.",null,"CAIXAS / CONDULETES",""]
["4.18.3.1","410151-0","CAIXA RETANGULAR 4X4\", EM PVC, INSTALADA EM TETO. FORNECIMENTO E INSTALAÇÃO.","un",12,13.17,158.04]
["4.18.3.2","564385-6","FORNECIMENTO TAMPA CEGA, 4X4 POL., COR BEGE, NA LINHA PIAL PLUS OU EQUIVALENTE, INCLUSIVE INSTALAÇÃO.","un",16,3.7,59.2]
["4.18.3.3","550428-7","CAIXA OCTOGONAL 4X4\", EM PVC, INSTALADA EM TETO. FORNECIMENTO E INSTALAÇÃO.","un",60,15.07,904.2]
["4.18.3.4","564436-4","CAIXA RETANGULAR 4X2\", EM PVC, INSTALADA EM ALVENARIA. FORNECIMENTO E INSTALAÇÃO.","un",29,16.38,475.02]
["4.18.3.5","599667-8","CAIXA DE PASSAGEM DE ALVENARIA DE BLOCOS CERÂMICOS 10 FUROS 10X20X20CM, DIMENSÃO DE 30X30X30CM, COM REVESTIMENTO INTERNO EM CHAPISCO E REBOCO, TAMPA DE CONCRETO ESP. 5CM E LASTRO DE BRITA 5CM","un",6,124.02,744.12]
["4.18.3.6","508309-5","CONDULETE DE ALUMÍNIO COM TAMPA, TIPO L, PARA ELETRODUTO ROSCÁVEL DE 1.1/2\", APARENTE, INCLUSIVE ACESSÓRIOS DE FIXAÇÃO. FORNECIMENTO E INSTALAÇÃO.","un",2,60.36,120.72]
["4.18.3.7","508076-2","CONDULETE DE ALUMÍNIO COM TAMPA, TIPO T, PARA ELETRODUTO ROSCÁVEL DE 1.1/2\", APARENTE, INCLUSIVE ACESSÓRIOS DE FIXAÇÃO. FORNECIMENTO E INSTALAÇÃO.","un",1,72.400000000000006,72.400000000000006]
["4.18.3.8","603274-5","CONDULETE DE ALUMÍNIO COM TAMPA, TIPO L, PARA ELETRODUTO ROSCÁVEL DE 1\", APARENTE, INCLUSIVE ACESSÓRIOS DE FIXAÇÃO. FORNECIMENTO E INSTALAÇÃO.","un",2,37.69,75.38]
["4.18.3.9","497496-4","CONDULETE DE ALUMÍNIO COM TAMPA, TIPO T, PARA ELETRODUTO ROSCÁVEL DE 1\", APARENTE, INCLUSIVE ACESSÓRIOS DE FIXAÇÃO. FORNECIMENTO E INSTALAÇÃO.","un",4,44.269999999999996,177.08]
["4.18.3.10","584356-1","CAIXA RETANGULAR 4X4\", EM PVC, INSTALADA EM ALVENARIA. FORNECIMENTO E INSTALAÇÃO.","un",4,19.939999999999998,79.760000000000005]
["4.18.3.11","603278-8","FORNECIMENTO E INSTALAÇÃO DE SONOFLETOR (ARANDELA ) DE EMBUTIR DE 6 POL., DO TIPO COAXIAL, COM POTÊNCIA DE 25W (RMS), TIPO JBL OU EQUIVALENTE, INCLUSIVE ASSENTAMENTO EM FORRO E DEMAIS ACESSÓRIOS.","un",6,227.09,1362.54]
["4.18.4.",null,"INTERRUPTORES E TOMADAS",""]
["4.18.4.1","480029-0","INTERRUPTOR SIMPLES DE UMA SEÇÃO PARA CAIXA 4X2\", COMPOSTO POR SUPORTE, PLACA PARA UM POSTO E UM MÓDULO DE INTERRUPTOR SIMPLES, COR BEGE, LINHA PIALPLUS OU EQUIVALENTE. FORNECIMENTO E INSTALAÇÃO.","un",8,26.18,209.44]
["4.18.4.2","592282-8","INTERRUPTOR SIMPLES DE DUAS SEÇÕES PARA CAIXA 4X2\", COMPOSTO POR SUPORTE, PLACA PARA DOIS POSTOS E DOIS MÓDULOS DE INTERRUPTOR SIMPLES, COR BEGE, LINHA PIALPLUS OU EQUIVALENTE. FORNECIMENTO E INSTALAÇÃO.","un",1,43.1,43.1]
["4.18.4.3","603391-1","INTERRUPTOR SIMPLES DE TRÊS SEÇÕES PARA CAIXA 4X2\", COMPOSTO POR SUPORTE, PLACA PARA TRÊS POSTOS E TRÊS MÓDULOS DE INTERRUPTOR SIMPLES, COR BEGE, LINHA PIALPLUS OU EQUIVALENTE. FORNECIMENTO E INSTALAÇÃO.","un",2,60.45,120.9]
["4.18.4.4","603395-4","TOMADA PARA CAIXA 4X2\", COMPOSTA POR SUPORTE, PLACA PARA UM POSTO E UM MÓDULO DE TOMADA 2P+T, 10A, 250V, COR BEGE, LINHA PIALPLUS OU EQUIVALENTE. FORNECIMENTO E INSTALAÇÃO.","un",9,25.73,231.57]
["4.18.4.5","599772-0","TOMADA PARA CAIXA 4X2\", COMPOSTA POR SUPORTE, PLACA PARA UM POSTO E UM MÓDULO DE TOMADA 2P+T, 20A, 250V, COR BEGE, LINHA PIALPLUS OU EQUIVALENTE. FORNECIMENTO E INSTALAÇÃO.","un",2,27.61,55.22]
["4.18.4.6","603401-2","TOMADA DUPLA PARA CAIXA 4X2\", COMPOSTA POR SUPORTE, PLACA PARA DOIS POSTOS E DOIS MÓDULOS DE TOMADA 2P+T, 10A, 250V, COR BEGE, LINHA PIALPLUS OU EQUIVALENTE. FORNECIMENTO E INSTALAÇÃO.","un",7,43.95,307.64999999999998]
["4.18.5.",null,"LUMINÁRIAS",""]
["4.18.5.1","497642-8","LUMINÁRIA DE EMBUTIR P/ 02 (DUAS) LÂMPADAS LED DE 18W, SEM ALOJAMENTO; CORPO EM CHAPA DE AÇO GALVANIZADO C/ PINTURA ELETROSTÁTICA EM PÓ DE POLIÉSTER EPÓXI; REFLETOR FACETADO EM ALUMÍNIO ANODIZADO DE ALTA PUREZA E REFLETÂNCIA; ALETAS PARABÓLICAS EM ALUMÍNIO; SOQUETES EM POLICARBONATO; INCLUSIVE LÂMPADAS LED TUBULAR 2X18W, 220V, DEMAIS ACESSÓRIOS E INSTALAÇÃO.","un",4,150.68,602.72]
["4.18.5.2","603408-0","LUMINÁRIA DE SOBREPOR P/ 02 (DUAS) LÂMPADAS LED DE 18W, SEM ALOJAMENTO; CORPO EM CHAPA DE AÇO GALVANIZADO C/ PINTURA ELETROSTÁTICA EM PÓ DE POLIÉSTER EPÓXI; REFLETOR FACETADO EM ALUMÍNIO ANODIZADO DE ALTA PUREZA E REFLETÂNCIA; ALETAS PARABÓLICAS EM ALUMÍNIO; SOQUETES EM POLICARBONATO; INCLUSIVE LÂMPADAS LED TUBULAR, 2X18W, 220V, DEMAIS ACESSÓRIOS E INSTALAÇÃO.","un",3,180.26000000000002,540.78]
["4.18.5.3","603617-1","PERFIL LED EM ALUMÍNIO DE SOBREPOR PARA FITA DE LED 3M (20X20MM). ","m",54,39.5,2133]
["4.18.5.4","603641-4","FITA LED ECO 12V 12W/M, IP20, 4000K - FORNECIMENTO E INSTALAÇÃO. REFERÊNCIA STELLA OU EQUIVALENTE.","m",54,51.54,2783.16]
["4.18.5.5","603416-0","FORNECIMENTO E INSTALAÇÃO DE FONTE (DRIVE) 12V ECO 60W OU EQUIVALENTE PARA FITA LED.","un",11,107.45,1181.95]
["4.18.5.6","430981-2","LUMINÁRIA CIRCULAR DE EMBUTIR PARA 02 LÂMPADAS LED BULBO DE 10W, COM ARO DE ACABAMENTO EM CHAPA DE AÇO PINTADA, REFLETOR EM ALUMÍNIO REPUXADO E ANODIZADO DE ALTA PUREZA E REFLETÂNCIA, SOQUETES EM POLICARBONATO, COM VIDRO DIFUSOR TEMPERADO JATEADO CENTRAL (DIÂMETRO EXTERNO APROX. DO VIDRO 21,0 CM) E DEMAIS ACESSÓRIOS, INCLUSIVE DUAS LÂMPADAS LED 2X10W, E27, 220V, 5000K. FORNECIMENTO E INSTALAÇÃO.","un",2,130.72999999999999,261.45999999999998]
["4.18.5.7","599727-5","LUMINÁRIA ARANDELA TIPO TARTARUGA EM ALUMÍNIO NA COR BRANCA, COM GRADE, PARA UMA LÂMPADA BASE E27, INCLUSIVE LÂMPADA LED BULBO DE 10W, E27, 220V, 5000K. FORNECIMENTO E INSTALAÇÃO.  ","un",13,100.6,1307.8]
["4.18.5.8","603418-7","LUMINÁRIA QUADRADA DE EMBUTIR, DE 36W, 625X625MM CORPO EM CHAPA DE AÇO, ACABAMENTO EM TINTA PÓ POLIÉSTER DE ALTA RESISTÊNCIA NA COR BRANCA MICROTEXTURIZADA, ALETAS PARABÓLICAS E REFLETORES EM ALUMÍNIO ALTO BRILHO, DIFUSOR DE ACRÍLICO TRANSLÚCIDO. REF. LUMICENTER, ITAIM, STILLUX OU EQUIVALENTE.","un",19,221.58999999999997,4210.21]
["4.18.6.",null,"QUADROS / PROTEÇÃO",""]
["4.18.6.1","431745-9","QUADRO DE DISTRIBUIÇÃO DE ENERGIA DE EMBUTIR, EM CHAPA METÁLICA, PARA 24 DISJUNTORES TERMOMAGNÉTICOS MONOPOLARES, PADRÃO DIN, COM BARRAMENTO TRIFÁSICO (100A), GUIA PARA DISJUNTOR GERAL, BARRAS DE NEUTRO E TERRA E DEMAIS ACESSÓRIOS. FORNECIMENTO E INSTALAÇÃO.","un",1,498.07,498.07]
["4.18.6.2","520892-0","QUADRO DE DISTRIBUIÇÃO DE ENERGIA DE SOBREPOR, EM CHAPA METÁLICA, PARA 18 DISJUNTORES TERMOMAGNÉTICOS MONOPOLARES, PADRÃO DIN, COM BARRAMENTO TRIFÁSICO (100A), GUIA PARA DISJUNTOR GERAL, BARRAS DE NEUTRO E TERRA E DEMAIS ACESSÓRIOS. FORNECIMENTO E INSTALAÇÃO.","un",1,457.85,457.85]
["4.18.6.3","465547-8","INTERRUPTOR DIFERENCIAL RESIDUAL (DR) BIPOLAR DE 25A, IN 30MA, SIEMENS OU EQUIVALENTE, INCLUSIVE TERMINAIS A COMPRESSÃO EM COBRE ESTANHADO. FORNECIMENTO E INSTALAÇÃO.","un",1,161.78,161.78]
["4.18.6.4","519824-0","DISPOSITIVO DPS CLASSE II, 1 POLO, 275V, 40KA, INCLUINDO TERMINAIS A COMPRESSÂO EM COBRE ESTANHADO. FORNECIMENTO E INSTALAÇÃO.","un",4,124.42,497.68]
["4.18.6.5","470442-8","DISJUNTOR TRIPOLAR TIPO DIN, CORRENTE NOMINAL DE 25A - FORNECIMENTO E INSTALAÇÃO. AF_10/2020","un",5,83.669999999999987,418.35]
["4.18.6.6","504435-9","DISJUNTOR TRIPOLAR TIPO DIN, CORRENTE NOMINAL DE 50A - FORNECIMENTO E INSTALAÇÃO. AF_10/2020","un",2,103.69,207.38]
["4.18.6.7","534211-2","DISJUNTOR TRIPOLAR TIPO DIN, CORRENTE NOMINAL DE 63A - FORNECIMENTO E INSTALAÇÃO.","un",1,137.63,137.63]
["4.18.6.8","484169-7","DISJUNTOR MONOPOLAR TIPO DIN, CORRENTE NOMINAL DE 10A - FORNECIMENTO E INSTALAÇÃO. AF_10/2020","un",8,12.75,102]
["4.18.7.",null,"ATERRAMENTO",""]
["4.18.7.1","376578-4","HASTE DE ATERRAMENTO (TIPO COPPERWELD) DE 5/8\" X 3,0 M COM CONECTOR. FORNECIMENTO E INSTALAÇÃO","un",3,107.33,321.99]
["4.18.7.2","534436-0","SOLDA EXOTÉRMICA PARA CABO-HASTE - FORNECIMENTO E INSTALAÇÃO.","un",6,58.39,350.34]
["4.18.7.3","509228-0","TERMINAL METÁLICO DE PRESSÃO PARA CABO DE 16MM², COM 1 FURO DE FIXAÇÃO. FORNECIMENTO E INSTALAÇÃO.","un",1,20.86,20.86]
["4.18.8.",null,"PONTOS",""]
["4.18.8.1",null,"PONTO DE LUZ EM TETO/PAREDE, COMPOSTO POR FIAÇÃO EM CABO DE COBRE FLEXÍVEL DE 2,5MM², COM ISOLAÇÃO EM COMPOSTO TERMOPLÁSTICO POLIOLEFÍNICO NÃO HALOGENADO, NÃO PROPAGANTE À CHAMA, COM BAIXA EMISSÃO DE FUMAÇA E GASES TÓXICOS E CLASSE TÉRMICA 70° C (AFUMEX, ATOX, AFITOX OU EQUIVALENTE (NÃO-HALOGENADO), ISOLAÇÃO 750V E DEMAIS ACESSÓRIOS - FORNECIMENTO E INSTALAÇÃO."," pt",59,37.519999999999996,2213.6799999999998]
["4.18.8.2",null,"PONTO PARA INTERRUPTOR SIMPLES DE UMA SEÇÃO EM ALVENARIA, COMPOSTO POR FIAÇÃO EM CABO DE COBRE FLEXÍVEL DE 2,5MM², COM ISOLAÇÃO EM COMPOSTO TERMOPLÁSTICO POLIOLEFÍNICO NÃO HALOGENADO, NÃO PROPAGANTE À CHAMA, COM BAIXA EMISSÃO DE FUMAÇA E GASES TÓXICOS E CLASSE TÉRMICA 70° C (AFUMEX, ATOX, AFITOX OU EQUIVALENTE (NÃO-HALOGENADO) E ISOLAÇÃO 750V E DEMAIS ACESSÓRIOS - FORNECIMENTO E INSTALAÇÃO."," pt",8,11.4,91.2]
["4.18.8.3",null,"PONTO PARA INTERRUPTOR DE DUAS SEÇÕES EM ALVENARIA, COMPOSTO POR FIAÇÃO EM CABO DE COBRE FLEXÍVEL DE 2,5MM², COM ISOLAÇÃO EM COMPOSTO TERMOPLÁSTICO POLIOLEFÍNICO NÃO HALOGENADO, NÃO PROPAGANTE À CHAMA, COM BAIXA EMISSÃO DE FUMAÇA E GASES TÓXICOS E CLASSE TÉRMICA 70° C (AFUMEX, ATOX, AFITOX OU EQUIVALENTE (NÃO-HALOGENADO) E ISOLAÇÃO 750V E DEMAIS ACESSÓRIOS - FORNECIMENTO E INSTALAÇÃO."," pt",1,22.8,22.8]
["4.18.8.4",null,"PONTO PARA INTERRUPTOR DE TRÊS SEÇÕES EM ALVENARIA, COMPOSTO POR FIAÇÃO EM CABO DE COBRE FLEXÍVEL DE 2,5MM², COM ISOLAÇÃO EM COMPOSTO TERMOPLÁSTICO POLIOLEFÍNICO NÃO HALOGENADO, NÃO PROPAGANTE À CHAMA, COM BAIXA EMISSÃO DE FUMAÇA E GASES TÓXICOS E CLASSE TÉRMICA 70° C (AFUMEX, ATOX, AFITOX OU EQUIVALENTE (NÃO-HALOGENADO) E ISOLAÇÃO 750V E DEMAIS ACESSÓRIOS - FORNECIMENTO E INSTALAÇÃO."," pt",2,34.21,68.42]
["4.18.8.5",null,"PONTO PARA TOMADA 2P+T EM ALVENARIA, COMPOSTO POR FIAÇÃO EM CABO DE COBRE FLEXÍVEL DE 2,5MM², COM ISOLAÇÃO EM COMPOSTO TERMOPLÁSTICO POLIOLEFÍNICO NÃO HALOGENADO, NÃO PROPAGANTE À CHAMA, COM BAIXA EMISSÃO DE FUMAÇA E GASES TÓXICOS E CLASSE TÉRMICA 70° C (AFUMEX, ATOX, AFITOX OU EQUIVALENTE (NÃO-HALOGENADO) E ISOLAÇÃO 750V E DEMAIS ACESSÓRIOS - FORNECIMENTO E INSTALAÇÃO."," pt",18,145.60999999999999,2620.98]
["4.18.8.6",null,"PONTO DE FORÇA PARA CONDENSADORA COMPOSTO POR FIAÇÃO EM CABO DE COBRE FLEXÍVEL DE 4,0MM², COM ISOLAÇÃO EM COMPOSTO TERMOPLÁSTICO POLIOLEFÍNICO NÃO HALOGENADO, NÃO PROPAGANTE À CHAMA, COM BAIXA EMISSÃO DE FUMAÇA E GASES TÓXICOS E CLASSE TÉRMICA 70° C (AFUMEX, ATOX, AFITOX OU EQUIVALENTE (NÃO-HALOGENADO) E ISOLAÇÃO 750V, ELETRODUTO METÁLICO DE 1\" E ACESSÓRIOS ATÉ O QUADRO DE DISTRIBUIÇÃO - FORNECIMENTO E INSTALAÇÃO."," pt",5,308.11,1540.55]
["4.19.",null,"INSTALAÇÕES DE PREVENÇÃO E COMBATE A INCÊNDIO",""]
["4.19.1.",null,"SISTEMA DE EXTINTORES",""]
["4.19.1.1","523226-0","EXTINTOR DE INCÊNDIO PORTÁTIL COM CARGA DE PQS DE 6 KG, CLASSE BC - FORNECIMENTO E INSTALAÇÃO. AF_10/2020_PE","un",8,288.8,2310.4]
["4.19.1.2","231754-0","FORNECIMENTO E INSTALAÇÃO DE SUPORTE DE PAREDE PARA EXTINTORES.","un",8,16.329999999999998,130.63999999999999]
["4.19.2.",null,"SISTEMA DE ILUMINAÇÃO E SINALIZAÇÃO DE EMERGÊNCIA",""]
["4.19.2.1",null,"FORNECIMENTO E INSTALAÇÃO DE LUMINÁRIA AUTÔNOMA DE SOBREPOR P/ACLARAMENTO OU BALIZAMENTO MOD.LAU 2X11 C/2 LÂMPADAS 11W E BATERIA SELADA.","un",9,541.29000000000008,4871.6099999999997]
["4.19.2.2","491851-7","FORNECIMENTO E INSTALAÇÃO DE PLACA DE SINALIZAÇÃO DE SEGURANÇA CONTRA INCÊNDIO, FOTOLUMINESCENTE, RETANGULAR, *13 X 26* CM, EM PVC *2* MM ANTI-CHAMAS (SÍMBOLOS, CORES E PICTOGRAMAS CONFORME NBR 13434); SAÍDA LATERAL VERMELHA.","un",5,48.86,244.3]
["4.19.2.3","545971-0","FORNECIMENTO E INSTALAÇÃO DE PLACA DE SINALIZAÇÃO DE SEGURANÇA CONTRA INCÊNDIO, FOTOLUMINESCENTE, QUADRADA, *20 X 20* CM, EM PVC *2* MM ANTI-CHAMAS (SÍMBOLOS, CORES E PICTOGRAMAS CONFORME NBR 13434).","un",11,55.32,608.52]
["4.19.2.4",null,"FORNECIMENTO E INSTALAÇÃO DE CORRIMÃO EM TUBO DE AÇO INOX COM DIÂMETRO DE 1 E 1/2\", COM CHUMBADORES PARA FIXAÇÃO EM ALVENARIA.","m",100,130.04999999999998,13005]
["4.19.3.",null,"MARCAÇÃO NO PISO PARA HIDRANTE E EXTINTORES",""]
["4.19.3.1","529311-1","PINTURA DE PISO COM TINTA ACRÍLICA, APLICAÇÃO MANUAL, 2 DEMÃOS, INCLUSO FUNDO PREPARADOR. AF_05/2021","m²",9,20.329999999999998,182.97]
["4.19.4.",null,"REDE DE HIDRANTES E SPRINKLERS",""]
["4.19.4.1",null,"FORNECIMENTO E INSTALAÇÃO DE TUBO DE AÇO GALVANIZADO COM COSTURA, CLASSE MÉDIA, CONEXÃO ROSQUEADA, DN65 (2.1/2\"), INSTALADO EM REDE DE ALIMENTAÇÃO PARA HIDRANTE E SPRINKLER COM ABERTURA E FECHAMENTO DE VALAS.","m",5,114.63000000000001,573.15]
["4.19.4.2",null,"JOELHO 90 GRAUS, EM FERRO GALVANIZADO, CONEXÃO ROSQUEADA, DN 100 (4\"), INSTALADO EM REDE DE ALIMENTAÇÃO PARA SPRINKLER E HIDRANTE- FORNECIMENTO E INSTALAÇÃO.","un",2,289.94,579.88]
["4.19.4.3",null,"FORNECIMENTO E INSTALAÇÃO DE ABRIGO PARA MANGUEIRAS E HIDRANTE, TIPO SOBREPOR, DIMENSÕES 75X45X17CM, PORTA COM VISOR EM ACRÍLICO COM A INSCRIÇÃO \"INCÊNDIO\" E CESTO FIXO, PINTADO COM PINTURA ELETROESTÁTICA NA COR VERMELHA, INCLUSIVE REGISTRO GLOBO ANGULAR 45° Ø2.1/2\", 02 MANGUEIRAS Ø1.1/2\" COM 15M, ADAPTADOR STORZ Ø2.1/2\" X Ø1.1/2\", CHAVE STORZ, ESGUICHO REGULÁVEL 40MM E TAMPÃO DE ENGATE RÁPIDO COM CORRENTE Ø2.1/2\".","un",1,2595.8500000000004,2595.85]
["4.19.4.4","501931-1","TUBO DE AÇO GALVANIZADO COM COSTURA, CLASSE MÉDIA, DN 65 (2 1/2\"), CONEXÃO ROSQUEADA, INSTALADO EM REDE DE ALIMENTAÇÃO PARA HIDRANTE - FORNECIMENTO E INSTALAÇÃO. AF_10/2020","m",2,87.580000000000013,175.16]
["4.20.",null,"SPDA",""]
["4.20.1.",null,"CONDUTOS",""]
["4.20.1.1",null,"ELETRODUTO RÍGIDO ROSCÁVEL, EM PVC, DN 32 MM (1\"), COM LUVA DE ROSCA INTERNA E CONEXÕES, INSTALAÇÃO APARENTE, FIXADO COM ABRAÇADEIRA.  FORNECIMENTO E INSTALAÇÃO.","m",18,27.92,502.56]
["4.20.2.",null,"CONDUTORES",""]
["4.20.2.1",null,"CORDOALHA EM CABO DE COBRE NU, TÊMPERA MEIO-DURO, ENCORDOAMENTO CLASSE 2, SEÇÃO NOMINAL DE 35 MM², NÃO ENTERRADA, FIXADA COM PRESILHA DE LATÃO PARA CABO DE 35 MM², INCLUSIVE PARAFUSO EM AÇO INOX FENDA, BUCHA NYLON E VEDAÇÃO DOS FUROS COM SELANTE POLIURETANO, MARCA DE REF. TERMOTÉCNICA OU EQUIVALENTE. FORNECIMENTO E INSTALAÇÃO.","m",120.21,56.84,6832.73]
["4.20.2.2",null,"CORDOALHA EM CABO DE COBRE NU, TÊMPERA MEIO-DURO, ENCORDOAMENTO CLASSE 2, SEÇÃO NOMINAL DE 50 MM², NÃO ENTERRADA, FIXADA COM PRESILHA DE LATÃO PARA CABO DE 50 MM², INCLUSIVE PARAFUSO EM AÇO INOX FENDA, BUCHA NYLON E VEDAÇÃO DOS FUROS COM SELANTE POLIURETANO, MARCA DE REF. TERMOTÉCNICA OU EQUIVALENTE. FORNECIMENTO E INSTALAÇÃO.","m",5,75.740000000000009,378.7]
["4.20.2.3",null,"CABO DE COBRE NU, TÊMPERA MEIO-DURO, ENCORDOAMENTO CLASSE 2A/3A, SEÇÃO NOMINAL DE 50 MM², PARA ATERRAMENTO, INSTALADO EM VALA COM 0,5 M DE PROFUNDIDADE, INCLUSIVE ESCAVAÇÃO E REATERRO.","m",106.76,80.66,8611.26]
["4.20.3.",null,"CAPTAÇÃO E ATERRAMENTO",""]
["4.20.3.1",null,"CAIXA DE PASSAGEM DE ALVENARIA DE BLOCOS CERÂMICOS 10 FUROS 10X20X20CM, DIMENSÃO DE 30X30X30CM, COM REVESTIMENTO INTERNO EM CHAPISCO E REBOCO, TAMPA DE CONCRETO ESP. 5CM E LASTRO DE BRITA 5CM","un",10,124.02,1240.2]
["4.20.3.2","156973-2","HASTE DE ATERRAMENTO (TIPO COPPERWELD) DE 5/8\" X 2,40 M. FORNECIMENTO E INSTALAÇÃO","un",10,38.910000000000004,389.1]
["4.20.3.3",null,"FORNECIMENTO E INSTALAÇÃO DE CONECTOR REFORÇADO EM BRONZE REF. TEL-580 OU EQUIVALENTE.","un",10,66.459999999999994,664.6]
["4.20.3.4","494918-8","FORNECIMENTO E INSTALAÇÃO DE TERMINAL AÉREO EM AÇO GALVANIZADO A FOGO H=250MM X Ø3/8\" COM FIXAÇÃO HORIZONTAL, SEM BANDEIRINHA TEL - 044 OU EQUIVALENTE.","un",61,28.53,1740.33]
["4.20.3.5",null,"CAIXA DE INSPEÇÃO SUSPENSA EM POLIPROPILENO, COM TAMPA, ANTI-UV E ANTI-CHAMA (REF. TEL 541) E CONECTOR DE MEDIÇÃO EM BRONZE COM 4 PARAFUSOS PARA CABO DE COBRE 16-70MM² (REF. TEL-560) TERMOTÉCNICA OU EQUIVALENTE. FORNECIMENTO E INSTALAÇÃO.","un",6,125.73,754.38]
["4.20.3.6",null,"CONECTOR SPLIT-BOLT, PARA SPDA, PARA CABOS ATÉ 35 MM2 - FORNECIMENTO E INSTALAÇÃO. AF_08/2023","un",12,21.45,257.39999999999998]
["5.",null,"EDF. ITAMAR PEREIRA - BLOCO C",""]
["5.1.",null,"DEMOLIÇÃO / REMOÇÃO",""]
["5.1.1","485902-2","REMOÇÃO DE PORTAS, DE FORMA MANUAL, SEM REAPROVEITAMENTO. AF_09/2023","m²",15.36,8.94,137.31]
["5.1.2","483063-6","REMOÇÃO DE JANELAS, DE FORMA MANUAL, SEM REAPROVEITAMENTO. AF_09/2023","m²",1.32,23.1,30.49]
["5.1.3","445841-9","RETIRADA DE GRADE DE FERRO.","m²",15.36,9.1,139.77000000000001]
["5.1.4",null,"DEMOLIÇÃO DE RODAPÉ EM GRANITO/ MÁRMORE.","m",9.61,9.4699999999999989,91]
["5.1.5","203062-4","DEMOLIÇÃO DE REVESTIMENTO DE PISO COM LADRILHO HIDRÁULICO OU CERÂMICO.","m²",94.92,15.85,1504.48]
["5.1.6","491823-1","DEMOLIÇÃO DE RODAPÉ CERÂMICO, DE FORMA MANUAL, SEM REAPROVEITAMENTO. AF_09/2023","m",21.2,2.4299999999999997,51.51]
["5.1.7","483431-3","REMOÇÃO DE TELHAS DE FIBROCIMENTO, METÁLICA E CERÂMICA, DE FORMA MECANIZADA, COM USO DE GUINDASTE, SEM REAPROVEITAMENTO. AF_09/2023","m²",128.51,4.3,552.59]
["5.1.8","572706-5","DEMOLIÇÃO DE ALVENARIA DE BLOCO FURADO, DE FORMA MANUAL, SEM REAPROVEITAMENTO. AF_09/2023","m³",0.17,53.199999999999996,9.0399999999999991]
["5.1.9",null,"DEMOLIÇÃO DE ARGAMASSAS, DE FORMA MANUAL, SEM REAPROVEITAMENTO. AF_09/2023","m²",134.55000000000001,10.700000000000001,1439.68]
["5.1.10","508866-6","TRANSPORTE VERTICAL DE ENTULHOS/MATERIAIS A GRANEL","m³",15.67,86.600000000000009,1357.02]
["5.1.11","528880-0","TRANSPORTE HORIZONTAL COM JERICA DE 60 L, DE MASSA/ GRANEL (UNIDADE: M3XKM). AF_07/2019","m³XKm",0.09,1375.92,123.83]
["5.1.12","553633-2","ALUGUEL DE CAÇAMBA ESTACIONÁRIA COM ATÉ 6M³ COM DESTINAÇÃO FINAL DE RESÍDUOS SÓLIDOS.","un",3,490.76,1472.28]
["5.1.13","465159-6","TAXA DE DESCARTE DE RESÍDUOS DA CONSTRUÇÃO CIVIL.","t",23.51,29.05,682.96]
["5.2.",null,"VEDAÇÃO",""]
["5.2.1","554953-1","ALVENARIA DE VEDAÇÃO DE BLOCOS CERÂMICOS FURADOS NA HORIZONTAL DE 9X19X19 CM (ESPESSURA 9 CM) E ARGAMASSA DE ASSENTAMENTO COM PREPARO EM BETONEIRA. AF_12/2021","m²",12.52,81,1014.12]
["5.2.2","432304-1","CHAPISCO APLICADO EM ALVENARIAS E ESTRUTURAS DE CONCRETO INTERNAS, COM COLHER DE PEDREIRO.  ARGAMASSA TRAÇO 1:3 COM PREPARO EM BETONEIRA 400L. AF_10/2022","m²",193.12,4.0999999999999996,791.79]
["5.2.3","469973-4","EMBOÇO, EM ARGAMASSA TRAÇO 1:2:8, PREPARO MECÂNICO, APLICADO MANUALMENTE EM PAREDES INTERNAS DE AMBIENTES COM ÁREA ENTRE 5M² E 10M², E = 17,5MM, COM TALISCAS. AF_03/2024","m²",159.6,35.200000000000003,5617.92]
["5.2.4","505587-3","PAREDE COM SISTEMA EM CHAPAS DE GESSO PARA DRYWALL, USO INTERNO, COM DUAS FACES SIMPLES E ESTRUTURA METÁLICA COM GUIAS DUPLAS PARA PAREDES COM ÁREA LÍQUIDA MAIOR OU IGUAL A 6 M2, COM VÃOS. AF_07/2023_PS","m²",106.93,129.5,13847.43]
["5.2.5",null,"FORNECIMENTO E INSTALAÇÃO DE ISOLAMENTO COM LÃ DE ROCHA EM PAREDES DRYWALL. (DENSIDADE = 32 KG/M³, ESPESSURA =50MM).","m²",106.93,67.680000000000007,7237.02]
["5.2.6","454993-7","VERGA PRÉ-MOLDADA COM ATÉ 1,5 M DE VÃO, ESPESSURA DE *20* CM. AF_03/2024","m",4.8,26.3,126.24]
["5.3.",null,"REVESTIMENTO DE PISO INTERNO",""]
["5.3.1","551572-6","REGULARIZAÇÃO DE PISO COM ARGAMASSA DE CIMENTO E AREIA, TRAÇO 1:4, E=3CM, PARA REVESTIMENTO DE PISO.","m²",94.99,42.11,4000.02]
["5.3.2",null,"FORNECIMENTO E ASSENTAMENTO DE PORCELANATO PARA PISO OU PAREDE, 74 X 74 CM, ACETINADO, RETIFICADO, TIPO A, LINHA URBAN OFFWHITE, ELIZABETH OU EQUIVALENTE, ASSENTAMENTO COM ARGAMASSA INDUSTRIALIZADA AC-III, COM ESPAÇAMENTO DE 1,5MM E REJUNTADO COM ARGAMASSA DE REJUNTAMENTO FLEXÍVEL E IMPERMEÁVEL, NA COR CINZA PLATINO, EXCLUSIVE REGULARIZAÇÃO DE BASE OU EMBOÇO.","m²",94.99,91,8644.09]
["5.3.3","496728-3","SOLEIRA EM GRANITO, LARGURA 15 CM, ESPESSURA 2,0 CM. AF_09/2020","m",3.6,117.13,421.66]
["5.3.4",null,"FORNECIMENTO E INSTALAÇÃO DE RODAPÉ EM GRANITO CINZA ANDORINHA, ALTURA 13 CM. ","m",76.319999999999993,59.03,4505.16]
["5.3.5",null,"FORNECIMENTO E ASSENTAMENTO DE RODAPÉ 10 X 74 CM, EM PORCELANATO ELIZABETH URBAN OFF WHITE OU SIMILAR, APLICADO COM ARGAMASSA INDUSTRIALIZADA AC-III, REJUNTADO COM REJUNTE NA COR DA PLACA","m",62.72,10.620000000000001,666.08]
["5.4.",null,"FORRO",""]
["5.4.1","474409-8","FORRO EM DRYWALL, PARA AMBIENTES COMERCIAIS, INCLUSIVE ESTRUTURA BIRECIONAL DE FIXAÇÃO. AF_08/2023_PS","m²",90.42,68.75,6216.37]
["5.5.",null,"PINTURA DE PAREDE INTERNA",""]
["5.5.1","432003-4","FUNDO SELADOR ACRÍLICO, APLICAÇÃO MANUAL EM PAREDE, UMA DEMÃO. AF_04/2023","m²",175.7,3.81,669.41]
["5.5.2","441101-3","EMASSAMENTO COM MASSA LÁTEX, APLICAÇÃO EM PAREDE, DUAS DEMÃOS, LIXAMENTO MANUAL. AF_04/2023","m²",175.7,14.99,2633.74]
["5.5.3","432006-9","PINTURA LÁTEX ACRÍLICA PREMIUM, APLICAÇÃO MANUAL EM PAREDES, DUAS DEMÃOS. AF_04/2023","m²",175.7,12.66,2224.36]
["5.6.",null,"PINTURA DE TETO",""]
["5.6.1","457784-1","FUNDO SELADOR ACRÍLICO, APLICAÇÃO MANUAL EM TETO, UMA DEMÃO. AF_04/2023","m²",90.42,4.6999999999999993,424.97]
["5.6.2","441105-6","EMASSAMENTO COM MASSA LÁTEX, APLICAÇÃO EM TETO, DUAS DEMÃOS, LIXAMENTO MANUAL. AF_04/2023","m²",90.42,27.75,2509.15]
["5.6.3","413972-0","PINTURA LÁTEX ACRÍLICA ECONÔMICA, APLICAÇÃO MANUAL EM TETO, DUAS DEMÃOS. AF_04/2023","m²",90.42,11.1,1003.66]
["5.7.",null,"PINTURA PAREDES EXTERNAS",""]
["5.7.1","432003-4","PREPARO DE SUPERFÍCIE COM LIXAMENTO E APLICAÇÃO DE 01 DEMÃO DE FUNDO PREPARADOR.","m²",352.54,9.26,3264.52]
["5.7.2","311013-3","APLICAÇÃO MANUAL DE MASSA ACRÍLICA EM SUPERFÍCIES EXTERNAS DE SACADA DE EDIFÍCIOS DE MÚLTIPLOS PAVIMENTOS, UMA DEMÃO. AF_03/2024","m²",70.510000000000005,25.15,1773.32]
["5.7.3","440977-9","APLICAÇÃO MANUAL DE PINTURA COM TINTA TEXTURIZADA ACRÍLICA EM PANOS COM PRESENÇA DE VÃOS DE EDIFÍCIOS DE MÚLTIPLOS PAVIMENTOS, UMA COR. AF_03/2024","m²",352.54,21.68,7643.06]
["5.8.",null,"ESQUADRIAS",""]
["5.8.1",null,"KIT DE PORTA-PRONTA DE MADEIRA EM ACABAMENTO EM LAMINADO MELAMÍNICO CONFORME PROJETO, FOLHA MÉDIA, 90X210CM, EXCLUSIVE FECHADURA, FIXAÇÃO COM PREENCHIMENTO TOTAL DE ESPUMA EXPANSIVA, FORNECIMENTO E INSTALAÇÃO. ","un",4,674.9799999999999,2699.92]
["5.8.2",null,"FORNECIMENTO E INSTALAÇÃO DE ESQUADRIA, JANELA DE CORRER AUTOPORTANTE DE VIDRO TEMPERADO 8MM INCOLOR COM PELÍCULA DE SERGURANÇA, SENDO CADA JANELA COM 4 FOLHAS (DUAS FIXAS E DUAS DE CORRER) COM AS SEGUINTES MEDIDAS: JA1: 3,38 x 1,20 m, JA2: 3,47 x 1,20 m JA3: 3,47 x 1,20 m, JA4: 3,34 x 1,20 m. INCLUINDO KIT FERRAGENS.","m²",16.39,1096.28,17968.02]
["5.8.3",null,"FECHADURA DE EMBUTIR PARA PORTAS INTERNAS, COMPLETA, ACABAMENTO PADRÃO MÉDIO, COM EXECUÇÃO DE FURO - FORNECIMENTO E INSTALAÇÃO. AF_12/2019","un",4,143.85,575.4]
["5.9.",null,"COBERTA",""]
["5.9.1",null,"TELHAMENTO COM TELHA ONDULADA DE FIBROCIMENTO E = 6 MM, COM RECOBRIMENTO LATERAL DE 1 1/4 DE ONDA PARA TELHADO COM INCLINAÇÃO MÁXIMA DE 10°, COM ATÉ 2 ÁGUAS, INCLUSO IÇAMENTO. AF_07/2019","m²",128.51,54.370000000000005,6987.08]
["5.9.2",null,"IMPERMEABILIZAÇÃO DE SUPERFÍCIE COM ARGAMASSA POLIMÉRICA / MEMBRANA ACRÍLICA, 3 DEMÃOS. AF_09/2023","m²",196.8,30.369999999999997,5976.81]
["5.9.3","489584-3","IMPERMEABILIZAÇÃO DE SUPERFÍCIE COM MANTA ASFÁLTICA, UMA CAMADA, INCLUSIVE APLICAÇÃO DE PRIMER ASFÁLTICO, E=4MM. AF_09/2023","m²",33.520000000000003,112.86,3783.06]
["5.9.4","518167-4","PROTEÇÃO MECÂNICA DE SUPERFICIE HORIZONTAL COM ARGAMASSA DE CIMENTO E AREIA, TRAÇO 1:3, E=3CM. AF_09/2023","m²",7.02,48.83,342.78]
["5.9.5","515356-5","PROTEÇÃO MECÂNICA DE SUPERFÍCIE VERTICAL COM ARGAMASSA DE CIMENTO E AREIA, TRAÇO 1:3, E=3CM. AF_09/2023","m²",26.5,66.739999999999995,1768.61]
["5.9.6","551771-0","IMPERMEABILIZAÇÃO COM MANTA LÍQUIDA DE BASE ASFALTICA, APLICAÇÃO A FRIO 2 DEMÃOS","m²",9.14,42.129999999999995,385.06]
["5.9.7",null,"FORNECIMENTO E MONTAGEM DE ESTRUTURA METÁLICA PARA COBERTURA DE EDIFICAÇÕES COM ESTRUTURA DE APOIO."," kg",1820.3,47.489999999999995,86446.04]
["5.9.8","444511-2","TELHAMENTO COM TELHA METÁLICA TERMOACÚSTICA E = 30 MM, COM ATÉ 2 ÁGUAS, INCLUSO IÇAMENTO. AF_07/2019","m²",95.06,223.59,21254.46]
["5.9.9","429831-4","RUFO EM CONCRETO ARMADO, FCK=20 MPA, LARGURA 30CM, ESPESSURA 5CM.","m",27.72,37.909999999999997,1050.8599999999999]
["5.9.10","440994-9","FABRICAÇÃO DE FÔRMA PARA VIGAS, EM CHAPA DE MADEIRA COMPENSADA RESINADA, E = 17 MM. AF_09/2020","m²",1.2,114.84,137.80000000000001]
["5.9.11","565304-5","CONCRETAGEM DE EDIFICAÇÕES (PAREDES E LAJES) FEITAS COM SISTEMA DE FORMAS MANUSEÁVEIS, COM CONCRETO USINADO BOMBEÁVEL FCK= 35MPA - LANÇAMENTO, ADENSAMENTO E ACABAMENTO.","m³",0.09,577.89,52.01]
["5.9.12","581322-0","FORNECIMENTO E INSTALAÇÃO DE CHAPIM SOBRE MUROS LINEARES, EM CONCRETO PRÉ-MOLDADO, L = 24 CM, ASSENTADO COM ARGAMASSA.","m",169.52,32.25,5467.02]
["5.9.13",null,"GUARDA-CORPO DE AÇO GALVANIZADO DE 1,10M, MONTANTES TUBULARES DE 1.1/4\" ESPAÇADOS DE 1,20M, TRAVESSA SUPERIOR DE 1.1/2\", GRADIL FORMADO POR TUBOS HORIZONTAIS DE 1\" E VERTICAIS DE 3/4\", FIXADO COM CHUMBADOR MECÂNICO. AF_04/2019_PS","m",14.05,501.13,7040.87]
["5.9.14",null,"TAMPA EM CHAPA XADREZ DE FERRO GALVANIZADO DIM: 80X80CM, INCLUSIVE CANTONEIRA \"L\" DE 2\" X 3/16\" E JUNTAS DE VEDAÇÃO","un",1,472.73,472.73]
["5.9.15",null,"RECUPERAÇÃO DE BASE PARA TAMPA DE INSPEÇÃO","un",1,73.88,73.88]
["5.9.16",null,"LIXAMENTO MANUAL EM SUPERFÍCIES METÁLICAS EM OBRA. AF_01/2020","m²",14.59,8.620000000000001,125.76]
["5.9.17","521862-4","PINTURA ESMALTE FOSCO (2 DEMÃOS) SOBRE SUPERFICIE METÁLICA, INCLUSIVE PROTEÇÃO COM ZARCÃO (1 DEMÃO).","m²",14.59,45.269999999999996,660.48]
["5.10.",null,"PATOLOGIA ESTRUTURAL",""]
["5.10.1",null,"COSTURA EM Z DE TRINCA EM ALVENARIA DE TIJOLO","m",22,16.78,369.16]
["5.11.",null,"INSTALAÇÕES HIDROSSANITÁRIAS",""]
["5.11.1.",null,"CAPTAÇÃO DE ÁGUA PLUVIAL DA COBERTA"]
["5.11.1.1","470097-0","FORNECIMENTO E INSTALAÇÃO DE RALO HEMISFÉRICO EM PLÁSTICO DIÂMETRO DE 100MM.","un",1,44.1,44.1]
["5.11.1.2","442035-7","CALHA EM CHAPA DE AÇO GALVANIZADO NÚMERO 24, DESENVOLVIMENTO DE 100 CM, INCLUSO TRANSPORTE VERTICAL. AF_07/2019","m",7,138.54,969.78]
["5.11.1.3","442057-8","TUBO PVC, SÉRIE R, ÁGUA PLUVIAL, DN 100 MM, FORNECIDO E INSTALADO EM CONDUTORES VERTICAIS DE ÁGUAS PLUVIAIS. AF_06/2022","m",10,26.99,269.89999999999998]
["5.11.1.4",null,"RASGO LINEAR MECANIZADO EM CONCRETO, PARA RAMAIS/ DISTRIBUIÇÃO DE INSTALAÇÕES HIDRÁULICAS, DIÂMETROS MAIORES QUE 75 MM E MENORES OU IGUAIS A 100 MM. AF_09/2023","m",3,11.78,35.340000000000003]
["5.11.1.5","442112-4","ESCAVAÇÃO MANUAL DE VALA. AF_09/2024","m³",0.24,79.67,19.12]
["5.11.1.6","479123-1","REATERRO MANUAL APILOADO COM SOQUETE.","m³",0.24,55.64,13.35]
["5.11.1.7",null,"LUVA SIMPLES, PVC, SERIE R, ÁGUA PLUVIAL, DN 100 MM, JUNTA ELÁSTICA, FORNECIDO E INSTALADO EM RAMAL DE ENCAMINHAMENTO. AF_06/2022","un",1,24.15,24.15]
["5.11.1.8",null,"JOELHO 90 GRAUS, PVC, SERIE R, ÁGUA PLUVIAL, DN 100 MM, JUNTA ELÁSTICA, FORNECIDO E INSTALADO EM CONDUTORES VERTICAIS DE ÁGUAS PLUVIAIS. AF_06/2022","un",1,39.119999999999997,39.119999999999997]
["5.11.2.",null,"DRENOS DE AR-CONDICIONADO",""]
["5.11.2.1",null,"TUBO, PVC, SOLDÁVEL, DN 25MM ISOLADO COM TUBO ESPONJOSO DE 3/4'', INSTALADO EM DRENO DE AR-CONDICIONADO - FORNECIMENTO E INSTALAÇÃO. ","m",12,25.79,309.48]
["5.11.2.2",null,"TUBO, PVC, SOLDÁVEL, DN 40 MM, INSTALADO EM DRENO DE AR CONDICIONADO - FORNECIMENTO E INSTALAÇÃO","m",38,24.240000000000002,921.12]
["5.11.2.3",null,"TUBO, PVC, SOLDÁVEL, DE 50MM, INSTALADO EM PRUMADA DE ÁGUA - FORNECIMENTO E INSTALAÇÃO. AF_06/2022","m",9.5,14.52,137.94]
["5.11.2.4",null,"TUBO PVC, SERIE NORMAL, ESGOTO PREDIAL, DN 100 MM, FORNECIDO E INSTALADO EM RAMAL DE DESCARGA OU RAMAL DE ESGOTO SANITÁRIO. AF_08/2022","m",4,32.83,131.32]
["5.11.2.5",null,"CURVA 90 GRAUS, PVC, SOLDÁVEL, DN 40MM, INSTALADO EM PRUMADA DE ÁGUA - FORNECIMENTO E INSTALAÇÃO. AF_06/2022","un",4,15.84,63.36]
["5.11.2.6",null,"JOELHO 90 GRAUS, PVC, SOLDÁVEL, DN 40MM, INSTALADO EM PRUMADA DE ÁGUA - FORNECIMENTO E INSTALAÇÃO. AF_06/2022","un",8,10.93,87.44]
["5.11.2.7",null,"JOELHO 90 GRAUS, PVC, SOLDÁVEL, DN 50MM, INSTALADO EM PRUMADA DE ÁGUA - FORNECIMENTO E INSTALAÇÃO. AF_06/2022","un",5,11.940000000000001,59.7]
["5.11.2.8",null,"JOELHO 45 GRAUS, PVC, SOLDÁVEL, DN 40MM, INSTALADO EM PRUMADA DE ÁGUA - FORNECIMENTO E INSTALAÇÃO. AF_06/2022","un",1,10.98,10.98]
["5.11.2.9",null,"BUCHA DE REDUÇÃO, CURTA, PVC, SOLDÁVEL, DN 50 X 40 MM, INSTALADO EM PRUMADA DE ÁGUA - FORNECIMENTO E INSTALAÇÃO. AF_06/2022","un",2,8.24,16.48]
["5.11.2.10",null,"TÊ, PVC, SOLDÁVEL, DN 50 MM, INSTALADO EM DRENO DE AR CONDICIONADO - FORNECIMENTO E INSTALAÇÃO. ","un",1,16.239999999999998,16.239999999999998]
["5.11.2.11",null,"JUNÇÃO SIMPLES PVC PARA INSTALAÇÕES HIDROSSANITÁRIAS 100X50 MM. FORNECIDO E INSTALADO.","un",1,43.86,43.86]
["5.11.2.12",null,"REDUÇÃO EXCÊNTRICA, PVC, SERIE R, DN 100 X 50 MM, FORNECIDO E INSTALADO EM SISTEMA DE DRENAGEM DE AR CONDICIONADO.","un",1,19.84,19.84]
["5.11.2.13",null,"RASGO LINEAR MECANIZADO EM ALVENARIA, PARA RAMAIS/ DISTRIBUIÇÃO DE INSTALAÇÕES HIDRÁULICAS, DIÂMETROS MENORES OU IGUAIS A 40 MM. AF_09/2023","m",20,6.3000000000000007,126]
["5.11.2.14","456915-6","CHUMBAMENTO LINEAR EM ALVENARIA PARA RAMAIS/DISTRIBUIÇÃO DE INSTALAÇÕES HIDRÁULICAS COM DIÂMETROS MENORES OU IGUAIS A 40 MM. AF_09/2023","m",20,13.81,276.2]
["5.11.2.15",null,"RASGO LINEAR MECANIZADO EM ALVENARIA, PARA RAMAIS/ DISTRIBUIÇÃO DE INSTALAÇÕES HIDRÁULICAS, DIÂMETROS MAIORES QUE 40 MM E MENORES OU IGUAIS A 75 MM. AF_09/2023","m",2,7.2799999999999994,14.56]
["5.11.2.16",null,"CHUMBAMENTO LINEAR EM ALVENARIA PARA RAMAIS/DISTRIBUIÇÃO DE INSTALAÇÕES HIDRÁULICAS COM DIÂMETROS MAIORES QUE 40 MM E MENORES OU IGUAIS A 75 MM. AF_09/2023","m",2,20.77,41.54]
["5.11.2.17","442112-4","ESCAVAÇÃO MANUAL DE VALA. AF_09/2024","m³",0.44,79.67,35.049999999999997]
["5.11.2.18","479123-1","REATERRO MANUAL APILOADO COM SOQUETE.","m³",0.44,55.64,24.48]
["5.11.2.19",null,"REASSENTAMENTO DE PARALELEPÍPEDOS, REJUNTAMENTO COM PÓ DE PEDRA, COM REAPROVEITAMENTO DOS PARALELEPÍPEDOS - INCLUSO RETIRADA E COLOCAÇÃO DO MATERIAL. AF_12/2020","m²",0.8,62.25,49.8]
["5.11.2.20",null,"LUVA SOLDÁVEL E COM ROSCA, PVC, SOLDÁVEL, DN 25MM X 3/4 , INSTALADO EM RAMAL OU SUB-RAMAL DE ÁGUA - FORNECIMENTO E INSTALAÇÃO. AF_06/2022","un",4,6.24,24.96]
["5.11.2.21",null,"BUCHA DE REDUÇÃO, LONGA, PVC, SOLDÁVEL, DN 40 X 25 MM, INSTALADO EM PRUMADA DE ÁGUA - FORNECIMENTO E INSTALAÇÃO. AF_06/2022","un",4,6.69,26.76]
["5.11.2.22",null,"JOELHO 90 GRAUS, PVC, SOLDÁVEL, DN 25MM, INSTALADO EM DRENO DE AR-CONDICIONADO - FORNECIMENTO E INSTALAÇÃO. AF_08/2022","un",4,6.41,25.64]
["5.11.3.",null,"DESTINO FINAL DE ESGOTO",""]
["5.11.3.1",null,"CAIXA DE INSPEÇÃO DE ALV. BLOCO CERÂMICO 9X19X39CM, DIM, 60X60CM E HMÁX = 1M, COM TAMPA EM CONCRETO ESP. 5CM, LASTRO DE CONCRETO ESP. 10CM, REVESTIDA INTERNAMENTE COM CHAPISCO E REBOCO IMPERMEABILIZADO, INCLUSIVE ESCAVAÇÃO, REATERRO E ENCHIMENTO.","un",1,581.19000000000005,581.19000000000005]
["5.12.",null,"INSTALAÇÕES ELÉTRICAS",""]
["5.12.1.",null,"CONDUTOS",""]
["5.12.1.1",null,"ELETRODUTO RÍGIDO ROSCÁVEL, EM PVC, DN 32 MM (1\"), COM LUVA DE ROSCA INTERNA E CONEXÕES, INSTALAÇÃO APARENTE, FIXADO COM ABRAÇADEIRA.  FORNECIMENTO E INSTALAÇÃO.","m",7.06,27.92,197.11]
["5.12.1.2",null,"ELETRODUTO RÍGIDO ROSCÁVEL, EM PVC, DN 50 MM (1 1/2\"), COM LUVA DE ROSCA INTERNA E CONEXÕES, INSTALAÇÃO APARENTE, FIXADO COM ABRAÇADEIRA.  FORNECIMENTO E INSTALAÇÃO.","m",8.9,39.629999999999995,352.7]
["5.12.2.",null,"CONDUTORES",""]
["5.12.2.1",null,"CABO DE COBRE FLEXÍVEL, TÊMPERA MOLE E ENCORDOAMENTO CLASSES 4 E 5, SEÇÃO NOMINAL DE 16 MM², ISOLAÇÃO ANTI-CHAMA EM COMPOSTO TERMOPLÁSTICO NÃO HALOGENADO, COM BAIXA EMISSÃO DE FUMAÇA, 0,6/1,0KV - 70ºC, INCLUSIVE INSTALAÇÃO.","m",44.1,28.37,1251.1099999999999]
["5.12.3.",null,"INTERRUPTORES E TOMADAS",""]
["5.12.3.1",null,"INTERRUPTOR SIMPLES DE UMA SEÇÃO PARA CAIXA 4X2\", COMPOSTO POR SUPORTE, PLACA PARA UM POSTO E UM MÓDULO DE INTERRUPTOR SIMPLES, COR BEGE, LINHA PIALPLUS OU EQUIVALENTE. FORNECIMENTO E INSTALAÇÃO.","un",4,26.18,104.72]
["5.12.3.2",null,"TOMADA PARA CAIXA 4X2\", COMPOSTA POR SUPORTE, PLACA PARA UM POSTO E UM MÓDULO DE TOMADA 2P+T, 10A, 250V, COR BEGE, LINHA PIALPLUS OU EQUIVALENTE. FORNECIMENTO E INSTALAÇÃO.","un",12,25.73,308.76]
["5.12.4.",null,"LUMINÁRIAS",""]
["5.12.4.1",null,"LUMINÁRIA DE EMBUTIR P/ 02 (DUAS) LÂMPADAS LED DE 18W, SEM ALOJAMENTO; CORPO EM CHAPA DE AÇO GALVANIZADO C/ PINTURA ELETROSTÁTICA EM PÓ DE POLIÉSTER EPÓXI; REFLETOR FACETADO EM ALUMÍNIO ANODIZADO DE ALTA PUREZA E REFLETÂNCIA; ALETAS PARABÓLICAS EM ALUMÍNIO; SOQUETES EM POLICARBONATO; INCLUSIVE LÂMPADAS LED TUBULAR 2X18W, 220V, DEMAIS ACESSÓRIOS E INSTALAÇÃO.","un",16,150.68,2410.88]
["5.12.5.",null,"QUADRO / PROTEÇÃO",""]
["5.12.5.1",null,"QUADRO DE DISTRIBUIÇÃO DE ENERGIA DE SOBREPOR, EM CHAPA METÁLICA, PARA 28 DISJUNTORES TERMOMAGNÉTICOS MONOPOLARES, PADRÃO DIN, COM BARRAMENTO TRIFÁSICO (100A), GUIA PARA DISJUNTOR GERAL, BARRAS DE NEUTRO E TERRA E DEMAIS ACESSÓRIOS. FORNECIMENTO E INSTALAÇÃO.","un",1,428.8,428.8]
["5.12.5.2",null,"DISJUNTOR TRIPOLAR TIPO DIN, CORRENTE NOMINAL DE 50A - FORNECIMENTO E INSTALAÇÃO. AF_10/2020","un",1,103.69,103.69]
["5.12.5.3",null,"DISJUNTOR TRIPOLAR TIPO DIN, CORRENTE NOMINAL DE 63A - FORNECIMENTO E INSTALAÇÃO.","un",1,137.63,137.63]
["5.12.5.4",null,"DISJUNTOR MONOPOLAR TIPO DIN, CORRENTE NOMINAL DE 10A - FORNECIMENTO E INSTALAÇÃO. AF_10/2020","un",1,12.75,12.75]
["5.12.5.5",null,"DISJUNTOR MONOPOLAR TIPO DIN, CORRENTE NOMINAL DE 16A - FORNECIMENTO E INSTALAÇÃO. AF_10/2020","un",1,13.35,13.35]
["5.12.5.6",null,"DISJUNTOR MONOPOLAR TIPO DIN, CORRENTE NOMINAL DE 25A - FORNECIMENTO E INSTALAÇÃO. AF_10/2020","un",4,14.61,58.44]
["5.12.6.",null,"PONTOS",""]
["5.12.6.1",null,"PONTO DE LUZ EM TETO/PAREDE, COMPOSTO POR FIAÇÃO EM CABO DE COBRE FLEXÍVEL DE 2,5MM², COM ISOLAÇÃO EM COMPOSTO TERMOPLÁSTICO POLIOLEFÍNICO NÃO HALOGENADO, NÃO PROPAGANTE À CHAMA, COM BAIXA EMISSÃO DE FUMAÇA E GASES TÓXICOS E CLASSE TÉRMICA 70° C (AFUMEX, ATOX, AFITOX OU EQUIVALENTE (NÃO-HALOGENADO), ISOLAÇÃO 750V. ELETRODUTO DE PVC RÍGIDO DE 3/4\" COM LUVA DE ROSCA INTERNA, CAIXA OCTOGONAL E DEMAIS ACESSÓRIOS, DESDE O PONTO DE LUZ ATÉ O QUADRO DE DISTRIBUIÇÃO - FORNECIMENTO E INSTALAÇÃO."," pt",16,87.990000000000009,1407.84]
["5.12.6.2",null,"PONTO PARA INTERRUPTOR SIMPLES DE UMA SEÇÃO EM ALVENARIA, COMPOSTO POR FIAÇÃO EM CABO DE COBRE FLEXÍVEL DE 2,5MM², COM ISOLAÇÃO EM COMPOSTO TERMOPLÁSTICO POLIOLEFÍNICO NÃO HALOGENADO, NÃO PROPAGANTE À CHAMA, COM BAIXA EMISSÃO DE FUMAÇA E GASES TÓXICOS E CLASSE TÉRMICA 70° C (AFUMEX, ATOX, AFITOX OU EQUIVALENTE (NÃO-HALOGENADO), ISOLAÇÃO 750V. ELETRODUTO DE PVC RÍGIDO DE 3/4\", ELETRODUTO DE PVC CORRUGADO 3/4\" COM LUVA DE ROSCA INTERNA, CAIXA 4X2\" E DEMAIS ACESSÓRIOS - FORNECIMENTO E INSTALAÇÃO."," pt",4,159.65,638.6]
["5.12.6.3",null,"PONTO PARA TOMADA 2P+T EM ALVENARIA, COMPOSTO POR FIAÇÃO EM CABO DE COBRE FLEXÍVEL DE 2,5MM², COM ISOLAÇÃO EM COMPOSTO TERMOPLÁSTICO POLIOLEFÍNICO NÃO HALOGENADO, NÃO PROPAGANTE À CHAMA, COM BAIXA EMISSÃO DE FUMAÇA E GASES TÓXICOS E CLASSE TÉRMICA 70° C (AFUMEX, ATOX, AFITOX OU EQUIVALENTE (NÃO-HALOGENADO) E ISOLAÇÃO 750V. ELETRODUTO DE PVC RÍGIDO DE 3/4\", ELETRODUTO DE PVC CORRUGADO DE 3/4\" COM LUVA DE ROSCA INTERNA, CAIXA 4X2\" - FORNECIMENTO E INSTALAÇÃO."," pt",6,147.76,886.56]
["5.12.6.4",null,"PONTO PARA TOMADA 2P+T EM DRYWALL, COMPOSTO POR FIAÇÃO EM CABO DE COBRE FLEXÍVEL DE 2,5MM², COM ISOLAÇÃO EM COMPOSTO TERMOPLÁSTICO POLIOLEFÍNICO NÃO HALOGENADO, NÃO PROPAGANTE À CHAMA, COM BAIXA EMISSÃO DE FUMAÇA E GASES TÓXICOS E CLASSE TÉRMICA 70° C (AFUMEX, ATOX, AFITOX OU EQUIVALENTE (NÃO-HALOGENADO) E ISOLAÇÃO 750V. ELETRODUTO DE PVC RÍGIDO DE 3/4\", ELETRODUTO DE PVC CORRUGADO DE 3/4\" COM LUVA DE ROSCA INTERNA, CAIXA 4X2\" - FORNECIMENTO E INSTALAÇÃO."," pt",6,136.34,818.04]
["5.12.6.5",null,"PONTO DE FORÇA PARA CONDENSADORA 18.000BTUS COMPOSTO POR FIAÇÃO EM CABO DE COBRE FLEXÍVEL DE 4MM², COM ISOLAÇÃO EM COMPOSTO TERMOPLÁSTICO POLIOLEFÍNICO NÃO HALOGENADO, NÃO PROPAGANTE À CHAMA, COM BAIXA EMISSÃO DE FUMAÇA E GASES TÓXICOS E CLASSE TÉRMICA 70° C (AFUMEX, ATOX, AFITOX OU EQUIVALENTE (NÃO-HALOGENADO), ISOLAÇÃO 750V, ELETRODUTO DE PVC RÍGIDO DE 3/4\", ELETRODUTO DE PVC CORRUGADO DE 3/4\" E ACESSÓRIOS.  FORNECIMENTO E INSTALAÇÃO."," pt",4,347.03999999999996,1388.16]
["5.12.7.",null,"CONDULETES (REDE ESTABILIZADA)",""]
["5.12.7.1","522861-1","CONDULETE DE PVC, TIPO LL, PARA ELETRODUTO DE PVC SOLDÁVEL DN 25 MM (3/4''), APARENTE - FORNECIMENTO E INSTALAÇÃO. AF_10/2022","un",2,31.54,63.08]
["5.12.7.2",null,"CONDULETE DE PVC, TIPO T, PARA ELETRODUTO DE PVC SOLDÁVEL DN 25 MM (3/4''), APARENTE - FORNECIMENTO E INSTALAÇÃO. AF_10/2022","un",8,35.019999999999996,280.16000000000003]
["5.12.7.3","443920-1","FORNECIMENTO E INSTALAÇÃO DE TAMPA CEGA PARA CONDULETE EM PVC CAIXA 4\" X 2\"","un",10,9.6999999999999993,97]
["5.12.8.",null,"TOMADAS (REDE ESTABILIZADA)",""]
["5.12.8.1",null,"TOMADA PARA COMPUTADOR EM CAIXA 4X4\", COMPOSTA POR SUPORTE, PLACA PARA QUATRO POSTOS NA COR BEGE, TRÊS MÓDULOS DE TOMADA 2P+T 10A-250V E UM MÓDULO DE TOMADA 2P+T 20A-250V, LINHA PIALPLUS OU EQUIVALENTE. FORNECIMENTO E INSTALAÇÃO.","un",12,86.789999999999992,1041.48]
["5.12.9.",null,"PROTEÇÃO (REDE ESTABILIZADA)",""]
["5.12.9.1",null,"DISJUNTOR MONOPOLAR TIPO DIN, CORRENTE NOMINAL DE 25A - FORNECIMENTO E INSTALAÇÃO. AF_10/2020","un",2,14.61,29.22]
["5.12.10.",null,"PONTOS (REDE ESTABILIZADA)",""]
["5.12.10.1",null,"PONTO EM PAREDE DE ALVENARIA PARA TOMADA ESTABILIZADA (COMPUTADOR), COMPOSTO POR FIAÇÃO EM CABO DE 4,0MM² AFUMEX, ATOX, AFITOX OU EQUIVALENTE (NÃO-HALOGENADO), ISOLAÇÃO 750V, ELETRODUTO DE PVC RÍGIDO DE 3/4\" COM LUVA DE ROSCA INTERNA, ELETRODUTO DE PVC CORRUGADO DE 3/4\" COM LUVA DE PRESSÃO INTERNA, CURVAS E DEMAIS ACESSÓRIOS."," pt",6,265.06,1590.36]
["5.12.10.2",null,"PONTO EM PAREDE DE DRYWALL PARA TOMADA ESTABILIZADA (COMPUTADOR), COMPOSTO POR FIAÇÃO EM CABO DE 4,0MM² AFUMEX, ATOX, AFITOX OU EQUIVALENTE (NÃO-HALOGENADO), ISOLAÇÃO 750V, ELETRODUTO DE PVC RÍGIDO DE 3/4\" COM LUVA DE ROSCA INTERNA, ELETRODUTO DE PVC CORRUGADO DE 3/4\" COM LUVA DE PRESSÃO INTERNA, CURVAS E DEMAIS ACESSÓRIOS."," pt",6,245.66,1473.96]
["5.12.11.",null,"CONDUTOS (CABEAMENTO ESTRUTURADO)",""]
["5.12.11.1",null,"PERFILADO PERFURADO, GALVANIZADO, DIM.: 38X38MM,CHAPA 18,  INCLUSIVE CONEXÕES, ACESSÓRIOS DE DERIVAÇÃO, MATERIAIS PARA FIXAÇÃO E SUSTENTAÇÃO. FORNECIMENTO E INSTALAÇÃO.            ","m",39,57.56,2244.84]
["5.12.12.",null,"TOMADAS (CABEAMENTO ESTRUTURADO)",""]
["5.12.12.1",null,"TOMADA DUPLA PARA VOZ/DADOS PARA CAIXA 4X4\", COMPOSTA POR SUPORTE, PLACA PARA QUATRO POSTOS, DOIS MÓDULOS DE TOMADA RJ45 CAT. 5E, COR BEGE, PIALPLUS OU EQUIVALENTE, INCLUSIVE CONEXÃO/CRIMPAGEM TIPO IMPACTO (PUSH-DOWN). FORNECIMENTO E INSTALAÇÃO.","un",12,86.889999999999986,1042.68]
["5.12.13.",null,"PONTOS (CABEAMENTO ESTRUTURADO)",""]
["5.12.13.1",null,"PONTO DUPLO PARA VOZ/DADOS EM ALVENARIA, COMPOSTO POR CAIXA PVC 4X4 PARA ALVENARIA, TUBULAÇÃO EM ELETRODUTO DE PVC RÍGIDO 1\", ELETRODUTO PVC CORRUGADO 1\", COM LUVA DE ROSCA INTERNA, CURVA E ACESSÓRIOS, CABO UTP 4 PARES (2X), CAT. 5E, FURUKAWA OU EQUIVALENTE, PARA DUAS TOMADAS RJ45 (VOZ/DADOS) INCLUINDO A RESERVA TÉCNICA DE CABO DE 11M (2X5,5M)."," pt",6,425.40999999999997,2552.46]
["5.12.13.2",null,"PONTO DUPLO PARA VOZ/DADOS EM DRYWALL, COMPOSTO POR COMPOSTO POR CAIXA PVC 4X4 PARA DRYWALL, TUBULAÇÃO EM ELETRODUTO DE PVC RÍGIDO 1\", ELETRODUTO PVC CORRUGADO 1”, COM LUVA DE ROSCA INTERNA, CURVA E ACESSÓRIOS, CABO UTP 4 PARES (2X), CAT. 5E, FURUKAWA OU EQUIVALENTE, PARA DUAS TOMADAS RJ45 (VOZ/DADOS) INCLUINDO A RESERVA TÉCNICA DE CABO DE 11M (2X5,5M)."," pt",6,405.98,2435.88]
["5.13.",null,"INSTALAÇÕES DE PREVENÇÃO E COMBATE A INCÊNDIO",""]
["5.13.1.",null,"SISTEMA DE EXTINTORES",""]
["5.13.1.1",null,"EXTINTOR DE INCÊNDIO PORTÁTIL COM CARGA DE PQS DE 4 KG, CLASSE BC - FORNECIMENTO E INSTALAÇÃO. AF_10/2020_PE","un",1,247.82,247.82]
["5.13.1.2","523226-0","EXTINTOR DE INCÊNDIO PORTÁTIL COM CARGA DE PQS DE 6 KG, CLASSE BC - FORNECIMENTO E INSTALAÇÃO. AF_10/2020_PE","un",9,288.8,2599.1999999999998]
["5.13.1.3","231754-0","FORNECIMENTO E INSTALAÇÃO DE SUPORTE DE PAREDE PARA EXTINTORES.","un",10,16.329999999999998,163.30000000000001]
["5.13.2.",null,"SISTEMA DE ILUMINAÇÃO E SINALIZAÇÃO DE EMERGENCIA",""]
["5.13.2.1",null,"FORNECIMENTO E INSTALAÇÃO DE LUMINÁRIA AUTÔNOMA DE SOBREPOR P/ACLARAMENTO OU BALIZAMENTO MOD.LAU 2X11 C/2 LÂMPADAS 11W E BATERIA SELADA.","un",19,541.29000000000008,10284.51]
["5.13.2.2","491851-7","FORNECIMENTO E INSTALAÇÃO DE PLACA DE SINALIZAÇÃO DE SEGURANÇA CONTRA INCÊNDIO, FOTOLUMINESCENTE, RETANGULAR, *13 X 26* CM, EM PVC *2* MM ANTI-CHAMAS (SÍMBOLOS, CORES E PICTOGRAMAS CONFORME NBR 13434); SAÍDA LATERAL VERMELHA.","un",10,48.86,488.6]
["5.13.2.3","545971-0","FORNECIMENTO E INSTALAÇÃO DE PLACA DE SINALIZAÇÃO DE SEGURANÇA CONTRA INCÊNDIO, FOTOLUMINESCENTE, QUADRADA, *20 X 20* CM, EM PVC *2* MM ANTI-CHAMAS (SÍMBOLOS, CORES E PICTOGRAMAS CONFORME NBR 13434).","un",15,55.32,829.8]
["5.13.2.4","551632-3","FORNECIMENTO E INSTALAÇÃO DE FITA ANTIDERRAPANTE SAFETY-WALK \"3M\" L=5CM OU EQUIVALENTE.","m",54,13.290000000000001,717.66]
["5.13.2.5",null,"FORNECIMENTO E INSTALAÇÃO DE CORRIMÃO EM TUBO DE AÇO INOX COM DIÂMETRO DE 1 E 1/2\", COM CHUMBADORES PARA FIXAÇÃO EM ALVENARIA.","m",56,130.04999999999998,7282.8]
["5.13.3.",null,"MARCAÇÃO NO PISO PARA HIDRANTE E EXTINTORES",""]
["5.13.3.1","529311-1","PINTURA DE PISO COM TINTA ACRÍLICA, APLICAÇÃO MANUAL, 2 DEMÃOS, INCLUSO FUNDO PREPARADOR. AF_05/2021","m²",14,20.329999999999998,284.62]
["5.13.4.",null,"REDE DE HIDRANTES E SPRINKLERS",""]
["5.13.4.1","501954-0","SPRINKLER TIPO PENDENTE, 68 °C, UNIÃO POR ROSCA DN 15 (1/2\") - FORNECIMENTO E INSTALAÇÃO. AF_10/2020","un",28,34.07,953.96]
["5.13.4.2",null,"CHAVE DE FLUXO 2 1/2” – FORNECIMENTO E INSTALAÇÃO. (CONFORME PROJETO)","un",2,532.4,1064.8]
["5.13.4.3",null,"FORNECIMENTO E INSTALAÇÃO DO MÓDULO ENDEREÇAMENTO DETECTOR INCÊNDIO SEGURIMAX OU EQUIVALENTE.","un",2,206.52,413.04]
["5.13.4.4","474925-1","REGISTRO DE GAVETA BRUTO, LATÃO, ROSCÁVEL, 2 1/2\" - FORNECIMENTO E INSTALAÇÃO. AF_08/2021","un",2,271.88,543.76]
["5.13.4.5","501926-5","TUBO DE AÇO GALVANIZADO COM COSTURA, CLASSE MÉDIA, CONEXÃO ROSQUEADA, DN 25 (1\"), INSTALADO EM REDE DE ALIMENTAÇÃO PARA SPRINKLER - FORNECIMENTO E INSTALAÇÃO. AF_10/2020","m",56,40.909999999999997,2290.96]
["5.13.4.6","501928-1","TUBO DE AÇO GALVANIZADO COM COSTURA, CLASSE MÉDIA, CONEXÃO ROSQUEADA, DN 32 (1 1/4\"), INSTALADO EM REDE DE ALIMENTAÇÃO PARA SPRINKLER - FORNECIMENTO E INSTALAÇÃO. AF_10/2020","m",12,49.209999999999994,590.52]
["5.13.4.7","501929-0","TUBO DE AÇO GALVANIZADO COM COSTURA, CLASSE MÉDIA, CONEXÃO ROSQUEADA, DN 40 (1 1/2\"), INSTALADO EM REDE DE ALIMENTAÇÃO PARA SPRINKLER - FORNECIMENTO E INSTALAÇÃO. AF_10/2020","m",34,55.94,1901.96]
["5.13.4.8","501930-3","TUBO DE AÇO GALVANIZADO COM COSTURA, CLASSE MÉDIA, CONEXÃO ROSQUEADA, DN 50 (2\"), INSTALADO EM REDE DE ALIMENTAÇÃO PARA SPRINKLER - FORNECIMENTO E INSTALAÇÃO. AF_10/2020","m",34,75.789999999999992,2576.86]
["5.13.4.9","553771-1","TUBO DE AÇO GALVANIZADO COM COSTURA, CLASSE MÉDIA, CONEXÃO ROSQUEADA, DN 65 (2 1/2\"), INSTALADO EM REDE DE ALIMENTAÇÃO PARA SPRINKLER - FORNECIMENTO E INSTALAÇÃO. AF_10/2020","m",53,92.1,4881.3]
["5.13.4.10",null,"FORNECIMENTO E INSTALAÇÃO DE TUBO DE AÇO GALVANIZADO COM COSTURA, CLASSE MÉDIA, CONEXÃO ROSQUEADA, DN65 (2.1/2\"), INSTALADO EM REDE DE ALIMENTAÇÃO PARA HIDRANTE E SPRINKLER COM ABERTURA E FECHAMENTO DE VALAS.","m",10,114.63000000000001,1146.3]
["5.13.4.11","556317-8","JOELHO 90 GRAUS, EM FERRO GALVANIZADO, CONEXÃO ROSQUEADA, DN 25 (1\"), INSTALADO EM REDE DE ALIMENTAÇÃO PARA SPRINKLER - FORNECIMENTO E INSTALAÇÃO. AF_10/2020","un",11,36.599999999999994,402.6]
["5.13.4.12",null,"JOELHO 90 GRAUS, EM FERRO GALVANIZADO, CONEXÃO ROSQUEADA, DN 65 (2.1/2\"), INSTALADO EM REDE DE ALIMENTAÇÃO PARA SPRINKLER E HIDRANTE- FORNECIMENTO E INSTALAÇÃO.","un",10,120.71000000000001,1207.0999999999999]
["5.13.4.13",null,"JOELHO 90 GRAUS, EM FERRO GALVANIZADO, CONEXÃO ROSQUEADA, DN 40 (1.1/2\"), INSTALADO EM REDE DE ALIMENTAÇÃO PARA SPRINKLER E HIDRANTE- FORNECIMENTO E INSTALAÇÃO.","un",2,56.53,113.06]
["5.13.4.14","513932-5","TÊ, EM FERRO GALVANIZADO, CONEXÃO ROSQUEADA, DN 25 (1\"), INSTALADO EM REDE DE ALIMENTAÇÃO PARA SPRINKLER - FORNECIMENTO E INSTALAÇÃO. AF_10/2020","un",6,49.71,298.26]
["5.13.4.15","513931-7","TÊ, EM FERRO GALVANIZADO, CONEXÃO ROSQUEADA, DN 32 (1 1/4\"), INSTALADO EM REDE DE ALIMENTAÇÃO PARA SPRINKLER - FORNECIMENTO E INSTALAÇÃO. AF_10/2020","un",4,63.09,252.36]
["5.13.4.16",null,"TÊ, EM FERRO GALVANIZADO, CONEXÃO ROSQUEADA, DN 40 (1 1/2\"), INSTALADO EM REDE DE ALIMENTAÇÃO PARA SPRINKLER - FORNECIMENTO E INSTALAÇÃO. AF_10/2020","un",6,74.03,444.18]
["5.13.4.17","513930-9","TÊ, EM FERRO GALVANIZADO, CONEXÃO ROSQUEADA, DN 50 (2\"), INSTALADO EM REDE DE ALIMENTAÇÃO PARA SPRINKLER - FORNECIMENTO E INSTALAÇÃO. AF_10/2020","un",2,101.49,202.98]
["5.13.4.18",null,"TÊ, EM FERRO GALVANIZADO, CONEXÃO ROSQUEADA, DN 65 (2 1/2\"), INSTALADO EM REDE DE ALIMENTAÇÃO PARA SPRINKLER - FORNECIMENTO E INSTALAÇÃO. AF_10/2020","un",2,166.1,332.2]
["5.13.4.19","513929-5","LUVA DE REDUÇÃO, EM FERRO GALVANIZADO, 1 1/4\" X 1\", CONEXÃO ROSQUEADA, INSTALADO EM REDE DE ALIMENTAÇÃO PARA SPRINKLER - FORNECIMENTO E INSTALAÇÃO. AF_10/2020","un",11,35.31,388.41]
["5.13.4.20",null,"LUVA DE REDUÇÃO, EM FERRO GALVANIZADO, 1 1/2\" X 1 1/4\", CONEXÃO ROSQUEADA, INSTALADO EM REDE DE ALIMENTAÇÃO PARA SPRINKLER - FORNECIMENTO E INSTALAÇÃO. AF_10/2020","un",4,40.590000000000003,162.36000000000001]
["5.13.4.21","553648-0","LUVA DE REDUÇÃO, EM FERRO GALVANIZADO, 1\" X 1/2\", CONEXÃO ROSQUEADA, INSTALADO EM REDE DE ALIMENTAÇÃO PARA SPRINKLER - FORNECIMENTO E INSTALAÇÃO. AF_10/2020","un",28,27.41,767.48]
["5.13.4.22",null,"LUVA DE REDUÇÃO, EM FERRO GALVANIZADO, 2\" X 1 1/2\", CONEXÃO ROSQUEADA, INSTALADO EM REDE DE ALIMENTAÇÃO PARA SPRINKLER - FORNECIMENTO E INSTALAÇÃO. AF_10/2020","un",4,56.830000000000005,227.32]
["5.13.4.23",null,"FORNECIMENTO E INSTALAÇÃO DE ABRIGO PARA MANGUEIRAS E HIDRANTE, TIPO SOBREPOR, DIMENSÕES 75X45X17CM, PORTA COM VISOR EM ACRÍLICO COM A INSCRIÇÃO \"INCÊNDIO\" E CESTO FIXO, PINTADO COM PINTURA ELETROESTÁTICA NA COR VERMELHA, INCLUSIVE REGISTRO GLOBO ANGULAR 45° Ø2.1/2\", 02 MANGUEIRAS Ø1.1/2\" COM 15M, ADAPTADOR STORZ Ø2.1/2\" X Ø1.1/2\", CHAVE STORZ, ESGUICHO REGULÁVEL 40MM E TAMPÃO DE ENGATE RÁPIDO COM CORRENTE Ø2.1/2\".","un",4,2595.8500000000004,10383.4]
["5.13.4.24","501931-1","TUBO DE AÇO GALVANIZADO COM COSTURA, CLASSE MÉDIA, DN 65 (2 1/2\"), CONEXÃO ROSQUEADA, INSTALADO EM REDE DE ALIMENTAÇÃO PARA HIDRANTE - FORNECIMENTO E INSTALAÇÃO. AF_10/2020","m",4,87.580000000000013,350.32]
["5.13.5.",null,"REMOÇÃO E RECOMPOSIÇÃO DE FORRO",""]
["5.13.5.1","485901-4","REMOÇÃO DE FORRO DE GESSO, DE FORMA MANUAL, SEM REAPROVEITAMENTO. AF_09/2023","m²",958,2.74,2624.92]
["5.13.5.2","474374-1","FORRO EM PLACAS DE GESSO, PARA AMBIENTES COMERCIAIS. AF_08/2023_PS","m²",958,41.61,39862.379999999997]
["5.14.",null,"SPDA",""]
["5.14.1.",null,"CONDUTOS",""]
["5.14.1.1",null,"ELETRODUTO RÍGIDO ROSCÁVEL, EM PVC, DN 32 MM (1\"), COM LUVA DE ROSCA INTERNA E CONEXÕES, INSTALAÇÃO APARENTE, FIXADO COM ABRAÇADEIRA.  FORNECIMENTO E INSTALAÇÃO.","m",39,27.92,1088.8800000000001]
["5.14.2.",null,"CONDUTORES",""]
["5.14.2.1",null,"CORDOALHA EM CABO DE COBRE NU, TÊMPERA MEIO-DURO, ENCORDOAMENTO CLASSE 2, SEÇÃO NOMINAL DE 35 MM², NÃO ENTERRADA, FIXADA COM PRESILHA DE LATÃO PARA CABO DE 35 MM², INCLUSIVE PARAFUSO EM AÇO INOX FENDA, BUCHA NYLON E VEDAÇÃO DOS FUROS COM SELANTE POLIURETANO, MARCA DE REF. TERMOTÉCNICA OU EQUIVALENTE. FORNECIMENTO E INSTALAÇÃO.","m",309.2,56.84,17574.919999999998]
["5.14.2.2",null,"CORDOALHA EM CABO DE COBRE NU, TÊMPERA MEIO-DURO, ENCORDOAMENTO CLASSE 2, SEÇÃO NOMINAL DE 50 MM², NÃO ENTERRADA, FIXADA COM PRESILHA DE LATÃO PARA CABO DE 50 MM², INCLUSIVE PARAFUSO EM AÇO INOX FENDA, BUCHA NYLON E VEDAÇÃO DOS FUROS COM SELANTE POLIURETANO, MARCA DE REF. TERMOTÉCNICA OU EQUIVALENTE. FORNECIMENTO E INSTALAÇÃO.","m",13,75.740000000000009,984.62]
["5.14.2.3",null,"CABO DE COBRE NU, TÊMPERA MEIO-DURO, ENCORDOAMENTO CLASSE 2A/3A, SEÇÃO NOMINAL DE 50 MM², PARA ATERRAMENTO, INSTALADO EM VALA COM 0,5 M DE PROFUNDIDADE, INCLUSIVE ESCAVAÇÃO E REATERRO.","m",212.8,80.66,17164.439999999999]
["5.14.3.",null,"CAPTAÇÃO E ATERRAMENTO",""]
["5.14.3.1",null,"CAIXA DE PASSAGEM DE ALVENARIA DE BLOCOS CERÂMICOS 10 FUROS 10X20X20CM, DIMENSÃO DE 30X30X30CM, COM REVESTIMENTO INTERNO EM CHAPISCO E REBOCO, TAMPA DE CONCRETO ESP. 5CM E LASTRO DE BRITA 5CM","un",13,124.02,1612.26]
["5.14.3.2","156973-2","HASTE DE ATERRAMENTO (TIPO COPPERWELD) DE 5/8\" X 2,40 M. FORNECIMENTO E INSTALAÇÃO","un",13,38.910000000000004,505.83]
["5.14.3.3",null,"FORNECIMENTO E INSTALAÇÃO DE CONECTOR REFORÇADO EM BRONZE REF. TEL-580 OU EQUIVALENTE.","un",13,66.459999999999994,863.98]
["5.14.3.4",null,"MASTRO TELESCÓPICO DE 4M (3MX2\" E 1MX1.1/2\"), INCL. BASE DE FIXAÇÃO 2\", CAPTOR TIPO FRANKLIN EM LATÃO CROMADO (2 DESCIDAS), ABRAÇADEIRAS GUIA SIMPLES E REFORÇADAS PARA DUAS DESCIDAS, CONJ. DE CONTRAVENTAGEM COM ABRAÇADEIRA PARA 3 ESTAIS EM TUBO DE 2M E DEMAIS ACESSÓRIOS DE FIXAÇÃO. FORNECIMENTO E INSTALAÇÃO. ","un",6,1222.73,7336.38]
["5.14.3.5","494918-8","FORNECIMENTO E INSTALAÇÃO DE TERMINAL AÉREO EM AÇO GALVANIZADO A FOGO H=250MM X Ø3/8\" COM FIXAÇÃO HORIZONTAL, SEM BANDEIRINHA TEL - 044 OU EQUIVALENTE.","un",78,28.53,2225.34]
["5.14.3.6",null,"CAIXA DE INSPEÇÃO SUSPENSA EM POLIPROPILENO, COM TAMPA, ANTI-UV E ANTI-CHAMA (REF. TEL 541) E CONECTOR DE MEDIÇÃO EM BRONZE COM 4 PARAFUSOS PARA CABO DE COBRE 16-70MM² (REF. TEL-560) TERMOTÉCNICA OU EQUIVALENTE. FORNECIMENTO E INSTALAÇÃO.","un",13,125.73,1634.49]
["5.14.3.7",null,"CONECTOR SPLIT-BOLT, PARA SPDA, PARA CABOS ATÉ 35 MM2 - FORNECIMENTO E INSTALAÇÃO. AF_08/2023","un",26,21.45,557.70000000000005]
["5.14.3.8",null,"APARELHO SINALIZADOR NOTURNO DE OBSTÁCULOS AÉREO, SIMPLES, COM CÉLULA FOTOELÉTRICA, INCLUSIVE UMA (1) LÂMPADA LED E SUPORTE PARA MASTRO. FORNECIMENTO E INSTALAÇÃO.","un",6,119.98,719.88]
["6.",null,"EDF. OSCAR PEREIRA - BLOCO G",""]
["6.1.",null,"DEMOLIÇÃO / REMOÇÃO / RETIRADA / ATERRO / LIMPEZA",""]
["6.1.1","483431-3","REMOÇÃO DE TELHAS DE FIBROCIMENTO, METÁLICA E CERÂMICA, DE FORMA MECANIZADA, COM USO DE GUINDASTE, SEM REAPROVEITAMENTO. AF_09/2023","m²",190.25,4.3,818.07]
["6.1.2","485901-4","REMOÇÃO DE FORRO DE GESSO, DE FORMA MANUAL, SEM REAPROVEITAMENTO. AF_09/2023","m²",201.95,2.74,553.34]
["6.1.3","536055-2","REMOÇÃO DE LOUÇAS, DE FORMA MANUAL, SEM REAPROVEITAMENTO. AF_09/2023","un",24,11.8,283.2]
["6.1.4","485907-3","REMOÇÃO DE METAIS SANITÁRIOS, DE FORMA MANUAL, SEM REAPROVEITAMENTO. AF_09/2023","un",24,8.6,206.4]
["6.1.5","485902-2","REMOÇÃO DE PORTAS, DE FORMA MANUAL, SEM REAPROVEITAMENTO. AF_09/2023","m²",18.72,8.94,167.35]
["6.1.6","552319-2","REMOÇÃO DE DIVISÓRIA DE GRANITO OU MÁRMORE.","m²",12.01,15.85,190.35]
["6.1.7",null,"DEMOLIÇÃO DE REVESTIMENTO CERÂMICO, DE FORMA MECANIZADA COM MARTELETE, SEM REAPROVEITAMENTO. AF_09/2023","m²",257.18,7.0299999999999994,1807.97]
["6.1.8","572706-5","DEMOLIÇÃO DE ALVENARIA DE BLOCO FURADO, DE FORMA MANUAL, SEM REAPROVEITAMENTO. AF_09/2023","m³",1.33,53.199999999999996,70.75]
["6.1.9","368274-9","FORNECIMENTO E FIXAÇÃO DE TAPUME DE CHAPA DE MADEIRA COMPENSADA, E=8 A 12MM, COM REAPROVEITAMENTO.","m²",20,129.1,2582]
["6.1.10",null,"DEMOLIÇÃO REVESTIMENTO EM MÁRMORE OU GRANITO","m²",13.93,18.13,252.55]
["6.1.11",null,"RETIRADA DE LETREIRO EXISTENTE.","un",61,6.34,386.74]
["6.1.12",null,"RETIRADA DE CAIXA DE INCÊNDIO, INCLUSIVE REGISTROS, MANGUEIRAS E ACESSÓRIOS.","un",1,45.53,45.53]
["6.1.13",null,"DEMOLIÇÃO DE ARGAMASSAS, DE FORMA MANUAL, SEM REAPROVEITAMENTO. AF_09/2023","m²",135.69999999999999,10.700000000000001,1451.99]
["6.1.14","508866-6","TRANSPORTE VERTICAL DE ENTULHOS/MATERIAIS A GRANEL","m³",20.99,86.600000000000009,1817.73]
["6.1.15","528880-0","TRANSPORTE HORIZONTAL COM JERICA DE 60 L, DE MASSA/ GRANEL (UNIDADE: M3XKM). AF_07/2019","m³XKm",0.42,1375.92,577.88]
["6.1.16","553633-2","ALUGUEL DE CAÇAMBA ESTACIONÁRIA COM ATÉ 6M³ COM DESTINAÇÃO FINAL DE RESÍDUOS SÓLIDOS.","un",5,490.76,2453.8000000000002]
["6.1.17","465159-6","TAXA DE DESCARTE DE RESÍDUOS DA CONSTRUÇÃO CIVIL.","t",31.48,29.05,914.49]
["6.2.",null,"VEDAÇÃO / ALVENARIA",""]
["6.2.1","554953-1","ALVENARIA DE VEDAÇÃO DE BLOCOS CERÂMICOS FURADOS NA HORIZONTAL DE 9X19X19 CM (ESPESSURA 9 CM) E ARGAMASSA DE ASSENTAMENTO COM PREPARO EM BETONEIRA. AF_12/2021","m²",15.11,81,1223.9100000000001]
["6.2.2","506228-4","FIXAÇÃO (ENCUNHAMENTO) DE ALVENARIA DE VEDAÇÃO COM ESPUMA DE POLIURETANO EXPANSIVA. AF_03/2024","m",7.5,13.12,98.4]
["6.3.",null,"FORRO",""]
["6.3.1","474409-8","FORRO EM DRYWALL, PARA AMBIENTES COMERCIAIS, INCLUSIVE ESTRUTURA BIRECIONAL DE FIXAÇÃO. AF_08/2023_PS","m²",11.7,68.75,804.37]
["6.3.2","551708-7","TABICA METÁLICA 3X3 CM PARA FORRO DE GESSO (FORNECIMENTO E MONTAGEM)","m",25.66,23.96,614.80999999999995]
["6.4.",null,"PORTAS",""]
["6.4.1","454993-7","VERGA PRÉ-MOLDADA COM ATÉ 1,5 M DE VÃO, ESPESSURA DE *20* CM. AF_03/2024","m",3.9,26.3,102.57]
["6.5.",null,"REVESTIMENTO DE PAREDE INTERNA",""]
["6.5.1","431523-5","CHAPISCO APLICADO EM ALVENARIAS E ESTRUTURAS DE CONCRETO INTERNAS, COM COLHER DE PEDREIRO.  ARGAMASSA TRAÇO 1:3 COM PREPARO MANUAL. AF_10/2022","m²",223.81,4.46,998.19]
["6.5.2","469973-4","EMBOÇO, EM ARGAMASSA TRAÇO 1:2:8, PREPARO MECÂNICO, APLICADO MANUALMENTE EM PAREDES INTERNAS DE AMBIENTES COM ÁREA ENTRE 5M² E 10M², E = 17,5MM, COM TALISCAS. AF_03/2024","m²",165.91,35.200000000000003,5840.03]
["6.5.3",null,"DEMOLIÇÃO DE ARGAMASSAS, DE FORMA MANUAL, SEM REAPROVEITAMENTO. AF_09/2023","m²",34.19,10.700000000000001,365.83]
["6.5.4",null,"EMBOÇO, EM ARGAMASSA TRAÇO 1:2:8, PREPARO MANUAL, APLICADO MANUALMENTE EM PAREDES INTERNAS DE AMBIENTES COM ÁREA MAIOR QUE 10M², E = 10MM, COM TALISCAS. AF_03/2024","m²",34.19,24.189999999999998,827.05]
["6.5.5","438778-3","FORNECIMENTO DE REVESTIMENTO CERÂMICO NA COR BRANCA, ATLAS OU EQUIVALENTE TÉCNICO, DIMENSÕES APROXIMADAS 5X10CM, JUNTA RETA, ASSENTADA EM PISOS/PAREDES/TETOS, NO SENTIDO HORIZONTAL, COM ARGAMASSA COLANTE INDUSTRIALIZADA AC III E REJUNTADA COM ARGAMASSA DE REJUNTAMENTO FLEXÍVEL E IMPERMEÁVEL.","m²",206.25,115.52000000000001,23826]
["6.6.",null,"REVESTIMENTO DE PISO INTERNO",""]
["6.6.1","551572-6","REGULARIZAÇÃO DE PISO COM ARGAMASSA DE CIMENTO E AREIA, TRAÇO 1:4, E=3CM, PARA REVESTIMENTO DE PISO.","m²",14,42.11,589.54]
["6.6.2",null,"FORNECIMENTO E ASSENTAMENTO DE PORCELANATO PARA PISO OU PAREDE, 74 X 74 CM, ACETINADO, RETIFICADO, TIPO A, LINHA URBAN OFFWHITE, ELIZABETH OU EQUIVALENTE, ASSENTAMENTO COM ARGAMASSA INDUSTRIALIZADA AC-III, COM ESPAÇAMENTO DE 1,5MM E REJUNTADO COM ARGAMASSA DE REJUNTAMENTO FLEXÍVEL E IMPERMEÁVEL, NA COR CINZA PLATINO, EXCLUSIVE REGULARIZAÇÃO DE BASE OU EMBOÇO.","m²",46.65,91,4245.1499999999996]
["6.6.3",null,"SOLEIRA EM MÁRMORE, TIPO BRANCO PINTA VERDE COM LARGURA 15 CM, ESPESSURA 2,0 CM.","m",7.8,95.76,746.92]
["6.7.",null,"PINTURA DE PAREDE INTERNA",""]
["6.7.1","432003-4","FUNDO SELADOR ACRÍLICO, APLICAÇÃO MANUAL EM PAREDE, UMA DEMÃO. AF_04/2023","m²",20.78,3.81,79.17]
["6.7.2","441101-3","EMASSAMENTO COM MASSA LÁTEX, APLICAÇÃO EM PAREDE, DUAS DEMÃOS, LIXAMENTO MANUAL. AF_04/2023","m²",20.78,14.99,311.49]
["6.7.3","432006-9","PINTURA LÁTEX ACRÍLICA PREMIUM, APLICAÇÃO MANUAL EM PAREDES, DUAS DEMÃOS. AF_04/2023","m²",20.78,12.66,263.07]
["6.8.",null,"PINTURA DE TETO",""]
["6.8.1","457784-1","FUNDO SELADOR ACRÍLICO, APLICAÇÃO MANUAL EM TETO, UMA DEMÃO. AF_04/2023","m²",46.65,4.6999999999999993,219.25]
["6.8.2","441105-6","EMASSAMENTO COM MASSA LÁTEX, APLICAÇÃO EM TETO, DUAS DEMÃOS, LIXAMENTO MANUAL. AF_04/2023","m²",46.65,27.75,1294.53]
["6.8.3","413972-0","PINTURA LÁTEX ACRÍLICA ECONÔMICA, APLICAÇÃO MANUAL EM TETO, DUAS DEMÃOS. AF_04/2023","m²",46.65,11.1,517.80999999999995]
["6.9.",null,"GRANITOS / MÁRMORES",""]
["6.9.1","552319-2","REMOÇÃO DE DIVISÓRIA DE GRANITO OU MÁRMORE.","m²",9.7200000000000006,15.85,154.06]
["6.9.2","453024-1","POLIMENTO EM SUPERFÍCIES DE GRANITO OU MÁRMORE","m²",57.89,54.959999999999994,3181.63]
["6.9.3",null,"ASSENTAMENTO DE DIVISORIA SANITÁRIA, TIPO CABINE, EM GRANITO OU MÁRMORE , ESP = 3CM, COM ARGAMASSA COLANTE AC III-E, EXCLUSIVE FERRAGENS E GRANITO/MARMORE","m²",9.7200000000000006,122.09,1186.71]
["6.9.4",null,"FORNECIMENTO E INSTALAÇÃO DE BANCADA EM MÁRMORE BRANCO PINTA VERDE COM RESPALDO 0,15 M E TESTEIRA 0,10 M, ABERTURA PARA 01 CUBA DE EMBUTIR, CONFORME DETALHE.","m²",5.34,897.25,4791.3100000000004]
["6.9.5","533929-4","PINTURA HIDROFUGANTE COM SILICONE, APLICAÇÃO MANUAL, 2 DEMÃOS. AF_05/2021","m²",60.43,27.67,1672.09]
["6.9.6",null,"REVESTIMENTO PARA PISO OU PAREDE EM GRANITO PRETO SÃO GABRIEL, E=2CM, APLICADO COM ARGAMASSA INDUSTRIALIZADA AC-II, REJUNTADO, EXCLUSIVE EMBOÇO.","m²",13.93,561.33000000000004,7819.32]
["6.10.",null,"ESQUADRIAS / LETREIROS",""]
["6.10.1",null,"KIT DE PORTA-PRONTA DE MADEIRA EM ACABAMENTO MELAMÍNICO BRANCO, FOLHA MÉDIA, 90X210CM, EXCLUSIVE FECHADURA, FIXAÇÃO COM PREENCHIMENTO TOTAL DE ESPUMA EXPANSIVA, INCLUSIVE PLACA DE INOX NA BASE DOS DOIS LADOS H=0,40M, BANHEIRO PPNE,  FORNECIMENTO E INSTALAÇÃO. ","un",2,843.7399999999999,1687.48]
["6.10.2","554055-0","FECHADURA DE EMBUTIR PARA PORTA DE BANHEIRO, COMPLETA, ACABAMENTO PADRÃO MÉDIO, INCLUSO EXECUÇÃO DE FURO - FORNECIMENTO E INSTALAÇÃO. AF_12/2019","un",2,143.85,287.7]
["6.10.3","522989-8","PUXADOR PARA PCD, FIXADO NA PORTA - FORNECIMENTO E INSTALAÇÃO. AF_01/2020","un",4,315.57,1262.28]
["6.10.4",null,"PORTA EM ALUMÍNIO ANODIZADO BRONZE, DE ABRIR TIPO VENEZIANA COM GUARNIÇÃO, FIXAÇÃO COM PARAFUSOS - FORNECIMENTO E INSTALAÇÃO.","m²",12.96,399.28,5174.66]
["6.10.5",null,"KIT DE PORTA-PRONTA DE MADEIRA EM ACABAMENTO MELAMÍNICO BRANCO, FOLHA LEVE OU MÉDIA, 80X210CM, EXCLUSIVE FECHADURA, FIXAÇÃO COM PREENCHIMENTO PARCIAL DE ESPUMA EXPANSIVA - FORNECIMENTO E INSTALAÇÃO. AF_12/2019","un",1,598.79999999999995,598.79999999999995]
["6.10.6",null,"FECHADURA DE EMBUTIR PARA PORTAS INTERNAS, COMPLETA, ACABAMENTO PADRÃO MÉDIO, COM EXECUÇÃO DE FURO - FORNECIMENTO E INSTALAÇÃO. AF_12/2019","un",1,143.85,143.85]
["6.10.7",null,"FORNECIMENTO E INSTALAÇÃO DE LETREIRO EM INOX ESCOVADO COM LETRAS TIPO CAIXA COM ALT 0,20 M X PROF 0,05 M COM PINOS DE INSTALAÇÕES, PARA EDIFÍCIO DO CICA (NOME: EDIFÍCIO). INCLUSIVE FRETE.","un",8,146.32,1170.56]
["6.10.8",null,"FORNECIMENTO E INSTALAÇÃO DE LETREIRO EM INOX ESCOVADO COM LETRAS TIPO CAIXA COM ALT 0,40 M X PROF 0,10 M COM PINOS DE INSTALAÇÕES, PARA EDIFÍCIO DO CICA (NOME: OSCAR PEREIRA). INCLUSIVE FRETE.","un",12,333.40999999999997,4000.92]
["6.10.9",null,"FORNECIMENTO E INSTALAÇÃO DE LETREIRO EM INOX ESCOVADO COM LETRAS TIPO CAIXA COM ALT 0,25 M X PROF 0,3 M COM PINOS DE INSTALAÇÕES, PARA EDIFÍCIO DO CICA (NOME: 405). INCLUSIVE FRETE.","un",3,180.01999999999998,540.05999999999995]
["6.10.10",null,"FORNECIMENTO E INSTALAÇÃO DE LETREIRO EM INOX ESCOVADO COM LETRAS TIPO CAIXA COM ALT 0,40 M X PROF 0,10 M COM PINOS DE INSTALAÇÕES, PARA EDIFÍCIO DO CICA (NOME: CENTRO INTEGRADO). INCLUSIVE FRETE.","un",15,299.91000000000003,4498.6499999999996]
["6.10.11",null,"FORNECIMENTO E INSTALAÇÃO DE LETREIRO EM INOX ESCOVADO COM LETRAS TIPO CAIXA COM ALT 0,20 M X PROF 0,05 M COM PINOS DE INSTALAÇÕES, PARA EDIFÍCIO DO CICA (NOME: DA CRIANÇA E DO ADOLESCENTE). INCLUSIVE FRETE.","un",23,146.34,3365.82]
["6.11.",null,"COBERTA/ESCADA MARINHEIRO/GUARDA CORPO",""]
["6.11.1","444511-2","TELHAMENTO COM TELHA METÁLICA TERMOACÚSTICA E = 30 MM, COM ATÉ 2 ÁGUAS, INCLUSO IÇAMENTO. AF_07/2019","m²",190,223.59,42482.1]
["6.11.2",null,"IMPERMEABILIZAÇÃO DE SUPERFÍCIE COM ARGAMASSA POLIMÉRICA / MEMBRANA ACRÍLICA, 3 DEMÃOS. AF_09/2023","m²",179.73,30.369999999999997,5458.4]
["6.11.3","551771-0","IMPERMEABILIZAÇÃO COM MANTA LÍQUIDA DE BASE ASFALTICA, APLICAÇÃO A FRIO 2 DEMÃOS","m²",57.9,42.129999999999995,2439.3200000000002]
["6.11.4","515356-5","PROTEÇÃO MECÂNICA DE SUPERFÍCIE VERTICAL COM ARGAMASSA DE CIMENTO E AREIA, TRAÇO 1:3, E=3CM. AF_09/2023","m²",13.5,66.739999999999995,900.99]
["6.11.5","518167-4","PROTEÇÃO MECÂNICA DE SUPERFICIE HORIZONTAL COM ARGAMASSA DE CIMENTO E AREIA, TRAÇO 1:3, E=3CM. AF_09/2023","m²",44.4,48.83,2168.0500000000002]
["6.11.6","489584-3","IMPERMEABILIZAÇÃO DE SUPERFÍCIE COM MANTA ASFÁLTICA, UMA CAMADA, INCLUSIVE APLICAÇÃO DE PRIMER ASFÁLTICO, E=4MM. AF_09/2023","m²",17.55,112.86,1980.69]
["6.11.7","581322-0","FORNECIMENTO E INSTALAÇÃO DE CHAPIM SOBRE MUROS LINEARES, EM CONCRETO PRÉ-MOLDADO, L = 24 CM, ASSENTADO COM ARGAMASSA.","m",92,32.25,2967]
["6.11.8",null,"ESCADA DE MARINHEIRO COM DEGRAUS EM BARRA REDONDA DE 3/4\" GUARDA-CORPO EM BARRA CHATA DE 1 1/2\" X 1/4\" E PATAMAR(1,05 X 0,95M) EM CHAPA EXPANDIDA DE 1/4\"","m",2,475.95,951.9]
["6.11.9",null,"GUARDA-CORPO DE AÇO GALVANIZADO DE 1,10M, MONTANTES TUBULARES DE 1.1/4\" ESPAÇADOS DE 1,20M, TRAVESSA SUPERIOR DE 1.1/2\", GRADIL FORMADO POR TUBOS HORIZONTAIS DE 1\" E VERTICAIS DE 3/4\", FIXADO COM CHUMBADOR MECÂNICO. AF_04/2019_PS","m",14.7,501.13,7366.61]
["6.11.10",null,"TAMPA EM CHAPA XADREZ DE FERRO GALVANIZADO DIM: 80X80CM, INCLUSIVE CANTONEIRA \"L\" DE 2\" X 3/16\" E JUNTAS DE VEDAÇÃO","un",2,472.73,945.46]
["6.11.11",null,"RECUPERAÇÃO DE BASE PARA TAMPA DE INSPEÇÃO","un",2,73.88,147.76]
["6.11.12",null,"LIXAMENTO MANUAL EM SUPERFÍCIES METÁLICAS EM OBRA. AF_01/2020","m²",15.27,8.620000000000001,131.62]
["6.11.13","521862-4","PINTURA ESMALTE FOSCO (2 DEMÃOS) SOBRE SUPERFICIE METÁLICA, INCLUSIVE PROTEÇÃO COM ZARCÃO (1 DEMÃO).","m²",15.27,45.269999999999996,691.27]
["6.12.",null,"HIDROSSANITÁRIA - LOUÇAS, METAIS SANITÁRIOS E ACABAMENTOS",""]
["6.12.1","457548-2","VASO SANITARIO SIFONADO CONVENCIONAL PARA PCD SEM FURO FRONTAL COM  LOUÇA BRANCA SEM ASSENTO -  FORNECIMENTO E INSTALAÇÃO. AF_01/2020","un",2,697.58999999999992,1395.18]
["6.12.2","581218-6","VASO SANITÁRIO SIFONADO COM CAIXA ACOPLADA, LOUÇA BRANCA - PADRÃO ALTO - FORNECIMENTO E INSTALAÇÃO. AF_01/2020","un",6,600.03000000000009,3600.18]
["6.12.3","430699-6","FORNECIMENTO E INSTALAÇÃO DE LAVATÓRIO DE PAREDE COM COLUNA SUSPENSA EM LOUÇA BRANCA, DIM. 44,5X35,5CM, REFERÊNCIA: L510 + C510, LINHA CONFORTO DA DECA OU EQUIVALENTE - BANHEIROS PARA PCD, INCLUSOS VÁLVULA, SIFÃO E ENGATE FLEXÍVEL CROMADOS/ INOX.","cj",2,875.66000000000008,1751.32]
["6.12.4","506299-3","CUBA DE EMBUTIR OVAL EM LOUÇA BRANCA, 35 X 50CM OU EQUIVALENTE, INCLUSO VÁLVULA  EM METAL CROMADO, ENGATE EM AÇO INOX E SIFÃO FLEXÍVEL EM PVC - FORNECIMENTO E INSTALAÇÃO. ","un",6,289.52999999999997,1737.18]
["6.12.5","203038-1","FORNECIMENTO DE TORNEIRA DE PRESSÃO PARA LAVATÓRIO LINHA BENEFIT, FABRICAÇÃO DOCOL OU EQUIVALENTE. (WC ESPECIAL).","un",2,1347.23,2694.46]
["6.12.6","442617-7","FORNECIMENTO E INSTALAÇÃO DE TORNEIRA DE MESA PARA LAVATÓRIO ACIONAMENTO MANUAL E FECHAMENTO AUTOMÁTICO, FABRIMAR OU EQUIVALENTE. (WC'S)","un",6,169.73,1018.38]
["6.12.7","489635-1","TANQUE DE LOUÇA BRANCA COM COLUNA, 30L OU EQUIVALENTE, INCLUSO O ENGATE FLEXÍVEL EM PVC - FORNECIMENTO E INSTALAÇÃO","un",1,696.73,696.73]
["6.12.8","472653-7","FORNECIMENTO COM INSTALAÇÃO DE TORNEIRA DE TANQUE JUNIOR PARA PIA DIÂMETRO 1/2\" OU 3/4, REF. 1193 JR, FABRICAÇÃO FABRIMAR OU EQUIVALENTE. ","un",1,92.42,92.42]
["6.13.",null,"HIDROSSANITÁRIA - ACESSÓRIOS SANITÁRIOS",""]
["6.13.1",null,"ASSENTO SANITÁRIO - FORNECIMENTO E INSTALAÇÃO.","un",8,113.02999999999999,904.24]
["6.13.2",null,"BARRA DE APOIO RETA, EM ACO INOX POLIDO, COMPRIMENTO 40CM, FIXADA NA PORTA - FORNECIMENTO E INSTALAÇÃO.","un",4,269.25,1077]
["6.13.3","444631-3","BARRA DE APOIO RETA, EM ACO INOX POLIDO, COMPRIMENTO 40CM, FIXADA NA PAREDE - FORNECIMENTO E INSTALAÇÃO.","un",2,269.25,538.5]
["6.13.4","518965-9","BARRA DE APOIO EM \"L\", EM ACO INOX POLIDO 70 X 70 CM, FIXADA NA PAREDE - FORNECIMENTO E INSTALACAO. AF_01/2020","un",2,583.4,1166.8]
["6.13.5","513792-6","BARRA DE APOIO EM \"L\", EM ACO INOX POLIDO 80 X 80 CM, FIXADA NA PAREDE - FORNECIMENTO E INSTALACAO. AF_01/2020","un",4,631.25,2525]
["6.13.6","457553-9","PAPELEIRA DE PAREDE EM METAL CROMADO SEM TAMPA, INCLUSO FIXAÇÃO. AF_01/2020","un",8,84.13000000000001,673.04]
["6.13.7","429778-4","FORNECIMENTO DE ESPELHO CRISTAL 4MM, COLOCADO SOBRE CHAPAS DE ISOPOR, FIXADO COM PARAFUSO DE LATÃO, INCLUSIVE ASSENTAMENTO","m²",8,374.07,2992.56]
["6.14.",null,"INSTALAÇÕES HIDROSSANITÁRIAS",""]
["6.14.1.",null,"CAPTAÇÃO DE ÁGUA PLUVIAL",""]
["6.14.1.1","470097-0","FORNECIMENTO E INSTALAÇÃO DE RALO HEMISFÉRICO EM PLÁSTICO DIÂMETRO DE 100MM.","un",1,44.1,44.1]
["6.14.1.2",null,"FORNECIMENTO E INSTALAÇÃO DE RALO HEMISFÉRICO EM PLÁSTICO DIÂMETRO DE 150MM.","un",1,76.040000000000006,76.040000000000006]
["6.14.1.3","442057-8","TUBO PVC, SÉRIE R, ÁGUA PLUVIAL, DN 100 MM, FORNECIDO E INSTALADO EM CONDUTORES VERTICAIS DE ÁGUAS PLUVIAIS. AF_06/2022","m",5,26.99,134.94999999999999]
["6.14.1.4",null,"TUBO PVC, SÉRIE R, ÁGUA PLUVIAL, DN 150 MM, FORNECIDO E INSTALADO EM CONDUTORES VERTICAIS DE ÁGUAS PLUVIAIS. AF_06/2022","m",5,55.7,278.5]
["6.14.1.5","455720-4","TUBO PVC, SÉRIE R, ÁGUA PLUVIAL, DN 100 MM, FORNECIDO E INSTALADO EM RAMAL DE ENCAMINHAMENTO. AF_06/2022","m",3,41.72,125.16]
["6.14.1.6",null,"TUBO PVC, SÉRIE R, ÁGUA PLUVIAL, DN 150 MM, FORNECIDO E INSTALADO EM RAMAL DE ENCAMINHAMENTO. AF_06/2022","m",3,61.089999999999996,183.27]
["6.14.1.7","442112-4","ESCAVAÇÃO MANUAL DE VALA. AF_09/2024","m³",0.6,79.67,47.8]
["6.14.1.8","479123-1","REATERRO MANUAL APILOADO COM SOQUETE.","m³",0.6,55.64,33.380000000000003]
["6.14.1.9",null,"JOELHO 90 GRAUS, PVC, SERIE R, ÁGUA PLUVIAL, DN 100 MM, JUNTA ELÁSTICA, FORNECIDO E INSTALADO EM RAMAL DE ENCAMINHAMENTO. AF_06/2022","un",2,32.619999999999997,65.239999999999995]
["6.14.2.",null,"PONTOS DE ÁGUA FRIA E ESGOTO",""]
["6.14.2.1",null,"PONTO DE ÁGUA FRIA (SUBRAMAL) COM TUBULAÇÃO DE PVC, DN 25 MM, INSTALADO EM RAMAL DE ÁGUA, INCLUSIVE CONEXÕES. EXCLUSIVE RASGO E CHUMBAMENTO EM ALVENARIA. . PARA WCS EDF. OSCAR PEREIRA (CICA)."," pt",15,73.38,1100.7]
["6.14.2.2",null,"PONTO DE ÁGUA FRIA (SUBRAMAL) COM TUBULAÇÃO DE PVC, DN 40 MM, INSTALADO PONTO DE VÁLVULA DE DESCARGA, INCLUSIVE CONEXÕES E VÁVULA DE DESCARGA BENEFIT. EXCLUSIVE RASGO E CHUMBAMENTO EM ALVENARIA. PARA WCS EDF. OSCAR PEREIRA (CICA)."," pt",2,1209.94,2419.88]
["6.14.2.3",null,"TUBO, PVC, SOLDÁVEL, DE 40MM, INSTALADO EM RAMAL DE DISTRIBUIÇÃO DE ÁGUA - FORNECIMENTO E INSTALAÇÃO. AF_06/2022","m",10,22,220]
["6.14.2.4","441033-5","REGISTRO DE GAVETA BRUTO, LATÃO, ROSCÁVEL, 1 1/4\", COM ACABAMENTO E CANOPLA CROMADOS - FORNECIMENTO E INSTALAÇÃO. AF_08/2021","un",2,147.17000000000002,294.33999999999997]
["6.14.2.5","438798-8","RASGO LINEAR MANUAL EM ALVENARIA, PARA RAMAIS/ DISTRIBUIÇÃO DE INSTALAÇÕES HIDRÁULICAS, DIÂMETROS MENORES OU IGUAIS A 40 MM. AF_09/2023","m",25,7.13,178.25]
["6.14.2.6","456915-6","CHUMBAMENTO LINEAR EM ALVENARIA PARA RAMAIS/DISTRIBUIÇÃO DE INSTALAÇÕES HIDRÁULICAS COM DIÂMETROS MENORES OU IGUAIS A 40 MM. AF_09/2023","m",25,13.81,345.25]
["6.14.2.7","477057-9","FIXAÇÃO DE TUBOS HORIZONTAIS DE PVC ÁGUA, PVC ESGOTO, PVC ÁGUA PLUVIAL, CPVC, PPR, COBRE OU AÇO, DIÂMETROS MENORES OU IGUAIS A 40 MM, COM ABRAÇADEIRA METÁLICA RÍGIDA TIPO U PERFIL 1 1/4\", FIXADA EM PERFILADO EM LAJE. AF_09/2023_PS","m",6,10.57,63.42]
["6.14.2.8",null,"ENGATE FLEXÍVEL EM INOX, 1/2  X 30CM - FORNECIMENTO E INSTALAÇÃO. AF_01/2020","un",4,60.46,241.84]
["6.14.2.9",null,"PONTO DE ESGOTO PARA BACIA SANITÁRIA COM TUBO DE PVC RÍGIDO SOLDÁVEL DE 100 MM DE DIÂMETRO. (EDF. OSCAR PEREIRA)","un",2,46.92,93.84]
["6.14.2.10",null,"PONTO DE ESGOTO COM TUBO DE PVC RÍGIDO SOLDÁVEL DE Ø 40 MM PARA LAVATÓRIOS. PARA WC PCD EDF. OSCAR PEREIRA (CICA)","un",3,42.22,126.66]
["6.14.2.11",null,"PONTO DE RALO SIFONADO PVC, 150X150X50, JUNTA SOLDÁVEL, FORNECIDO E INSTALADO EM RAMAL DE ESGOTO SANITÁRIO."," pt",2,116.02000000000001,232.04]
["6.14.2.12",null,"PONTO DE ESGOTO COM TUBO DE PVC RÍGIDO SOLDÁVEL DE Ø 40 MM PARA RALO SECO. PARA WC PCD EDF. OSCAR PEREIRA (CICA)"," pt",1,21.78,21.78]
["6.14.2.13","442112-4","ESCAVAÇÃO MANUAL DE VALA. AF_09/2024","m³",0.38,79.67,30.27]
["6.14.2.14","479123-1","REATERRO MANUAL APILOADO COM SOQUETE.","m³",0.38,55.64,21.14]
["6.14.3.",null,"TUBULAÇÃO RAMAIS DE ESGOTO SUBCOLETORES / VENTILAÇÃO",""]
["6.14.3.1",null,"TUBO PVC, SERIE NORMAL, ESGOTO PREDIAL, DN 100 MM, FORNECIDO E INSTALADO EM RAMAL DE DESCARGA OU RAMAL DE ESGOTO SANITÁRIO. AF_08/2022","m",2,32.83,65.66]
["6.14.3.2",null,"TUBO PVC, SERIE NORMAL, ESGOTO PREDIAL, DN 50 MM, FORNECIDO E INSTALADO EM PRUMADA DE ESGOTO SANITÁRIO OU VENTILAÇÃO. AF_08/2022","m",4,11.07,44.28]
["6.14.3.3","442112-4","ESCAVAÇÃO MANUAL DE VALA. AF_09/2024","m³",0.32,79.67,25.49]
["6.14.3.4","479123-1","REATERRO MANUAL APILOADO COM SOQUETE.","m³",0.32,55.64,17.8]
["6.14.3.5",null,"TUBO PVC, SERIE NORMAL, ESGOTO PREDIAL, DN 50 MM, FORNECIDO E INSTALADO EM PRUMADA DE ESGOTO SANITÁRIO OU VENTILAÇÃO. AF_08/2022","m",3,11.07,33.21]
["6.14.4.",null,"DESTINO FINAL DE ESGOTO - CAIXAS DE GORDURA, COLETORA, SUB-COLETORA OUTRAS DO DESTINO FINAL DE ESGOTO",""]
["6.14.4.1",null,"CAIXA DE INSPEÇÃO DE ALV. BLOCO CERÂMICO 9X19X39CM, DIM, 60X60CM E HMÁX = 1M, COM TAMPA EM CONCRETO ESP. 5CM, LASTRO DE CONCRETO ESP. 10CM, REVESTIDA INTERNAMENTE COM CHAPISCO E REBOCO IMPERMEABILIZADO, INCLUSIVE ESCAVAÇÃO, REATERRO E ENCHIMENTO.","un",3,581.19000000000005,1743.57]
["6.15.",null,"INSTALAÇÕES ELÉTRICAS",""]
["6.15.1.",null,"CONDUTOS",""]
["6.15.1.1",null,"ELETRODUTO RÍGIDO ROSCÁVEL, EM PVC, DN 32 MM (1\"), COM LUVA DE ROSCA INTERNA E CONEXÕES, INSTALADO EM FORRO.  FORNECIMENTO E INSTALAÇÃO.","m",22,27.92,614.24]
["6.15.1.2",null,"ELETRODUTO RÍGIDO ROSCÁVEL, EM PVC, DN 40 MM (1 1/4\"), COM LUVA DE ROSCA INTERNA E CONEXÕES, INSTALADO EM FORRO.  FORNECIMENTO E INSTALAÇÃO.","m",16,35.64,570.24]
["6.15.2.",null,"CONDUTORES",""]
["6.15.2.1",null,"CABO DE COBRE FLEXÍVEL, TÊMPERA MOLE E ENCORDOAMENTO CLASSES 4 E 5, SEÇÃO NOMINAL DE 16 MM², ISOLAÇÃO ANTI-CHAMA EM COMPOSTO TERMOPLÁSTICO NÃO HALOGENADO, COM BAIXA EMISSÃO DE FUMAÇA, 0,6/1,0KV - 70ºC, INCLUSIVE INSTALAÇÃO.","m",77.5,28.37,2198.67]
["6.15.2.2",null,"CABO DE COBRE FLEXÍVEL, TÊMPERA MOLE E ENCORDOAMENTO CLASSES 4 E 5, SEÇÃO NOMINAL DE 4 MM², ISOLAÇÃO  ANTI-CHAMA EM COMPOSTO TERMOPLÁSTICO NÃO HALOGENADO, COM BAIXA EMISSÃO DE FUMAÇA, 0,6/1,0KV - 70ºC, INCLUSIVE INSTALAÇÃO.","m",7.7,8.75,67.37]
["6.15.2.3",null,"CABO DE COBRE FLEXÍVEL, ISOLADO CLASSE 4 OU 5, SEÇÃO NOMINAL DE 2,5 MM², ANTI-CHAMA, 450/750V - 70ºC, INCLUSIVE INSTALAÇÃO.","m",220,3.55,781]
["6.15.3.",null,"CAIXAS",""]
["6.15.3.1",null,"FORNECIMENTO E INSTALAÇÃO DE CAIXA METÁLICA 30X30X12CM COM TAMPA PARA INSTALAÇÃO EM TETO.","un",2,124.83,249.66]
["6.15.3.2",null,"CONECTOR SINDAL BARRA 12 BORNES DE 2,5 / 4,0MM² - FORNECIMENTO E INSTALAÇÃO. ","un",9,22.72,204.48]
["6.15.4.",null,"INTERRUPTORES E TOMADAS",""]
["6.15.4.1",null,"INTERRUPTOR SIMPLES DE UMA SEÇÃO PARA CAIXA 4X2\", COMPOSTO POR SUPORTE, PLACA PARA UM POSTO E UM MÓDULO DE INTERRUPTOR SIMPLES, COR BEGE, LINHA PIALPLUS OU EQUIVALENTE. FORNECIMENTO E INSTALAÇÃO.","un",15,26.18,392.7]
["6.15.4.2",null,"TOMADA PARA CAIXA 4X2\", COMPOSTA POR SUPORTE, PLACA PARA UM POSTO E UM MÓDULO DE TOMADA 2P+T, 20A, 250V, COR BEGE, LINHA PIALPLUS OU EQUIVALENTE. FORNECIMENTO E INSTALAÇÃO.","un",8,27.61,220.88]
["6.15.5.",null,"LUMINÁRIAS",""]
["6.15.5.1",null,"LUMINÁRIA CIRCULAR DE EMBUTIR PARA 02 LÂMPADAS LED BULBO DE 10W, COM ARO DE ACABAMENTO EM CHAPA DE AÇO PINTADA, REFLETOR EM ALUMÍNIO REPUXADO E ANODIZADO DE ALTA PUREZA E REFLETÂNCIA, SOQUETES EM POLICARBONATO, COM VIDRO DIFUSOR TEMPERADO JATEADO CENTRAL (DIÂMETRO EXTERNO APROX. DO VIDRO 21,0 CM) E DEMAIS ACESSÓRIOS, INCLUSIVE DUAS LÂMPADAS LED 2X10W, E27, 220V, 5000K. FORNECIMENTO E INSTALAÇÃO.","un",25,130.72999999999999,3268.25]
["6.15.6.",null,"QUADRO / PROTEÇÃO",""]
["6.15.6.1",null,"QUADRO DE DISTRIBUIÇÃO DE ENERGIA DE EMBUTIR, EM CHAPA METÁLICA, PARA 36 DISJUNTORES TERMOMAGNÉTICOS MONOPOLARES, PADRÃO DIN, COM BARRAMENTO TRIFÁSICO (100A), GUIA PARA DISJUNTOR GERAL, BARRAS DE NEUTRO E TERRA E DEMAIS ACESSÓRIOS. FORNECIMENTO E INSTALAÇÃO.","un",2,580.65,1161.3]
["6.15.6.2",null,"DISJUNTOR MONOPOLAR TIPO DIN, CORRENTE NOMINAL DE 10A - FORNECIMENTO E INSTALAÇÃO. AF_10/2020","un",5,12.75,63.75]
["6.15.7.",null,"PONTOS",""]
["6.15.7.1",null,"PONTO DE LUZ EM TETO/PAREDE, COMPOSTO POR FIAÇÃO EM CABO DE COBRE FLEXÍVEL DE 2,5MM², COM ISOLAÇÃO EM COMPOSTO TERMOPLÁSTICO POLIOLEFÍNICO NÃO HALOGENADO, NÃO PROPAGANTE À CHAMA, COM BAIXA EMISSÃO DE FUMAÇA E GASES TÓXICOS E CLASSE TÉRMICA 70° C (AFUMEX, ATOX, AFITOX OU EQUIVALENTE (NÃO-HALOGENADO), ISOLAÇÃO 750V. ELETRODUTO DE PVC RÍGIDO DE 3/4\" COM LUVA DE ROSCA INTERNA, CAIXA OCTOGONAL E DEMAIS ACESSÓRIOS, DESDE O PONTO DE LUZ ATÉ O QUADRO DE DISTRIBUIÇÃO - FORNECIMENTO E INSTALAÇÃO."," pt",25,123.03,3075.75]
["6.15.7.2",null,"PONTO PARA INTERRUPTOR SIMPLES DE UMA  SEÇÃO EM ALVENARIA, COMPOSTO POR FIAÇÃO EM CABO DE COBRE FLEXÍVEL DE 2,5MM², COM ISOLAÇÃO EM COMPOSTO TERMOPLÁSTICO POLIOLEFÍNICO NÃO HALOGENADO, NÃO PROPAGANTE À CHAMA, COM BAIXA EMISSÃO DE FUMAÇA E GASES TÓXICOS E CLASSE TÉRMICA 70° C (AFUMEX, ATOX, AFITOX OU EQUIVALENTE (NÃO-HALOGENADO) E ISOLAÇÃO 750V. ELETRODUTO DE PVC RÍGIDO DE 3/4\" COM LUVA DE ROSCA INTERNA, CAIXA 4X2\"  E DEMAIS ACESSÓRIOS - FORNECIMENTO E INSTALAÇÃO."," pt",15,102.45,1536.75]
["6.15.7.3",null,"PONTO PARA TOMADA 2P+T EM ALVENARIA, COMPOSTO POR FIAÇÃO EM CABO DE COBRE FLEXÍVEL DE 2,5MM², COM ISOLAÇÃO EM COMPOSTO TERMOPLÁSTICO POLIOLEFÍNICO NÃO HALOGENADO, NÃO PROPAGANTE À CHAMA, COM BAIXA EMISSÃO DE FUMAÇA E GASES TÓXICOS E CLASSE TÉRMICA 70° C (AFUMEX, ATOX, AFITOX OU EQUIVALENTE (NÃO-HALOGENADO) E ISOLAÇÃO 750V. ELETRODUTO DE PVC RÍGIDO DE 3/4\" COM LUVA DE ROSCA INTERNA, CAIXA 4X2\" - FORNECIMENTO E INSTALAÇÃO."," pt",8,120.75,966]
["6.16.",null,"INSTALAÇÕES DE PREVENÇÃO E COMBATE A INCÊNDIO",""]
["6.16.1.",null,"SISTEMA DE EXTINTORES",""]
["6.16.1.1",null,"EXTINTOR DE INCÊNDIO PORTÁTIL COM CARGA DE PQS DE 4 KG, CLASSE BC - FORNECIMENTO E INSTALAÇÃO. AF_10/2020_PE","un",1,247.82,247.82]
["6.16.1.2","523226-0","EXTINTOR DE INCÊNDIO PORTÁTIL COM CARGA DE PQS DE 6 KG, CLASSE BC - FORNECIMENTO E INSTALAÇÃO. AF_10/2020_PE","un",7,288.8,2021.6]
["6.16.1.3","520895-5","EXTINTOR DE INCÊNDIO PORTÁTIL COM CARGA DE CO2 DE 6 KG, CLASSE BC - FORNECIMENTO E INSTALAÇÃO. AF_10/2020_PE","un",7,821.45999999999992,5750.22]
["6.16.1.4","231754-0","FORNECIMENTO E INSTALAÇÃO DE SUPORTE DE PAREDE PARA EXTINTORES.","un",15,16.329999999999998,244.95]
["6.16.2.",null,"SISTEMA DE ILUMINAÇÃO E SINALIZAÇÃO DE EMERGENCIA",""]
["6.16.2.1",null,"FORNECIMENTO E INSTALAÇÃO DE LUMINÁRIA AUTÔNOMA DE SOBREPOR P/ACLARAMENTO OU BALIZAMENTO MOD.LAU 2X11 C/2 LÂMPADAS 11W E BATERIA SELADA.","un",16,541.29000000000008,8660.64]
["6.16.2.2","491851-7","FORNECIMENTO E INSTALAÇÃO DE PLACA DE SINALIZAÇÃO DE SEGURANÇA CONTRA INCÊNDIO, FOTOLUMINESCENTE, RETANGULAR, *13 X 26* CM, EM PVC *2* MM ANTI-CHAMAS (SÍMBOLOS, CORES E PICTOGRAMAS CONFORME NBR 13434); SAÍDA LATERAL VERMELHA.","un",21,48.86,1026.06]
["6.16.2.3","545971-0","FORNECIMENTO E INSTALAÇÃO DE PLACA DE SINALIZAÇÃO DE SEGURANÇA CONTRA INCÊNDIO, FOTOLUMINESCENTE, QUADRADA, *20 X 20* CM, EM PVC *2* MM ANTI-CHAMAS (SÍMBOLOS, CORES E PICTOGRAMAS CONFORME NBR 13434).","un",20,55.32,1106.4000000000001]
["6.16.2.4","551632-3","FORNECIMENTO E INSTALAÇÃO DE FITA ANTIDERRAPANTE SAFETY-WALK \"3M\" L=5CM OU EQUIVALENTE.","m",77,13.290000000000001,1023.33]
["6.16.2.5",null,"FORNECIMENTO E INSTALAÇÃO DE CORRIMÃO EM TUBO DE AÇO INOX COM DIÂMETRO DE 1 E 1/2\", COM CHUMBADORES PARA FIXAÇÃO EM ALVENARIA.","m",96,130.04999999999998,12484.8]
["6.16.3.",null,"MARCAÇÃO NO PISO PARA HIDRANTE E EXTINTORES",""]
["6.16.3.1","529311-1","PINTURA DE PISO COM TINTA ACRÍLICA, APLICAÇÃO MANUAL, 2 DEMÃOS, INCLUSO FUNDO PREPARADOR. AF_05/2021","m²",19,20.329999999999998,386.27]
["6.16.4.",null,"REDE DE HIDRANTES E SPRINKLERS",""]
["6.16.4.1","501954-0","SPRINKLER TIPO PENDENTE, 68 °C, UNIÃO POR ROSCA DN 15 (1/2\") - FORNECIMENTO E INSTALAÇÃO. AF_10/2020","un",17,34.07,579.19000000000005]
["6.16.4.2",null,"CHAVE DE FLUXO 1” – FORNECIMENTO E INSTALAÇÃO. (CONFORME PROJETO)","un",1,224.28,224.28]
["6.16.4.3",null,"REGISTRO DE GAVETA BRUTO, LATÃO, ROSCÁVEL, 1\" - FORNECIMENTO E INSTALAÇÃO. AF_08/2021","un",1,57.34,57.34]
["6.16.4.4",null,"CHAVE DE FLUXO 1 1/4” – FORNECIMENTO E INSTALAÇÃO. (CONFORME PROJETO)","un",1,304.64,304.64]
["6.16.4.5",null,"REGISTRO DE GAVETA BRUTO, LATÃO, ROSCÁVEL, 1 1/4\" - FORNECIMENTO E INSTALAÇÃO. AF_08/2021","un",1,78.13000000000001,78.13]
["6.16.4.6",null,"CHAVE DE FLUXO 1 1/2” – FORNECIMENTO E INSTALAÇÃO. (CONFORME PROJETO)","un",1,343.66999999999996,343.67]
["6.16.4.7",null,"REGISTRO DE GAVETA BRUTO, LATÃO, ROSCÁVEL, 1 1/2\" - FORNECIMENTO E INSTALAÇÃO. AF_08/2021","un",1,98.98,98.98]
["6.16.4.8",null,"CHAVE DE FLUXO 2” – FORNECIMENTO E INSTALAÇÃO. (CONFORME PROJETO)","un",1,531.48,531.48]
["6.16.4.9",null,"FORNECIMENTO E INSTALAÇÃO DO MÓDULO ENDEREÇAMENTO DETECTOR INCÊNDIO SEGURIMAX OU EQUIVALENTE.","un",4,206.52,826.08]
["6.16.4.10",null,"REGISTRO DE GAVETA BRUTO, LATÃO, ROSCÁVEL, 2\" - FORNECIMENTO E INSTALAÇÃO. AF_08/2021","un",1,136.63,136.63]
["6.16.4.11","501926-5","TUBO DE AÇO GALVANIZADO COM COSTURA, CLASSE MÉDIA, CONEXÃO ROSQUEADA, DN 25 (1\"), INSTALADO EM REDE DE ALIMENTAÇÃO PARA SPRINKLER - FORNECIMENTO E INSTALAÇÃO. AF_10/2020","m",61,40.909999999999997,2495.5100000000002]
["6.16.4.12","501928-1","TUBO DE AÇO GALVANIZADO COM COSTURA, CLASSE MÉDIA, CONEXÃO ROSQUEADA, DN 32 (1 1/4\"), INSTALADO EM REDE DE ALIMENTAÇÃO PARA SPRINKLER - FORNECIMENTO E INSTALAÇÃO. AF_10/2020","m",2,49.209999999999994,98.42]
["6.16.4.13","501929-0","TUBO DE AÇO GALVANIZADO COM COSTURA, CLASSE MÉDIA, CONEXÃO ROSQUEADA, DN 40 (1 1/2\"), INSTALADO EM REDE DE ALIMENTAÇÃO PARA SPRINKLER - FORNECIMENTO E INSTALAÇÃO. AF_10/2020","m",12,55.94,671.28]
["6.16.4.14","501930-3","TUBO DE AÇO GALVANIZADO COM COSTURA, CLASSE MÉDIA, CONEXÃO ROSQUEADA, DN 50 (2\"), INSTALADO EM REDE DE ALIMENTAÇÃO PARA SPRINKLER - FORNECIMENTO E INSTALAÇÃO. AF_10/2020","m",2,75.789999999999992,151.58000000000001]
["6.16.4.15",null,"RETIRADA DE TUBO DE AÇO GALVANIZADO COM COSTURA ACIMA DE 2\", INCLUSIVE CONEXÃO.","m",3,14.809999999999999,44.43]
["6.16.4.16","556317-8","JOELHO 90 GRAUS, EM FERRO GALVANIZADO, CONEXÃO ROSQUEADA, DN 25 (1\"), INSTALADO EM REDE DE ALIMENTAÇÃO PARA SPRINKLER - FORNECIMENTO E INSTALAÇÃO. AF_10/2020","un",14,36.599999999999994,512.4]
["6.16.4.17",null,"JOELHO 90 GRAUS, EM FERRO GALVANIZADO, CONEXÃO ROSQUEADA, DN 100 (4\"), INSTALADO EM REDE DE ALIMENTAÇÃO PARA SPRINKLER E HIDRANTE- FORNECIMENTO E INSTALAÇÃO.","un",6,289.94,1739.64]
["6.16.4.18",null,"JOELHO 90 GRAUS, EM FERRO GALVANIZADO, CONEXÃO ROSQUEADA, DN 150 (6\"), INSTALADO EM REDE DE ALIMENTAÇÃO PARA SPRINKLER E HIDRANTE- FORNECIMENTO E INSTALAÇÃO.","un",3,991.79,2975.37]
["6.16.4.19","513932-5","TÊ, EM FERRO GALVANIZADO, CONEXÃO ROSQUEADA, DN 25 (1\"), INSTALADO EM REDE DE ALIMENTAÇÃO PARA SPRINKLER - FORNECIMENTO E INSTALAÇÃO. AF_10/2020","un",10,49.71,497.1]
["6.16.4.20","513931-7","TÊ, EM FERRO GALVANIZADO, CONEXÃO ROSQUEADA, DN 32 (1 1/4\"), INSTALADO EM REDE DE ALIMENTAÇÃO PARA SPRINKLER - FORNECIMENTO E INSTALAÇÃO. AF_10/2020","un",1,63.09,63.09]
["6.16.4.21",null,"TÊ, EM FERRO GALVANIZADO, CONEXÃO ROSQUEADA, DN 40 (1 1/2\"), INSTALADO EM REDE DE ALIMENTAÇÃO PARA SPRINKLER - FORNECIMENTO E INSTALAÇÃO. AF_10/2020","un",4,74.03,296.12]
["6.16.4.22","513930-9","TÊ, EM FERRO GALVANIZADO, CONEXÃO ROSQUEADA, DN 50 (2\"), INSTALADO EM REDE DE ALIMENTAÇÃO PARA SPRINKLER - FORNECIMENTO E INSTALAÇÃO. AF_10/2020","un",1,101.49,101.49]
["6.16.4.23",null,"TÊ, EM FERRO GALVANIZADO, CONEXÃO ROSQUEADA, DN 100 (4\"), INSTALADO EM REDE DE ALIMENTAÇÃO PARA SPRINKLER - FORNECIMENTO E INSTALAÇÃO.","un",8,372.78999999999996,2982.32]
["6.16.4.24",null,"TÊ, EM FERRO GALVANIZADO, CONEXÃO ROSQUEADA, DN 150 (6\"), INSTALADO EM REDE DE ALIMENTAÇÃO PARA SPRINKLER - FORNECIMENTO E INSTALAÇÃO.","un",3,1148.54,3445.62]
["6.16.4.25",null,"LUVA DE REDUÇÃO, EM FERRO GALVANIZADO, 4\" X 2 1/2\", CONEXÃO ROSQUEADA, INSTALADO EM REDE DE ALIMENTAÇÃO PARA SPRINKLER - FORNECIMENTO E INSTALAÇÃO.","un",5,228.60000000000002,1143]
["6.16.4.26",null,"LUVA DE REDUÇÃO, EM FERRO GALVANIZADO, 4\" X 2\", CONEXÃO ROSQUEADA, INSTALADO EM REDE DE ALIMENTAÇÃO PARA SPRINKLER - FORNECIMENTO E INSTALAÇÃO.","un",4,228.60000000000002,914.4]
["6.16.4.27","553790-8","LUVA DE REDUÇÃO, EM FERRO GALVANIZADO, 2\" X 1\", CONEXÃO ROSQUEADA, INSTALADO EM REDE DE ALIMENTAÇÃO PARA SPRINKLER - FORNECIMENTO E INSTALAÇÃO. AF_10/2020","un",1,56.830000000000005,56.83]
["6.16.4.28","472388-0","LUVA DE REDUÇÃO, EM FERRO GALVANIZADO, 2\" X 1 1/4\", CONEXÃO ROSQUEADA, INSTALADO EM REDE DE ALIMENTAÇÃO PARA SPRINKLER - FORNECIMENTO E INSTALAÇÃO. AF_10/2020","un",1,56.830000000000005,56.83]
["6.16.4.29","513929-5","LUVA DE REDUÇÃO, EM FERRO GALVANIZADO, 1 1/4\" X 1\", CONEXÃO ROSQUEADA, INSTALADO EM REDE DE ALIMENTAÇÃO PARA SPRINKLER - FORNECIMENTO E INSTALAÇÃO. AF_10/2020","un",2,35.31,70.62]
["6.16.4.30",null,"LUVA DE REDUÇÃO, EM FERRO GALVANIZADO, 1 1/2\" X 1 1/4\", CONEXÃO ROSQUEADA, INSTALADO EM REDE DE ALIMENTAÇÃO PARA SPRINKLER - FORNECIMENTO E INSTALAÇÃO. AF_10/2020","un",4,40.590000000000003,162.36000000000001]
["6.16.4.31","553648-0","LUVA DE REDUÇÃO, EM FERRO GALVANIZADO, 1\" X 1/2\", CONEXÃO ROSQUEADA, INSTALADO EM REDE DE ALIMENTAÇÃO PARA SPRINKLER - FORNECIMENTO E INSTALAÇÃO. AF_10/2020","un",17,27.41,465.97]
["6.16.4.32",null,"LUVA DE REDUÇÃO, EM FERRO GALVANIZADO, 2\" X 1 1/2\", CONEXÃO ROSQUEADA, INSTALADO EM REDE DE ALIMENTAÇÃO PARA SPRINKLER - FORNECIMENTO E INSTALAÇÃO. AF_10/2020","un",2,56.830000000000005,113.66]
["6.16.4.33","546760-8","HIDRANTE DE RECALQUE INCLUINDO CAIXA EM ALVENARIA DE TIJOLOS MACIÇOS ESP. = 0,12M, DIM. INT. = 0.40 X 0.60 X 0.35M, COM TAMPA EM FERRO FUNDIDO 0,40 X 0,60 E FUNDO COM BRITA.","un",1,884.81999999999994,884.82]
["6.16.4.34",null,"FORNECIMENTO E INSTALAÇÃO DE ABRIGO PARA MANGUEIRAS E HIDRANTE, TIPO SOBREPOR, DIMENSÕES 75X45X17CM, PORTA COM VISOR EM ACRÍLICO COM A INSCRIÇÃO \"INCÊNDIO\" E CESTO FIXO, PINTADO COM PINTURA ELETROESTÁTICA NA COR VERMELHA, INCLUSIVE REGISTRO GLOBO ANGULAR 45° Ø2.1/2\", 02 MANGUEIRAS Ø1.1/2\" COM 15M, ADAPTADOR STORZ Ø2.1/2\" X Ø1.1/2\", CHAVE STORZ, ESGUICHO REGULÁVEL 40MM E TAMPÃO DE ENGATE RÁPIDO COM CORRENTE Ø2.1/2\".","un",3,2595.8500000000004,7787.55]
["6.16.4.35",null,"RECOLOCAÇÃO DE HIDRANTES DE PAREDE","un",1,235.10000000000002,235.1]
["6.16.4.36","501931-1","TUBO DE AÇO GALVANIZADO COM COSTURA, CLASSE MÉDIA, DN 65 (2 1/2\"), CONEXÃO ROSQUEADA, INSTALADO EM REDE DE ALIMENTAÇÃO PARA HIDRANTE - FORNECIMENTO E INSTALAÇÃO. AF_10/2020","m",4,87.580000000000013,350.32]
["6.16.4.37",null,"TUBO DE AÇO GALVANIZADO COM COSTURA, CLASSE MÉDIA, DN 100 (4\"), CONEXÃO ROSQUEADA, INSTALADO EM REDE DE ALIMENTAÇÃO PARA HIDRANTE - FORNECIMENTO E INSTALAÇÃO. AF_10/2020","m",15,156.24,2343.6]
["6.16.4.38",null,"FORNECIMENTO E INSTALAÇÃO DE TUBO DE AÇO GALVANIZADO COM COSTURA, CLASSE MÉDIA, CONEXÃO ROSQUEADA, DN 100 (4\"), INSTALADO EM REDE DE ALIMENTAÇÃO PARA HIDRANTES, COM ABERTURA E FECHAMENTO DE VALA.","m",20,183.29999999999998,3666]
["6.16.4.39",null,"FORNECIMENTO E INSTALAÇÃO DE TUBO DE AÇO GALVANIZADO COM COSTURA, CLASSE MÉDIA, CONEXÃO ROSQUEADA, DN 150 (6\"), INSTALADO EM REDE DE SUCÇÃO PARA HIDRANTES, INCLUSIVE CONEXÕES.","m",10,427.69000000000005,4276.8999999999996]
["6.16.5.",null,"REMOÇÃO E RECOMPOSIÇÃO DE FORRO",""]
["6.16.5.1","485901-4","REMOÇÃO DE FORRO DE GESSO, DE FORMA MANUAL, SEM REAPROVEITAMENTO. AF_09/2023","m²",800,2.74,2192]
["6.16.5.2","474374-1","FORRO EM PLACAS DE GESSO, PARA AMBIENTES COMERCIAIS. AF_08/2023_PS","m²",800,41.61,33288]
["6.17.",null,"SPDA",""]
["6.17.1.",null,"CONDUTOS"]
["6.17.1.1",null,"ELETRODUTO RÍGIDO ROSCÁVEL, EM PVC, DN 32 MM (1\"), COM LUVA DE ROSCA INTERNA E CONEXÕES, INSTALAÇÃO APARENTE, FIXADO COM ABRAÇADEIRA.  FORNECIMENTO E INSTALAÇÃO.","m",18,27.92,502.56]
["6.17.2.",null,"CONDUTORES",""]
["6.17.2.1",null,"CORDOALHA EM CABO DE COBRE NU, TÊMPERA MEIO-DURO, ENCORDOAMENTO CLASSE 2, SEÇÃO NOMINAL DE 35 MM², NÃO ENTERRADA, FIXADA COM PRESILHA DE LATÃO PARA CABO DE 35 MM², INCLUSIVE PARAFUSO EM AÇO INOX FENDA, BUCHA NYLON E VEDAÇÃO DOS FUROS COM SELANTE POLIURETANO, MARCA DE REF. TERMOTÉCNICA OU EQUIVALENTE. FORNECIMENTO E INSTALAÇÃO.","m",174.56,56.84,9921.99]
["6.17.2.2",null,"CORDOALHA EM CABO DE COBRE NU, TÊMPERA MEIO-DURO, ENCORDOAMENTO CLASSE 2, SEÇÃO NOMINAL DE 50 MM², NÃO ENTERRADA, FIXADA COM PRESILHA DE LATÃO PARA CABO DE 50 MM², INCLUSIVE PARAFUSO EM AÇO INOX FENDA, BUCHA NYLON E VEDAÇÃO DOS FUROS COM SELANTE POLIURETANO, MARCA DE REF. TERMOTÉCNICA OU EQUIVALENTE. FORNECIMENTO E INSTALAÇÃO.","m",6,75.740000000000009,454.44]
["6.17.2.3",null,"CABO DE COBRE NU, TÊMPERA MEIO-DURO, ENCORDOAMENTO CLASSE 2A/3A, SEÇÃO NOMINAL DE 50 MM², PARA ATERRAMENTO, INSTALADO EM VALA COM 0,5 M DE PROFUNDIDADE, INCLUSIVE ESCAVAÇÃO E REATERRO.","m",90.2,80.66,7275.53]
["6.17.3.",null,"CAPTAÇÃO E ATERRAMENTO",""]
["6.17.3.1",null,"CAIXA DE PASSAGEM DE ALVENARIA DE BLOCOS CERÂMICOS 10 FUROS 10X20X20CM, DIMENSÃO DE 30X30X30CM, COM REVESTIMENTO INTERNO EM CHAPISCO E REBOCO, TAMPA DE CONCRETO ESP. 5CM E LASTRO DE BRITA 5CM","un",6,124.02,744.12]
["6.17.3.2","156973-2","HASTE DE ATERRAMENTO (TIPO COPPERWELD) DE 5/8\" X 2,40 M. FORNECIMENTO E INSTALAÇÃO","un",6,38.910000000000004,233.46]
["6.17.3.3",null,"FORNECIMENTO E INSTALAÇÃO DE CONECTOR REFORÇADO EM BRONZE REF. TEL-580 OU EQUIVALENTE.","un",6,66.459999999999994,398.76]
["6.17.3.4",null,"MASTRO TELESCÓPICO DE 6M (3MX2\" E 3MX1.1/2\"), INCL. BASE DE FIXAÇÃO 2\", CAPTOR TIPO FRANKLIN EM LATÃO CROMADO (2 DESCIDAS), ABRAÇADEIRAS GUIA SIMPLES E REFORÇADAS PARA DUAS DESCIDAS, CONJ. DE CONTRAVENTAGEM COM ABRAÇADEIRA PARA 3 ESTAIS EM TUBO DE 2M E DEMAIS ACESSÓRIOS DE FIXAÇÃO. FORNECIMENTO E INSTALAÇÃO. ","un",1,1228.3200000000002,1228.32]
["6.17.3.5","494918-8","FORNECIMENTO E INSTALAÇÃO DE TERMINAL AÉREO EM AÇO GALVANIZADO A FOGO H=250MM X Ø3/8\" COM FIXAÇÃO HORIZONTAL, SEM BANDEIRINHA TEL - 044 OU EQUIVALENTE.","un",69,28.53,1968.57]
["6.17.3.6",null,"CAIXA DE INSPEÇÃO SUSPENSA EM POLIPROPILENO, COM TAMPA, ANTI-UV E ANTI-CHAMA (REF. TEL 541) E CONECTOR DE MEDIÇÃO EM BRONZE COM 4 PARAFUSOS PARA CABO DE COBRE 16-70MM² (REF. TEL-560) TERMOTÉCNICA OU EQUIVALENTE. FORNECIMENTO E INSTALAÇÃO.","un",6,125.73,754.38]
["6.17.3.7",null,"CONECTOR SPLIT-BOLT, PARA SPDA, PARA CABOS ATÉ 35 MM2 - FORNECIMENTO E INSTALAÇÃO. AF_08/2023","un",12,21.45,257.39999999999998]
["6.17.3.8",null,"APARELHO SINALIZADOR NOTURNO DE OBSTÁCULOS AÉREO, SIMPLES, COM CÉLULA FOTOELÉTRICA, INCLUSIVE UMA (1) LÂMPADA LED E SUPORTE PARA MASTRO. FORNECIMENTO E INSTALAÇÃO.","un",1,119.98,119.98]
["7.",null,"BLOCO NOVA CELA",""]
["7.1.",null,"DEMOLIÇÃO / REMOÇÃO / RETIRADA / ATERRO ",""]
["7.1.1","485901-4","REMOÇÃO DE FORRO DE GESSO, DE FORMA MANUAL, SEM REAPROVEITAMENTO. AF_09/2023","m²",5.7,2.74,15.61]
["7.1.2","483431-3","REMOÇÃO DE TELHAS DE FIBROCIMENTO, METÁLICA E CERÂMICA, DE FORMA MECANIZADA, COM USO DE GUINDASTE, SEM REAPROVEITAMENTO. AF_09/2023","m²",45.71,4.3,196.55]
["7.1.3","203060-8","DEMOLIÇÃO DE PISO CIMENTADO.","m²",30.23,29.47,890.87]
["7.1.4","572706-5","DEMOLIÇÃO DE ALVENARIA DE BLOCO FURADO, DE FORMA MANUAL, SEM REAPROVEITAMENTO. AF_09/2023","m³",0.13,53.199999999999996,6.91]
["7.1.5",null,"DEMOLIÇÃO DE REVESTIMENTO CERÂMICO, DE FORMA MECANIZADA COM MARTELETE, SEM REAPROVEITAMENTO. AF_09/2023","m²",23.63,7.0299999999999994,166.11]
["7.1.6","485902-2","REMOÇÃO DE PORTAS, DE FORMA MANUAL, SEM REAPROVEITAMENTO. AF_09/2023","m²",4.83,8.94,43.18]
["7.1.7","207607-1","RETIRADA DE CAIXAS PRÉ-MOLDADAS DE AR-CONDICIONADO.","un",1,20.22,20.22]
["7.1.8","203069-1","DEMOLIÇÃO DE REVESTIMENTO COM ARGAMASSA DE CIMENTO E AREIA.","m²",28.32,10.06,284.89]
["7.1.9","528880-0","TRANSPORTE HORIZONTAL COM JERICA DE 60 L, DE MASSA/ GRANEL (UNIDADE: M3XKM). AF_07/2019","m³XKm",7.0000000000000007E-2,1375.92,96.31]
["7.1.10","553633-2","ALUGUEL DE CAÇAMBA ESTACIONÁRIA COM ATÉ 6M³ COM DESTINAÇÃO FINAL DE RESÍDUOS SÓLIDOS.","un",2,490.76,981.52]
["7.1.11","465159-6","TAXA DE DESCARTE DE RESÍDUOS DA CONSTRUÇÃO CIVIL.","t",5.28,29.05,153.38]
["7.2.",null,"BANCO DE CONCRETO",""]
["7.2.1",null,"EXECUÇÃO DE LAJE TIPO TRELIÇADA Β 13, INCLUINDO VIGOTAS TRELIÇADAS COM EPS E ESCORAMENTO, PARA BANCO CELA.","m²",1.4,152.11000000000001,212.95]
["7.2.2","566627-9","ALVENARIA DE VEDAÇÃO DE BLOCOS CERÂMICOS FURADOS NA HORIZONTAL DE 14X9X19 CM (ESPESSURA 14 CM, BLOCO DEITADO) E ARGAMASSA DE ASSENTAMENTO COM PREPARO EM BETONEIRA. AF_12/2021","m²",0.72,128.15,92.26]
["7.3.",null,"VERGAS E CONTRAVERGAS",""]
["7.3.1","454993-7","VERGA PRÉ-MOLDADA COM ATÉ 1,5 M DE VÃO, ESPESSURA DE *20* CM. AF_03/2024","m",4.7,26.3,123.61]
["7.3.2",null,"CONTRAVERGA PRÉ-MOLDADA, ESPESSURA DE *20* CM. AF_03/2024","m",1.3,25.630000000000003,33.31]
["7.4.",null,"REVESTIMENTO DE PISO",""]
["7.4.1","551572-6","REGULARIZAÇÃO DE PISO COM ARGAMASSA DE CIMENTO E AREIA, TRAÇO 1:4, E=3CM, PARA REVESTIMENTO DE PISO.","m²",12.68,42.11,533.95000000000005]
["7.4.2",null,"FORNECIMENTO E ASSENTAMENTO DE PORCELANATO PARA PISO OU PAREDE, 74 X 74 CM, ACETINADO, RETIFICADO, TIPO A, LINHA URBAN OFFWHITE, ELIZABETH OU EQUIVALENTE, ASSENTAMENTO COM ARGAMASSA INDUSTRIALIZADA AC-III, COM ESPAÇAMENTO DE 1,5MM E REJUNTADO COM ARGAMASSA DE REJUNTAMENTO FLEXÍVEL E IMPERMEÁVEL, NA COR CINZA PLATINO, EXCLUSIVE REGULARIZAÇÃO DE BASE OU EMBOÇO.","m²",12.68,91,1153.8800000000001]
["7.4.3","496728-3","SOLEIRA EM GRANITO, LARGURA 15 CM, ESPESSURA 2,0 CM. AF_09/2020","m",2.5,117.13,292.82]
["7.4.4","429766-0","PISO EM GRANILITE, MARMORITE OU GRANITINA EM AMBIENTES INTERNOS, COM ESPESSURA DE 8 MM, INCLUSO MISTURA EM BETONEIRA, COLOCAÇÃO DAS JUNTAS, APLICAÇÃO DO PISO, 4 POLIMENTOS COM POLITRIZ, ESTUCAMENTO, SELADOR E CERA. AF_06/2022","m²",19.05,86.66,1650.87]
["7.5.",null,"REVESTIMENTO DE PAREDE INTERNA",""]
["7.5.1","432304-1","CHAPISCO APLICADO EM ALVENARIAS E ESTRUTURAS DE CONCRETO INTERNAS, COM COLHER DE PEDREIRO.  ARGAMASSA TRAÇO 1:3 COM PREPARO EM BETONEIRA 400L. AF_10/2022","m²",61.43,4.0999999999999996,251.86]
["7.5.2",null,"MASSA ÚNICA, EM ARGAMASSA TRAÇO 1:2:8, PREPARO MECÂNICO, APLICADA MANUALMENTE EM PAREDES INTERNAS DE AMBIENTES COM ÁREA ENTRE 5M² E 10M², E = 17,5MM, COM TALISCAS. AF_03/2024","m²",32.299999999999997,36.33,1173.45]
["7.5.3","469973-4","EMBOÇO, EM ARGAMASSA TRAÇO 1:2:8, PREPARO MECÂNICO, APLICADO MANUALMENTE EM PAREDES INTERNAS DE AMBIENTES COM ÁREA ENTRE 5M² E 10M², E = 17,5MM, COM TALISCAS. AF_03/2024","m²",29.13,35.200000000000003,1025.3699999999999]
["7.5.4","438778-3","FORNECIMENTO DE REVESTIMENTO CERÂMICO NA COR BRANCA, ATLAS OU EQUIVALENTE TÉCNICO, DIMENSÕES APROXIMADAS 5X10CM, JUNTA RETA, ASSENTADA EM PISOS/PAREDES/TETOS, NO SENTIDO HORIZONTAL, COM ARGAMASSA COLANTE INDUSTRIALIZADA AC III E REJUNTADA COM ARGAMASSA DE REJUNTAMENTO FLEXÍVEL E IMPERMEÁVEL.","m²",61.43,115.52000000000001,7096.39]
["7.6.",null,"PINTURA DE TETO",""]
["7.6.1","457784-1","FUNDO SELADOR ACRÍLICO, APLICAÇÃO MANUAL EM TETO, UMA DEMÃO. AF_04/2023","m²",12.68,4.6999999999999993,59.59]
["7.6.2","441105-6","EMASSAMENTO COM MASSA LÁTEX, APLICAÇÃO EM TETO, DUAS DEMÃOS, LIXAMENTO MANUAL. AF_04/2023","m²",12.68,27.75,351.87]
["7.6.3","441883-2","PINTURA LÁTEX ACRÍLICA PREMIUM, APLICAÇÃO MANUAL EM TETO, DUAS DEMÃOS. AF_04/2023","m²",12.68,14.79,187.53]
["7.7.",null,"PINTURA DE PAREDES EXTERNAS",""]
["7.7.1","432003-4","PREPARO DE SUPERFÍCIE COM LIXAMENTO E APLICAÇÃO DE 01 DEMÃO DE FUNDO PREPARADOR.","m²",169.34,9.26,1568.08]
["7.7.2","311013-3","APLICAÇÃO MANUAL DE MASSA ACRÍLICA EM SUPERFÍCIES EXTERNAS DE SACADA DE EDIFÍCIOS DE MÚLTIPLOS PAVIMENTOS, UMA DEMÃO. AF_03/2024","m²",50.8,25.15,1277.6199999999999]
["7.7.3",null,"APLICAÇÃO MANUAL DE PINTURA COM TINTA TEXTURIZADA ACRÍLICA EM PANOS COM PRESENÇA DE VÃOS DE EDIFÍCIOS DE MÚLTIPLOS PAVIMENTOS, DUAS CORES. AF_03/2024","m²",169.34,24.880000000000003,4213.17]
["7.8.",null,"ESQUADRIAS",""]
["7.8.1",null,"FORNECIMENTO E INSTALAÇÃO DE PORTA EM GRADE DE FERRO EM BARRA CHATA DE 1\" 1\"/4 x 1\"/4 COM VARÕES DE FERRO 3\"/4, APLICAÇÃO DE ZARCÃO OU ANTIFERRUGEM E PINTADA EM ESMALTE SINTÉTICO BRILHO NA COR CINZA MEDINDO 0,70 X 2,10 M. INCLUSIVE CONTORNO PARA PORTA DE 1\"1/4\"X1/4\" E CANTONEIRA EM \"L\" DE 1\"1/4\"X3/15\" PINTADA COM ZARCÃO OU ANTIFERRUGEM E ESMALTE SINTÉTICO BRILHO NA COR CINZA.","m²",1.47,1373.52,2019.07]
["7.8.2",null,"FORNECIMENTO E INSTALAÇÃO DE PORTA EM GRADE DE FERRO EM BARRA CHATA DE 1\" 1\"/4 x 1\"/4 COM VARÕES DE FERRO 3\"/4, APLICAÇÃO DE ZARCÃO OU ANTIFERRUGEM E PINTADA EM ESMALTE SINTÉTICO BRILHO NA COR CINZA MEDINDO 0,90 X 2,10 M. INCLUSIVE CONTORNO PARA PORTA DE 1\"1/4\"X1/4\" E CANTONEIRA EM \"L\" DE 1\"1/4\"X3/15\" PINTADA COM ZARCÃO OU ANTIFERRUGEM E ESMALTE SINTÉTICO BRILHO NA COR CINZA.","m²",3.78,1373.52,5191.8999999999996]
["7.8.3",null,"FORNECIMENTO E INSTALAÇÃO DE GRADE DE FERRO EM BARRA CHATA DE 1\" 1\"/4 x 1\"/4 COM VARÕES DE FERRO 3\"/4, APLICAÇÃO DE ZARCÃO OU ANTIFERRUGEM E PINTADA EM ESMALTE SINTÉTICO BRILHO NA COR CINZA MEDINDO 0,57 X 1,43 M. INCLUSIVE CONTORNO PARA PORTA DE 1\"1/4\"X1/4\" E CANTONEIRA EM \"L\" DE 1\"1/4\"X3/15\" PINTADA COM ZARCÃO OU ANTIFERRUGEM E ESMALTE SINTÉTICO BRILHO NA COR CINZA.","m²",0.82,1373.52,1126.28]
["7.8.4","548162-7","FORNECIMENTO E INSTALAÇÃO DE TELA MOEDA EM AÇO INOX, FURO D=10MM, E=2MM","m²",0.82,190.20000000000002,155.96]
["7.8.5",null,"KIT DE PORTA-PRONTA DE MADEIRA EM ACABAMENTO MELAMÍNICO BRANCO, FOLHA MÉDIA, 90X210CM, EXCLUSIVE FECHADURA, FIXAÇÃO COM PREENCHIMENTO PARCIAL DE ESPUMA EXPANSIVA - FORNECIMENTO E INSTALAÇÃO.","un",1,646.78,646.78]
["7.8.6",null,"FECHADURA DE EMBUTIR PARA PORTAS INTERNAS, COMPLETA, ACABAMENTO PADRÃO MÉDIO, COM EXECUÇÃO DE FURO - FORNECIMENTO E INSTALAÇÃO. AF_12/2019","un",1,143.85,143.85]
["7.9.",null,"COBERTA",""]
["7.9.1","444511-2","TELHAMENTO COM TELHA METÁLICA TERMOACÚSTICA E = 30 MM, COM ATÉ 2 ÁGUAS, INCLUSO IÇAMENTO. AF_07/2019","m²",165,223.59,36892.35]
["7.9.2",null,"TELHAMENTO COM TELHA ONDULADA DE FIBRA DE VIDRO TRANSLÚCIDA E = 6 MM, COM RECOBRIMENTO LATERAL DE 1 1/4 DE ONDA PARA TELHADO COM INCLINAÇÃO MÁXIMA DE 10°, COM ATÉ 2 ÁGUAS, INCLUSO IÇAMENTO.","m²",4.51,77.06,347.54]
["7.9.3",null,"IMPERMEABILIZAÇÃO DE SUPERFÍCIE COM ARGAMASSA POLIMÉRICA / MEMBRANA ACRÍLICA, 3 DEMÃOS. AF_09/2023","m²",41.07,30.369999999999997,1247.29]
["7.9.4","581322-0","FORNECIMENTO E INSTALAÇÃO DE CHAPIM SOBRE MUROS LINEARES, EM CONCRETO PRÉ-MOLDADO, L = 24 CM, ASSENTADO COM ARGAMASSA.","m",44.39,32.25,1431.57]
["7.10.",null,"HIDROSSANITÁRIA - LOUÇAS E METAIS",""]
["7.10.1","430689-9","BACIA TURCA COM TUBO DE LIGAÇÃO -  FORNECIMENTO E INSTALAÇÃO.","un",1,616.6,616.6]
["7.11.",null,"INSTALAÇÕES HIDROSSANITÁRIAS",""]
["7.11.1.",null,"PONTOS DE ÁGUA FRIA / TUBULAÇÃO DE ÁGUA FRIA ",""]
["7.11.1.1",null,"TUBO, PVC, SOLDÁVEL, DE 40MM, INSTALADO EM RAMAL DE DISTRIBUIÇÃO DE ÁGUA - FORNECIMENTO E INSTALAÇÃO. AF_06/2022","m",7.5,22,165]
["7.11.1.2",null,"TUBO PVC, SÉRIE R, ÁGUA PLUVIAL, DN 40 MM, FORNECIDO E INSTALADO EM RAMAL DE ENCAMINHAMENTO. AF_06/2022","m",2.2999999999999998,14.3,32.89]
["7.11.1.3",null,"TE, PVC, SOLDÁVEL, DN 40MM, INSTALADO EM RAMAL DE DISTRIBUIÇÃO DE ÁGUA - FORNECIMENTO E INSTALAÇÃO. AF_06/2022","un",1,21.28,21.28]
["7.11.1.4",null,"JOELHO 90 GRAUS, PVC, SOLDÁVEL, DN 40MM, INSTALADO EM RAMAL DE DISTRIBUIÇÃO DE ÁGUA - FORNECIMENTO E INSTALAÇÃO. AF_06/2022","un",3,14.95,44.85]
["7.11.1.5","438798-8","RASGO LINEAR MANUAL EM ALVENARIA, PARA RAMAIS/ DISTRIBUIÇÃO DE INSTALAÇÕES HIDRÁULICAS, DIÂMETROS MENORES OU IGUAIS A 40 MM. AF_09/2023","m",2.2999999999999998,7.13,16.39]
["7.11.1.6","456915-6","CHUMBAMENTO LINEAR EM ALVENARIA PARA RAMAIS/DISTRIBUIÇÃO DE INSTALAÇÕES HIDRÁULICAS COM DIÂMETROS MENORES OU IGUAIS A 40 MM. AF_09/2023","m",2.2999999999999998,13.81,31.76]
["7.11.1.7","441033-5","REGISTRO DE GAVETA BRUTO, LATÃO, ROSCÁVEL, 1 1/4\", COM ACABAMENTO E CANOPLA CROMADOS - FORNECIMENTO E INSTALAÇÃO. AF_08/2021","un",1,147.17000000000002,147.16999999999999]
["7.11.1.8","408501-9","FORNECIMENTO DE VÁLVULA DE DESCARGA LINHA BENEFIT, DIÂMETRO 1 1/4\", REFERÊNCIA 184906, FABRICAÇÃO DOCOL OU EQUIVALENTE.","un",1,952.87,952.87]
["7.11.2.",null,"PONTOS DE ESGOTO / TUBULAÇÃO DE ESGOTO / RAMAIS DE DESCARGA, RAMAIS DE ESGOTO E SUBCOLETORES",""]
["7.11.2.1",null,"PONTO DE ESGOTO PARA BACIA SANITÁRIA COM TUBO DE PVC RÍGIDO SOLDÁVEL DE 100 MM DE DIÂMETRO. PARA WC PRÉDIO NOVA CELA (CICA).","un",1,35.799999999999997,35.799999999999997]
["7.11.2.2",null,"PONTO DE ESGOTO COM TUBO DE PVC RÍGIDO SOLDÁVEL DE Ø 40 MM PARA LAVATÓRIOS. PARA WC PRÉDIO NOVA CELA (CICA).","un",2,55.66,111.32]
["7.11.2.3",null,"SERVIÇO DE RASGO LINEAR MECANIZADO E RECOMPOSIÇÃO DE PISO PARA PONTOS DE ESGOTO/RAMAIS DE INSTALAÇÕES HIDRÁULICAS, DIÂMETROS MAIORES QUE 75 MM OU IGUAIS A 100 MM. ","m",1,38.58,38.58]
["7.11.3.",null,"CAPTAÇÃO DE ÁGUA PLUVIAL DA COBERTA",""]
["7.11.3.1","470097-0","FORNECIMENTO E INSTALAÇÃO DE RALO HEMISFÉRICO EM PLÁSTICO DIÂMETRO DE 100MM.","un",2,44.1,88.2]
["7.11.3.2",null,"CALHA EM CHAPA DE AÇO GALVANIZADO NÚMERO 24, DESENVOLVIMENTO DE 50 CM, INCLUSO TRANSPORTE VERTICAL. AF_07/2019","m",21,71.900000000000006,1509.9]
["7.11.3.3","442057-8","TUBO PVC, SÉRIE R, ÁGUA PLUVIAL, DN 100 MM, FORNECIDO E INSTALADO EM CONDUTORES VERTICAIS DE ÁGUAS PLUVIAIS. AF_06/2022","m",16,26.99,431.84]
["7.11.3.4",null,"JOELHO 90 GRAUS, PVC, SERIE R, ÁGUA PLUVIAL, DN 100 MM, JUNTA ELÁSTICA, FORNECIDO E INSTALADO EM CONDUTORES VERTICAIS DE ÁGUAS PLUVIAIS. AF_06/2022","un",3,39.119999999999997,117.36]
["7.11.3.5",null,"RASGO LINEAR MECANIZADO EM CONCRETO, PARA RAMAIS/ DISTRIBUIÇÃO DE INSTALAÇÕES HIDRÁULICAS, DIÂMETROS MAIORES QUE 75 MM E MENORES OU IGUAIS A 100 MM. AF_09/2023","m",10,11.78,117.8]
["7.11.3.6","442112-4","ESCAVAÇÃO MANUAL DE VALA. AF_09/2024","m³",0.6,79.67,47.8]
["7.11.3.7","479123-1","REATERRO MANUAL APILOADO COM SOQUETE.","m³",0.6,55.64,33.380000000000003]
["7.11.4.",null,"SISTEMA DE DRENAGEM DE AR CONDICIONADOS",""]
["7.11.4.1",null,"TUBO, PVC, SOLDÁVEL, DN 40 MM, INSTALADO EM DRENO DE AR CONDICIONADO - FORNECIMENTO E INSTALAÇÃO","m",4,24.240000000000002,96.96]
["7.11.4.2",null,"JOELHO 90 GRAUS, PVC, SERIE R, ÁGUA PLUVIAL, DN 40 MM, JUNTA SOLDÁVEL, FORNECIDO E INSTALADO EM RAMAL DE ENCAMINHAMENTO. AF_06/2022","un",2,6.7600000000000007,13.52]
["7.11.4.3","438798-8","RASGO LINEAR MANUAL EM ALVENARIA, PARA RAMAIS/ DISTRIBUIÇÃO DE INSTALAÇÕES HIDRÁULICAS, DIÂMETROS MENORES OU IGUAIS A 40 MM. AF_09/2023","m",2.5,7.13,17.82]
["7.11.4.4",null,"RASGO LINEAR MECANIZADO EM CONCRETO, PARA RAMAIS/ DISTRIBUIÇÃO DE INSTALAÇÕES HIDRÁULICAS, DIÂMETROS MENORES OU IGUAIS A 40 MM. AF_09/2023","m",1.5,6.6800000000000006,10.02]
["7.11.4.5","456915-6","CHUMBAMENTO LINEAR EM ALVENARIA PARA RAMAIS/DISTRIBUIÇÃO DE INSTALAÇÕES HIDRÁULICAS COM DIÂMETROS MENORES OU IGUAIS A 40 MM. AF_09/2023","m",2.5,13.81,34.520000000000003]
["7.11.4.6","442112-4","ESCAVAÇÃO MANUAL DE VALA. AF_09/2024","m³",0.04,79.67,3.18]
["7.11.4.7","479123-1","REATERRO MANUAL APILOADO COM SOQUETE.","m³",0.04,55.64,2.2200000000000002]
["7.11.4.8",null,"TUBO, PVC, SOLDÁVEL, DN 25MM ISOLADO COM TUBO ESPONJOSO DE 3/4'', INSTALADO EM DRENO DE AR-CONDICIONADO - FORNECIMENTO E INSTALAÇÃO. ","m",3,25.79,77.37]
["7.11.4.9",null,"TUBO, PVC, SOLDÁVEL, DN 40 MM, INSTALADO EM DRENO DE AR CONDICIONADO - FORNECIMENTO E INSTALAÇÃO","m",3,24.240000000000002,72.72]
["7.11.4.10",null,"LUVA SOLDÁVEL E COM ROSCA, PVC, SOLDÁVEL, DN 25MM X 3/4 , INSTALADO EM RAMAL OU SUB-RAMAL DE ÁGUA - FORNECIMENTO E INSTALAÇÃO. AF_06/2022","un",1,6.24,6.24]
["7.11.4.11",null,"BUCHA DE REDUÇÃO, LONGA, PVC, SOLDÁVEL, DN 40 X 25 MM, INSTALADO EM PRUMADA DE ÁGUA - FORNECIMENTO E INSTALAÇÃO. AF_06/2022","un",1,6.69,6.69]
["7.11.4.12",null,"JOELHO 90 GRAUS, PVC, SOLDÁVEL, DN 25MM, INSTALADO EM DRENO DE AR-CONDICIONADO - FORNECIMENTO E INSTALAÇÃO. AF_08/2022","un",1,6.41,6.41]
["7.11.5.",null,"CAIXAS DE GORDURA, COLETORA, SUB-COLETORA E OUTRAS DO DESTINO FINAL DE ESGOTO",""]
["7.11.5.1",null,"CAIXA DE INSPEÇÃO DE ALV. BLOCO CERÂMICO 9X19X39CM, DIM, 60X60CM E HMÁX = 1M, COM TAMPA EM CONCRETO ESP. 5CM, LASTRO DE CONCRETO ESP. 10CM, REVESTIDA INTERNAMENTE COM CHAPISCO E REBOCO IMPERMEABILIZADO, INCLUSIVE ESCAVAÇÃO, REATERRO E ENCHIMENTO.","un",2,581.19000000000005,1162.3800000000001]
["7.12.",null,"INSTALAÇÕES ELÉTRICAS",""]
["7.12.1.",null,"CONDUTOS",""]
["7.12.1.1",null,"ELETRODUTO RÍGIDO ROSCÁVEL, EM PVC, DN 25 MM (3/4\"), COM LUVA DE ROSCA INTERNA E CONEXÕES, INSTALADO EM FORRO.  FORNECIMENTO E INSTALAÇÃO.","m",14.7,22.85,335.89]
["7.12.1.2",null,"ELETRODUTO FLEXÍVEL CORRUGADO, EM PVC, DN 25 MM (3/4\"), INSTALADO EM PAREDE, INCLUINDO RASGOS EM ALVENARIA.  FORNECIMENTO E INSTALAÇÃO.","m",3.7,16.62,61.49]
["7.12.2.",null,"CONDUTORES",""]
["7.12.2.1",null,"CABO DE COBRE FLEXÍVEL, ISOLADO CLASSE 4 OU 5, SEÇÃO NOMINAL DE 2,5 MM², ANTI-CHAMA, 450/750V - 70ºC, INCLUSIVE INSTALAÇÃO.","m",70.5,3.55,250.27]
["7.12.3.",null,"INTERRUPTORES E TOMADAS",""]
["7.12.3.1",null,"TOMADA DUPLA PARA CAIXA 4X2\", COMPOSTA POR SUPORTE, PLACA PARA DOIS POSTOS E DOIS MÓDULOS DE TOMADA 2P+T, 10A, 250V, COR BEGE, LINHA PIALPLUS OU EQUIVALENTE. FORNECIMENTO E INSTALAÇÃO.","un",2,43.95,87.9]
["7.12.3.2",null,"RETIRADA DE INTERRUPTOR DE 2 SEÇÕES.","un",1,18.990000000000002,18.989999999999998]
["7.12.4.",null,"CAIXAS E CONDULETES",""]
["7.12.4.1","522861-1","CONDULETE DE PVC, TIPO LL, PARA ELETRODUTO DE PVC SOLDÁVEL DN 25 MM (3/4''), APARENTE - FORNECIMENTO E INSTALAÇÃO. AF_10/2022","un",1,31.54,31.54]
["7.12.4.2","443920-1","FORNECIMENTO E INSTALAÇÃO DE TAMPA CEGA PARA CONDULETE EM PVC CAIXA 4\" X 2\"","un",1,9.6999999999999993,9.6999999999999993]
["7.12.4.3",null,"CAIXA RETANGULAR 4X2\" DE SOBREPOR, EM PVC, PIAL OU EQUIVALENTE. FORNECIMENTO E INSTALAÇÃO.","un",1,18.43,18.43]
["7.12.4.4",null,"FORNECIMENTO E INSTALAÇÃO DE TAMPA CEGA EM PVC PARA CAIXA 4\" X 2\"","un",1,3.56,3.56]
["7.12.4.5","564436-4","CAIXA RETANGULAR 4X2\", EM PVC, INSTALADA EM ALVENARIA. FORNECIMENTO E INSTALAÇÃO.","un",2,16.38,32.76]
["7.12.5.",null,"PONTOS",""]
["7.12.5.1","441078-5","RETIRADA DE PONTO DE LUZ","un",2,11.799999999999999,23.6]
["7.12.5.2",null,"RETIRADA DE PONTO DE AR CONDICIONADO DE JANELA","un",1,11.799999999999999,11.8]
["7.12.6.",null,"PROTEÇÃO",""]
["7.12.6.1",null,"DISJUNTOR MONOPOLAR TIPO DIN, CORRENTE NOMINAL DE 16A - FORNECIMENTO E INSTALAÇÃO. AF_10/2020","un",1,13.35,13.35]
["8.",null,"ANEXO OSCAR PEREIRA - BLOCO F ",""]
["8.1.",null,"DEMOLIÇÃO / REMOÇÃO / RETIRADA",""]
["8.1.1",null,"RETIRADA DE GUARDACORPO EM TUBOS C/ PEÇAS FERRO GALVANIZADO (SEM REAPROVEITAMENTO).","m",13.1,31.65,414.61]
["8.1.2","527844-9","DEMOLIÇÃO DE REVESTIMENTO CERÂMICO, DE FORMA MANUAL, SEM REAPROVEITAMENTO. AF_09/2023","m²",150.96,21.38,3227.52]
["8.1.3","572706-5","DEMOLIÇÃO DE ALVENARIA DE BLOCO FURADO, DE FORMA MANUAL, SEM REAPROVEITAMENTO. AF_09/2023","m³",2.76,53.199999999999996,146.83000000000001]
["8.1.4","442112-4","ESCAVAÇÃO MANUAL DE VALA. AF_09/2024","m³",8.91,79.67,709.85]
["8.1.5","555140-4","REMOÇÃO DE SOLEIRA, CHAPIM, MOLDURA DE MÁRMORE OU GRANITO.","m²",3.88,18.13,70.34]
["8.1.6","485902-2","REMOÇÃO DE PORTAS, DE FORMA MANUAL, SEM REAPROVEITAMENTO. AF_09/2023","m²",1.68,8.94,15.01]
["8.1.7","483431-3","REMOÇÃO DE TELHAS DE FIBROCIMENTO, METÁLICA E CERÂMICA, DE FORMA MECANIZADA, COM USO DE GUINDASTE, SEM REAPROVEITAMENTO. AF_09/2023","m²",351.62,4.3,1511.96]
["8.1.8",null,"DEMOLIÇÃO DE LAJES, EM CONCRETO ARMADO, DE FORMA MECANIZADA COM MARTELETE, SEM REAPROVEITAMENTO. AF_09/2023","m³",0.8,92.45,73.959999999999994]
["8.1.9",null,"DEMOLIÇÃO DE REVESTIMENTO C/ PEDRAS NATURAIS","m²",2.4,65.28,156.66999999999999]
["8.1.10","485901-4","REMOÇÃO DE FORRO DE GESSO, DE FORMA MANUAL, SEM REAPROVEITAMENTO. AF_09/2023","m²",36.6,2.74,100.28]
["8.1.11","508866-6","TRANSPORTE VERTICAL DE ENTULHOS/MATERIAIS A GRANEL","m³",27.21,86.600000000000009,2356.38]
["8.1.12","528880-0","TRANSPORTE HORIZONTAL COM JERICA DE 60 L, DE MASSA/ GRANEL (UNIDADE: M3XKM). AF_07/2019","m³XKm",0.54,1375.92,742.99]
["8.1.13","553633-2","ALUGUEL DE CAÇAMBA ESTACIONÁRIA COM ATÉ 6M³ COM DESTINAÇÃO FINAL DE RESÍDUOS SÓLIDOS.","un",5,490.76,2453.8000000000002]
["8.1.14","465159-6","TAXA DE DESCARTE DE RESÍDUOS DA CONSTRUÇÃO CIVIL.","t",40.81,29.05,1185.53]
["8.2.",null,"RAMPA DE ACESSO",""]
["8.2.1"," 480025-7","FABRICAÇÃO, MONTAGEM E DESMONTAGEM DE FORMA PARA RADIER, PISO DE CONCRETO OU LAJE SOBRE SOLO, EM MADEIRA SERRADA, 4 UTILIZAÇÕES. AF_09/2021","m²",1.6,120.16,192.25]
["8.2.2",null,"ALVENARIA DE TIJOLOS DE 8 FUROS - 1 VEZ, ASSENTADOS COM ARGAMASSA (1CALH:4ARML+100KG DE CI/M3).","m²",10.88,111.02,1207.8900000000001]
["8.2.3","479123-1","REATERRO MANUAL APILOADO COM SOQUETE.","m³",3.34,55.64,185.83]
["8.2.4","430078-5","FORNECIMENTO E INSTALAÇÃO DE TELA AÇO SOLDADA NERVURADA CA-60, Q-61, MALHA 15X15CM, FERRO 3.4MM (0.97 KG/M2), PAINEL 2,45X6,0M, TELCON OU SIMILAR","m²",28.5,20.41,581.67999999999995]
["8.2.5","565304-5","CONCRETAGEM DE EDIFICAÇÕES (PAREDES E LAJES) FEITAS COM SISTEMA DE FORMAS MANUSEÁVEIS, COM CONCRETO USINADO BOMBEÁVEL FCK= 35MPA - LANÇAMENTO, ADENSAMENTO E ACABAMENTO.","m³",1.39,577.89,803.26]
["8.2.6",null,"CHAPISCO APLICADO EM ALVENARIA (COM PRESENÇA DE VÃOS) E ESTRUTURAS DE CONCRETO DE FACHADA, COM COLHER DE PEDREIRO.  ARGAMASSA TRAÇO 1:3 COM PREPARO MANUAL. AF_10/2022","m²",2.89,7.75,22.39]
["8.2.7",null,"EMBOÇO OU MASSA ÚNICA EM ARGAMASSA TRAÇO 1:2:8, PREPARO MECÂNICO COM BETONEIRA 400 L, APLICADA MANUALMENTE EM PANOS CEGOS DE FACHADA (SEM PRESENÇA DE VÃOS), ESPESSURA DE 25 MM. AF_08/2022","m²",2.89,40.14,116]
["8.3.",null,"PLATAFORMA ELEVATÓRIA",""]
["8.3.1","440994-9","FABRICAÇÃO DE FÔRMA PARA VIGAS, EM CHAPA DE MADEIRA COMPENSADA RESINADA, E = 17 MM. AF_09/2020","m²",1.2,114.84,137.80000000000001]
["8.3.2","565304-5","CONCRETAGEM DE EDIFICAÇÕES (PAREDES E LAJES) FEITAS COM SISTEMA DE FORMAS MANUSEÁVEIS, COM CONCRETO USINADO BOMBEÁVEL FCK= 35MPA - LANÇAMENTO, ADENSAMENTO E ACABAMENTO.","m³",0.09,577.89,52.01]
["8.3.3","515767-6","VIGA METÁLICA EM PERFIL LAMINADO OU SOLDADO EM AÇO ESTRUTURAL, COM CONEXÕES PARAFUSADAS, INCLUSOS MÃO DE OBRA, TRANSPORTE E IÇAMENTO UTILIZANDO GUINDASTE - FORNECIMENTO E INSTALAÇÃO.","kg",106.8,14.33,1530.44]
["8.3.4","554953-1","ALVENARIA DE VEDAÇÃO DE BLOCOS CERÂMICOS FURADOS NA HORIZONTAL DE 9X19X19 CM (ESPESSURA 9 CM) E ARGAMASSA DE ASSENTAMENTO COM PREPARO EM BETONEIRA. AF_12/2021","m²",59.07,81,4784.67]
["8.3.5",null,"FIXAÇÃO (ENCUNHAMENTO) DE ALVENARIA DE VEDAÇÃO COM ARGAMASSA APLICADA COM BISNAGA. AF_03/2024","m",2.61,10.91,28.47]
["8.3.6","432304-1","CHAPISCO APLICADO EM ALVENARIAS E ESTRUTURAS DE CONCRETO INTERNAS, COM COLHER DE PEDREIRO.  ARGAMASSA TRAÇO 1:3 COM PREPARO EM BETONEIRA 400L. AF_10/2022","m²",59.07,4.0999999999999996,242.18]
["8.3.7",null,"MASSA ÚNICA, EM ARGAMASSA TRAÇO 1:2:8, PREPARO MECÂNICO, APLICADA MANUALMENTE EM PAREDES INTERNAS DE AMBIENTES COM ÁREA ENTRE 5M² E 10M², E = 17,5MM, COM TALISCAS. AF_03/2024","m²",59.07,36.33,2146.0100000000002]
["8.3.8","334713-3","FORNECIMENTO, MONTAGEM E INSTALAÇÃO DE UMA PLATAFORMA ELEVATÓRIA DE TRANSPORTE VERTICAL PARA PASSAGEIROS. CAPACIDADE DE 250KG, VELOCIDADE 6M/MIN, DUAS PARADAS, PERCURSO 3,76M, ACIONAMENTO HIDRÁULICO. MAIS ESPECIFICAÇÕES NO MEMORIAL DESCRITIVO.  ","un",1,87812,87812]
["8.4.",null,"REVESTIMENTO DE PISO",""]
["8.4.1","551572-6","REGULARIZAÇÃO DE PISO COM ARGAMASSA DE CIMENTO E AREIA, TRAÇO 1:4, E=3CM, PARA REVESTIMENTO DE PISO.","m²",29.35,42.11,1235.92]
["8.4.2",null,"FORNECIMENTO E ASSENTAMENTO DE PORCELANATO PARA PISO OU PAREDE, 74 X 74 CM, ACETINADO, RETIFICADO, TIPO A, LINHA URBAN OFFWHITE, ELIZABETH OU EQUIVALENTE, ASSENTAMENTO COM ARGAMASSA INDUSTRIALIZADA AC-III, COM ESPAÇAMENTO DE 1,5MM E REJUNTADO COM ARGAMASSA DE REJUNTAMENTO FLEXÍVEL E IMPERMEÁVEL, NA COR CINZA PLATINO, EXCLUSIVE REGULARIZAÇÃO DE BASE OU EMBOÇO.","m²",146.75,91,13354.25]
["8.4.3","429766-0","PISO EM GRANILITE, MARMORITE OU GRANITINA EM AMBIENTES INTERNOS, COM ESPESSURA DE 8 MM, INCLUSO MISTURA EM BETONEIRA, COLOCAÇÃO DAS JUNTAS, APLICAÇÃO DO PISO, 4 POLIMENTOS COM POLITRIZ, ESTUCAMENTO, SELADOR E CERA. AF_06/2022","m²",13.68,86.66,1185.5]
["8.5.",null,"PINTURA DE PAREDE INTERNA",""]
["8.5.1","432003-4","PREPARO DE SUPERFÍCIE COM LIXAMENTO E APLICAÇÃO DE 01 DEMÃO DE FUNDO PREPARADOR.","m²",480.17,9.26,4446.37]
["8.5.2","441101-3","EMASSAMENTO COM MASSA LÁTEX, APLICAÇÃO EM PAREDE, DUAS DEMÃOS, LIXAMENTO MANUAL. AF_04/2023","m²",96.03,14.99,1439.48]
["8.5.3","432006-9","PINTURA LÁTEX ACRÍLICA PREMIUM, APLICAÇÃO MANUAL EM PAREDES, DUAS DEMÃOS. AF_04/2023","m²",480.17,12.66,6078.95]
["8.6.",null,"PINTURA PAREDE EXTERNA",""]
["8.6.1","432003-4","PREPARO DE SUPERFÍCIE COM LIXAMENTO E APLICAÇÃO DE 01 DEMÃO DE FUNDO PREPARADOR.","m²",742.4,9.26,6874.62]
["8.6.2","311013-3","APLICAÇÃO MANUAL DE MASSA ACRÍLICA EM SUPERFÍCIES EXTERNAS DE SACADA DE EDIFÍCIOS DE MÚLTIPLOS PAVIMENTOS, UMA DEMÃO. AF_03/2024","m²",222.72,25.15,5601.4]
["8.6.3",null,"APLICAÇÃO MANUAL DE PINTURA COM TINTA TEXTURIZADA ACRÍLICA EM PANOS COM PRESENÇA DE VÃOS DE EDIFÍCIOS DE MÚLTIPLOS PAVIMENTOS, DUAS CORES. AF_03/2024","m²",742.4,24.880000000000003,18470.91]
["8.7.",null,"CORRIMÃO / GUARDA-CORPO / ESTRUTURA METÁLICA",""]
["8.7.1","596423-7","FORNECIMENTO E INSTALAÇÃO DE CONJUNTO DE GUARDA-CORPO COM CORRIMÃO EM AÇO INOX ESCOVADO EM \"L\", SENDO O GUARDA-CORPO COM DIÂMETRO Ø= DE 1 E 1/2\", ALTURA DE h=1,10 m, LONGARINAS INTERMEDIÁRIAS COM DIÂMETRO Ø= DE 1/2\" COM ALTURAS DE h=0,40 m E h=0,20 m DO PISO, E MONTANTES COM DIÂMETRO Ø= DE 1 E 1/2\" FIXADOS NO PISO. CORRIMÃO DUPLO COM DIÂMETRO Ø= DE 1 E 1/2\", ALTURAS DE h=0,92 m (PARTE SUPERIOR) E h=0,70 m (PARTE INFERIOR). CORRIMÃO INOX PISO - TIPO 1.","m",24.05,1068.57,25699.1]
["8.7.2",null,"ESTRUTURA EM PERFIL DE AÇO ASTM A36 CORTE, SOLDA E MONTAGEM - FORNECIMENTO E INSTALAÇÃO. ","kg",1350,13.93,18805.5]
["8.8.",null,"GRANITO",""]
["8.8.1",null,"SERVIÇO DE REFORMA COM CORTE E ACABAMENTO EM PEÇAS DE GRANITO DE BALCÕES EXISTENTES NA RECEPÇÃO DO TÉRREO E 1º PAV DO ED. ANEXO OSCAR PEREIRA.","un",1,1222.79,1222.79]
["8.8.2",null,"REVESTIMENTO PARA PISO OU PAREDE EM GRANITO PRETO SÃO GABRIEL, E=2CM, APLICADO COM ARGAMASSA INDUSTRIALIZADA AC-II, REJUNTADO, EXCLUSIVE EMBOÇO.","m²",2.4,561.33000000000004,1347.19]
["8.9.",null,"COBERTA ",""]
["8.9.1","444511-2","TELHAMENTO COM TELHA METÁLICA TERMOACÚSTICA E = 30 MM, COM ATÉ 2 ÁGUAS, INCLUSO IÇAMENTO. AF_07/2019","m²",366,223.59,81833.94]
["8.9.2","531827-0","FORNECIMENTO E INSTALAÇÃO DE CUMEEIRA TERMOACÚSTICA","m",36.74,142.95000000000002,5251.98]
["8.9.3","581322-0","FORNECIMENTO E INSTALAÇÃO DE CHAPIM SOBRE MUROS LINEARES, EM CONCRETO PRÉ-MOLDADO, L = 24 CM, ASSENTADO COM ARGAMASSA.","m",95.3,32.25,3073.42]
["8.9.4",null,"FORNECIMENTO E INSTALAÇÃO DE LINHA PARA TELHADOS DE ATÉ 2 ÁGUAS PARA TELHA ONDULADA DE FIBROCIMENTO, METÁLICA, PLÁSTICA OU TERMOACÚSTICA, INCLUSO TRANSPORTE VERTICAL.","m",60,34.24,2054.4]
["8.9.5",null,"IMPERMEABILIZAÇÃO DE SUPERFÍCIE COM ARGAMASSA POLIMÉRICA / MEMBRANA ACRÍLICA, 3 DEMÃOS. AF_09/2023","m²",42.35,30.369999999999997,1286.1600000000001]
["8.10.",null,"FORRO",""]
["8.10.1","474374-1","FORRO EM PLACAS DE GESSO, PARA AMBIENTES COMERCIAIS. AF_08/2023_PS","m²",36.6,41.61,1522.92]
["8.11.",null,"INSTALAÇÕES HIDROSSANITÁRIAS",""]
["8.11.1.",null,"CAPTAÇÃO DE ÁGUA PLUVIAL DA COBERTA",""]
["8.11.1.1","470097-0","FORNECIMENTO E INSTALAÇÃO DE RALO HEMISFÉRICO EM PLÁSTICO DIÂMETRO DE 100MM.","un",7,44.1,308.7]
["8.11.1.2",null,"FORNECIMENTO E INSTALAÇÃO DE CALHA EM CHAPA DE ALUMÍNIO, ESPESSURA DE 0,70MM, DESENVOLVIMENTO DE 90CM, INCLUSO TRANSPORTE VERTICAL (LARGURA = 50CM, ALTURA = 20CM)","m",50,131.5,6575]
["8.11.1.3",null,"TUBO PVC, SERIE NORMAL, ESGOTO PREDIAL, DN 100 MM, FORNECIDO E INSTALADO EM PRUMADA DE ESGOTO SANITÁRIO OU VENTILAÇÃO. AF_08/2022","m",7,24.62,172.34]
["8.11.1.4","442057-8","TUBO PVC, SÉRIE R, ÁGUA PLUVIAL, DN 100 MM, FORNECIDO E INSTALADO EM CONDUTORES VERTICAIS DE ÁGUAS PLUVIAIS. AF_06/2022","m",154,26.99,4156.46]
["8.11.1.5",null,"TUBO PVC, SÉRIE R, ÁGUA PLUVIAL, DN 150 MM, FORNECIDO E INSTALADO EM CONDUTORES VERTICAIS DE ÁGUAS PLUVIAIS. AF_06/2022","m",3,55.7,167.1]
["8.11.1.6","442112-4","ESCAVAÇÃO MANUAL DE VALA. AF_09/2024","m³",8,79.67,637.36]
["8.11.1.7","479123-1","REATERRO MANUAL APILOADO COM SOQUETE.","m³",8,55.64,445.12]
["8.11.1.8",null,"JOELHO 90 GRAUS, PVC, SERIE R, ÁGUA PLUVIAL, DN 100 MM, JUNTA ELÁSTICA, FORNECIDO E INSTALADO EM RAMAL DE ENCAMINHAMENTO PARA PROJETO ESPECÍFICO DO CICA. ","un",22,26.15,575.29999999999995]
["8.11.1.9",null,"JOELHO 45 GRAUS, PVC, SERIE R, ÁGUA PLUVIAL, DN 100 MM, JUNTA ELÁSTICA, FORNECIDO E INSTALADO EM CONDUTORES VERTICAIS DE ÁGUAS PLUVIAIS. AF_06/2022","un",6,39.96,239.76]
["8.11.1.10",null,"LUVA DE CORRER, PVC, SERIE R, ÁGUA PLUVIAL, DN 100 MM, JUNTA ELÁSTICA, FORNECIDO E INSTALADO EM RAMAL DE ENCAMINHAMENTO. AF_06/2022","un",6,34.799999999999997,208.8]
["8.11.2.",null,"DRENOS DE AR CONDICIONADOS",""]
["8.11.2.1",null,"TUBO, PVC, SOLDÁVEL, DN 25MM ISOLADO COM TUBO ESPONJOSO DE 3/4'', INSTALADO EM DRENO DE AR-CONDICIONADO - FORNECIMENTO E INSTALAÇÃO. ","m",99,25.79,2553.21]
["8.11.2.2",null,"TUBO, PVC, SOLDÁVEL, DN 40 MM, INSTALADO EM DRENO DE AR CONDICIONADO - FORNECIMENTO E INSTALAÇÃO","m",118,24.240000000000002,2860.32]
["8.11.2.3",null,"TUBO, PVC, SOLDÁVEL, DE 50MM, INSTALADO EM PRUMADA DE ÁGUA - FORNECIMENTO E INSTALAÇÃO. AF_06/2022","m",64,14.52,929.28]
["8.11.2.4",null,"TUBO, PVC, SOLDÁVEL, DE 75MM, INSTALADO EM PRUMADA DE ÁGUA - FORNECIMENTO E INSTALAÇÃO. AF_06/2022","m",15,37.67,565.04999999999995]
["8.11.2.5",null,"TUBO PVC, SERIE NORMAL, ESGOTO PREDIAL, DN 100 MM, FORNECIDO E INSTALADO EM RAMAL DE DESCARGA OU RAMAL DE ESGOTO SANITÁRIO. AF_08/2022","m",3,32.83,98.49]
["8.11.2.6",null,"CURVA CURTA 90 GRAUS, PVC, SERIE NORMAL, ESGOTO PREDIAL, DN 40 MM, JUNTA SOLDÁVEL, FORNECIDO E INSTALADO EM RAMAL DE DESCARGA OU RAMAL DE ESGOTO SANITÁRIO. AF_08/2022","un",33,11.21,369.93]
["8.11.2.7",null,"JOELHO 90 GRAUS, PVC, SERIE NORMAL, ESGOTO PREDIAL, DN 40 MM, JUNTA SOLDÁVEL, FORNECIDO E INSTALADO EM RAMAL DE DESCARGA OU RAMAL DE ESGOTO SANITÁRIO. AF_08/2022","un",4,8.85,35.4]
["8.11.2.8",null,"JOELHO 90 GRAUS, PVC, SERIE NORMAL, ESGOTO PREDIAL, DN 50 MM, JUNTA ELÁSTICA, FORNECIDO E INSTALADO EM RAMAL DE DESCARGA OU RAMAL DE ESGOTO SANITÁRIO. AF_08/2022","un",3,13.92,41.76]
["8.11.2.9","431635-5","JOELHO 90 GRAUS, PVC, SERIE NORMAL, ESGOTO PREDIAL, DN 75 MM, JUNTA ELÁSTICA, FORNECIDO E INSTALADO EM RAMAL DE DESCARGA OU RAMAL DE ESGOTO SANITÁRIO. AF_08/2022","un",1,20.8,20.8]
["8.11.2.10",null,"JOELHO 90 GRAUS, PVC, SERIE NORMAL, ESGOTO PREDIAL, DN 100 MM, JUNTA ELÁSTICA, FORNECIDO E INSTALADO EM RAMAL DE DESCARGA OU RAMAL DE ESGOTO SANITÁRIO. AF_08/2022","un",1,25.25,25.25]
["8.11.2.11",null,"REDUÇÃO EXCÊNTRICA, PVC, SERIE R, DN 100 X 75 MM, FORNECIDO E INSTALADO EM SISTEMA DE DRENAGEM DE AR CONDICIONADO.","un",1,27.919999999999998,27.92]
["8.11.2.12",null,"REDUÇÃO EXCÊNTRICA, PVC, SERIE R, DN 75 X 50 MM, JUNTA ELÁSTICA, FORNECIDO E INSTALADO EM SISTEMA DE AR CONDICIONADO.","un",2,17.240000000000002,34.479999999999997]
["8.11.2.13",null,"BUCHA DE REDUÇÃO LONGA, PVC, SÉRIE NORMAL, ESGOTO PREDIAL, DN 50 X 40 MM, JUNTA SOLDÁVEL E ELÁSTICA, FORNECIDO E INSTALADO EM RAMAL DE DESCARGA OU RAMAL DE ESGOTO SANITÁRIO. AF_08/2022","un",20,9.7799999999999994,195.6]
["8.11.2.14",null,"JOELHO 45 GRAUS, PVC, SERIE R, ÁGUA PLUVIAL, DN 50 MM, JUNTA ELÁSTICA, FORNECIDO E INSTALADO EM RAMAL DE ENCAMINHAMENTO. AF_06/2022","un",4,14.68,58.72]
["8.11.2.15",null,"JOELHO 45 GRAUS, PVC, SERIE NORMAL, ESGOTO PREDIAL, DN 40 MM, JUNTA SOLDÁVEL, FORNECIDO E INSTALADO EM RAMAL DE DESCARGA OU RAMAL DE ESGOTO SANITÁRIO. AF_08/2022","un",25,9.0300000000000011,225.75]
["8.11.2.16",null,"JUNÇÃO SIMPLES PVC PARA INSTALAÇÕES HIDROSSANITÁRIAS 40X40 MM. FORNECIDO E INSTALADO.","un",9,12.83,115.47]
["8.11.2.17",null,"JUNÇÃO SIMPLES PVC PARA INSTALAÇÕES HIDROSSANITÁRIAS 50X50 MM. FORNECIDO E INSTALADO.","un",10,30.42,304.2]
["8.11.2.18",null,"JUNÇÃO SIMPLES PVC PARA INSTALAÇÕES HIDROSSANITÁRIAS 75X50 MM. FORNECIDO E INSTALADO.","un",2,32.71,65.42]
["8.11.2.19",null,"TÊ, PVC, SOLDÁVEL, DN 40 MM, INSTALADO EM DRENO DE AR CONDICIONADO - FORNECIMENTO E INSTALAÇÃO. ","un",2,16.239999999999998,32.479999999999997]
["8.11.2.20",null,"TÊ, PVC, SOLDÁVEL, DN 50 MM, INSTALADO EM DRENO DE AR CONDICIONADO - FORNECIMENTO E INSTALAÇÃO. ","un",3,16.239999999999998,48.72]
["8.11.2.21",null,"TE DE REDUÇÃO, PVC, SOLDÁVEL, DN 75MM X 50MM, INSTALADO EM PRUMADA DE ÁGUA - FORNECIMENTO E INSTALAÇÃO. AF_06/2022","un",1,48.55,48.55]
["8.11.2.22",null,"RASGO LINEAR MECANIZADO EM ALVENARIA, PARA RAMAIS/ DISTRIBUIÇÃO DE INSTALAÇÕES HIDRÁULICAS, DIÂMETROS MENORES OU IGUAIS A 40 MM. AF_09/2023","m",99,6.3000000000000007,623.70000000000005]
["8.11.2.23","456915-6","CHUMBAMENTO LINEAR EM ALVENARIA PARA RAMAIS/DISTRIBUIÇÃO DE INSTALAÇÕES HIDRÁULICAS COM DIÂMETROS MENORES OU IGUAIS A 40 MM. AF_09/2023","m",99,13.81,1367.19]
["8.11.2.24","442112-4","ESCAVAÇÃO MANUAL DE VALA. AF_09/2024","m³",5.04,79.67,401.53]
["8.11.2.25","479123-1","REATERRO MANUAL APILOADO COM SOQUETE.","m³",5.04,55.64,280.42]
["8.11.2.26",null,"LUVA SOLDÁVEL E COM ROSCA, PVC, SOLDÁVEL, DN 25MM X 3/4 , INSTALADO EM RAMAL OU SUB-RAMAL DE ÁGUA - FORNECIMENTO E INSTALAÇÃO. AF_06/2022","un",33,6.24,205.92]
["8.11.2.27",null,"BUCHA DE REDUÇÃO, LONGA, PVC, SOLDÁVEL, DN 40 X 25 MM, INSTALADO EM PRUMADA DE ÁGUA - FORNECIMENTO E INSTALAÇÃO. AF_06/2022","un",33,6.69,220.77]
["8.11.2.28",null,"JOELHO 90 GRAUS, PVC, SOLDÁVEL, DN 25MM, INSTALADO EM DRENO DE AR-CONDICIONADO - FORNECIMENTO E INSTALAÇÃO. AF_08/2022","un",33,6.41,211.53]
["8.11.3.",null,"DESTINO FINAL DE ESGOTO",""]
["8.11.3.1",null,"CAIXA DE INSPEÇÃO DE ALV. BLOCO CERÂMICO 9X19X39CM, DIM, 60X60CM E HMÁX = 1M, COM TAMPA EM CONCRETO ESP. 5CM, LASTRO DE CONCRETO ESP. 10CM, REVESTIDA INTERNAMENTE COM CHAPISCO E REBOCO IMPERMEABILIZADO, INCLUSIVE ESCAVAÇÃO, REATERRO E ENCHIMENTO.","un",4,581.19000000000005,2324.7600000000002]
["8.12.",null,"INSTALAÇÕES ELÉTRICAS",""]
["8.12.1.",null,"CONDUTOS",""]
["8.12.1.1",null,"ELETRODUTO RÍGIDO ROSCÁVEL, EM PVC, DN 50 MM (1 1/2\"), COM LUVA DE ROSCA INTERNA E CONEXÕES, INSTALADO EM FORRO.  FORNECIMENTO E INSTALAÇÃO.","m",54.38,39.629999999999995,2155.0700000000002]
["8.12.1.2",null,"ELETRODUTO RÍGIDO ROSCÁVEL, EM PVC, DN 32 MM (1\"), COM LUVA DE ROSCA INTERNA E CONEXÕES, INSTALADO EM FORRO.  FORNECIMENTO E INSTALAÇÃO.","m",12.5,27.92,349]
["8.12.2.",null,"CONDUTORES",""]
["8.12.2.1",null,"CABO DE COBRE FLEXÍVEL, TÊMPERA MOLE E ENCORDOAMENTO CLASSES 4 E 5, SEÇÃO NOMINAL DE 35 MM², ISOLAÇÃO ANTI-CHAMA EM COMPOSTO TERMOPLÁSTICO NÃO HALOGENADO, COM BAIXA EMISSÃO DE FUMAÇA, 0,6/1,0KV - 70ºC, INCLUSIVE INSTALAÇÃO.","m",12.5,59.53,744.12]
["8.12.2.2",null,"CABO DE COBRE FLEXÍVEL, TÊMPERA MOLE E ENCORDOAMENTO CLASSES 4 E 5, SEÇÃO NOMINAL DE 25 MM², ISOLAÇÃO ANTI-CHAMA EM COMPOSTO TERMOPLÁSTICO NÃO HALOGENADO, COM BAIXA EMISSÃO DE FUMAÇA, 0,6/1,0KV - 70ºC, INCLUSIVE INSTALAÇÃO.","m",5.2,59.53,309.55]
["8.12.2.3",null,"CABO DE COBRE FLEXÍVEL, TÊMPERA MOLE E ENCORDOAMENTO CLASSES 4 E 5, SEÇÃO NOMINAL DE 16 MM², ISOLAÇÃO ANTI-CHAMA EM COMPOSTO TERMOPLÁSTICO NÃO HALOGENADO, COM BAIXA EMISSÃO DE FUMAÇA, 0,6/1,0KV - 70ºC, INCLUSIVE INSTALAÇÃO.","m",5.3,28.37,150.36000000000001]
["8.12.2.4",null,"CABO DE COBRE NU, TÊMPERA MEIO-DURO, ENCORDOAMENTO CLASSE 2A/3A, SEÇÃO NOMINAL DE 35 MM², PARA ATERRAMENTO, INCLUSIVE INSTALAÇÃO.","m",8.5,45.419999999999995,386.07]
["8.12.3.",null,"CAIXAS E CONDULETES",""]
["8.12.3.1","497496-4","CONDULETE DE ALUMÍNIO COM TAMPA, TIPO T, PARA ELETRODUTO ROSCÁVEL DE 1\", APARENTE, INCLUSIVE ACESSÓRIOS DE FIXAÇÃO. FORNECIMENTO E INSTALAÇÃO.","un",29,44.269999999999996,1283.83]
["8.12.3.2",null,"CONDULETE DE ALUMÍNIO COM TAMPA, TIPO L, PARA ELETRODUTO ROSCÁVEL DE 1\", APARENTE, INCLUSIVE ACESSÓRIOS DE FIXAÇÃO. FORNECIMENTO E INSTALAÇÃO.","un",4,37.69,150.76]
["8.12.3.3",null,"CAIXA DE PASSAGEM METÁLICA 30X30 COM TAMPA, SOBREPOR PARA INSTALAÇÃO NO TETO - FORNECIMENTO E INSTALAÇÃO.","un",1,109.29,109.29]
["8.12.3.4",null,"CAIXA DE PASSAGEM 15X15X10CM, PVC, COM TAMPA (SOBREPOR), FORNECIMENTO E INSTALAÇÃO. ","un",1,77.97,77.97]
["8.12.3.5",null,"CAIXA DE PASSAGEM DE ALVENARIA DE BLOCOS CERÂMICOS 10 FUROS 10X20X20CM, DIMENSÃO DE 30X30X30CM, COM REVESTIMENTO INTERNO EM CHAPISCO E REBOCO, TAMPA DE CONCRETO ESP. 5CM E LASTRO DE BRITA 5CM","un",3,124.02,372.06]
["8.12.4.",null,"ATERRAMENTO",""]
["8.12.4.1","376578-4","HASTE DE ATERRAMENTO (TIPO COPPERWELD) DE 5/8\" X 3,0 M COM CONECTOR. FORNECIMENTO E INSTALAÇÃO","un",3,107.33,321.99]
["8.12.4.2",null,"SOLDA EXOTÉRMICA PARA CABO-HASTE - FORNECIMENTO E INSTALAÇÃO.","un",6,58.39,350.34]
["8.12.4.3",null,"TERMINAL METÁLICO DE PRESSÃO PARA CABO DE 35MM², COM 1 FURO DE FIXAÇÃO. FORNECIMENTO E INSTALAÇÃO.","un",1,22.78,22.78]
["8.12.5.",null,"QUADROS / PROTEÇÃO",""]
["8.12.5.1",null,"QUADRO DE DISTRIBUIÇÃO DE ENERGIA DE SOBREPOR, EM CHAPA METÁLICA, PARA 28 DISJUNTORES TERMOMAGNÉTICOS MONOPOLARES, PADRÃO DIN, COM BARRAMENTO TRIFÁSICO (100A), GUIA PARA DISJUNTOR GERAL, BARRAS DE NEUTRO E TERRA E DEMAIS ACESSÓRIOS. FORNECIMENTO E INSTALAÇÃO.","un",1,428.8,428.8]
["8.12.5.2",null,"QUADRO DE DISTRIBUIÇÃO DE ENERGIA DE SOBREPOR, EM CHAPA METÁLICA, PARA 36 DISJUNTORES TERMOMAGNÉTICOS MONOPOLARES, PADRÃO DIN, COM BARRAMENTO TRIFÁSICO (100A), GUIA PARA DISJUNTOR GERAL, BARRAS DE NEUTRO E TERRA E DEMAIS ACESSÓRIOS. FORNECIMENTO E INSTALAÇÃO.","un",1,714.18999999999994,714.19]
["8.12.5.3",null,"DISJUNTOR TERMOMAGNÉTICO TRIPOLAR , CORRENTE NOMINAL DE 125A - FORNECIMENTO E INSTALAÇÃO. AF_10/2020","un",3,461.56,1384.68]
["8.12.5.4",null,"DISJUNTOR TRIPOLAR TIPO DIN, CORRENTE NOMINAL DE 70A - FORNECIMENTO E INSTALAÇÃO.","un",2,143.14000000000001,286.27999999999997]
["8.12.5.5",null,"DISJUNTOR TRIPOLAR TIPO DIN, CORRENTE NOMINAL DE 63A - FORNECIMENTO E INSTALAÇÃO.","un",2,137.63,275.26]
["8.12.5.6",null,"DISJUNTOR TRIPOLAR TIPO DIN, CORRENTE NOMINAL DE 25A - FORNECIMENTO E INSTALAÇÃO. AF_10/2020","un",2,83.669999999999987,167.34]
["8.12.5.7",null,"DISJUNTOR MONOPOLAR TIPO DIN, CORRENTE NOMINAL DE 25A - FORNECIMENTO E INSTALAÇÃO. AF_10/2020","un",33,14.61,482.13]
["8.12.6.",null,"PONTOS",""]
["8.12.6.1",null,"PONTO DE FORÇA PARA PLATAFORMA ELEVATÓRIA COMPOSTO POR FIAÇÃO EM CABO DE COBRE FLEXÍVEL DE  4MM², COM ISOLAÇÃO EM COMPOSTO TERMOPLÁSTICO POLIOLEFÍNICO NÃO HALOGENADO, NÃO PROPAGANTE À CHAMA, COM BAIXA EMISSÃO DE FUMAÇA E GASES TÓXICOS E CLASSE TÉRMICA 70° C (AFUMEX, ATOX, AFITOX OU EQUIVALENTE (NÃO-HALOGENADO), ISOLAÇÃO 750V, ELETRODUTO DE PVC RÍGIDO E CORRUGADO DE 3/4\", ELETRODUTO DE PVC CORRUGADO DE 3/4\" E ACESSÓRIOS.  FORNECIMENTO E INSTALAÇÃO."," pt",1,713.75,713.75]
["8.12.6.2",null,"PONTO DE FORÇA PARA CONDENSADORA COMPOSTO POR FIAÇÃO EM CABO DE COBRE FLEXÍVEL DE 4MM², COM ISOLAÇÃO EM COMPOSTO TERMOPLÁSTICO POLIOLEFÍNICO NÃO HALOGENADO, NÃO PROPAGANTE À CHAMA, COM BAIXA EMISSÃO DE FUMAÇA E GASES TÓXICOS E CLASSE TÉRMICA 70° C (AFUMEX, ATOX, AFITOX OU EQUIVALENTE (NÃO-HALOGENADO), ISOLAÇÃO 750V, ELETRODUTO METÁLICO RÍGIDO DE 1\".  FORNECIMENTO E INSTALAÇÃO."," pt",33,852.2,28122.6]
["8.13.",null,"INSTALAÇÕES DE PREVENÇÃO E COMBATE A INCÊNDIO",""]
["8.13.1.",null,"SISTEMA DE EXTINTORES",""]
["8.13.1.1",null,"EXTINTOR DE INCÊNDIO PORTÁTIL COM CARGA DE PQS DE 4 KG, CLASSE BC - FORNECIMENTO E INSTALAÇÃO. AF_10/2020_PE","un",3,247.82,743.46]
["8.13.1.2","523226-0","EXTINTOR DE INCÊNDIO PORTÁTIL COM CARGA DE PQS DE 6 KG, CLASSE BC - FORNECIMENTO E INSTALAÇÃO. AF_10/2020_PE","un",6,288.8,1732.8]
["8.13.1.3","520895-5","EXTINTOR DE INCÊNDIO PORTÁTIL COM CARGA DE CO2 DE 6 KG, CLASSE BC - FORNECIMENTO E INSTALAÇÃO. AF_10/2020_PE","un",3,821.45999999999992,2464.38]
["8.13.1.4","231754-0","FORNECIMENTO E INSTALAÇÃO DE SUPORTE DE PAREDE PARA EXTINTORES.","un",12,16.329999999999998,195.96]
["8.13.2.",null,"SISTEMA DE ILUMINAÇÃO E SINALIZAÇÃO DE EMERGÊNCIA",""]
["8.13.2.1",null,"FORNECIMENTO E INSTALAÇÃO DE LUMINÁRIA AUTÔNOMA DE SOBREPOR P/ACLARAMENTO OU BALIZAMENTO MOD.LAU 2X11 C/2 LÂMPADAS 11W E BATERIA SELADA.","un",9,541.29000000000008,4871.6099999999997]
["8.13.2.2","491851-7","FORNECIMENTO E INSTALAÇÃO DE PLACA DE SINALIZAÇÃO DE SEGURANÇA CONTRA INCÊNDIO, FOTOLUMINESCENTE, RETANGULAR, *13 X 26* CM, EM PVC *2* MM ANTI-CHAMAS (SÍMBOLOS, CORES E PICTOGRAMAS CONFORME NBR 13434); SAÍDA LATERAL VERMELHA.","un",10,48.86,488.6]
["8.13.2.3","545971-0","FORNECIMENTO E INSTALAÇÃO DE PLACA DE SINALIZAÇÃO DE SEGURANÇA CONTRA INCÊNDIO, FOTOLUMINESCENTE, QUADRADA, *20 X 20* CM, EM PVC *2* MM ANTI-CHAMAS (SÍMBOLOS, CORES E PICTOGRAMAS CONFORME NBR 13434).","un",17,55.32,940.44]
["8.13.2.4","551632-3","FORNECIMENTO E INSTALAÇÃO DE FITA ANTIDERRAPANTE SAFETY-WALK \"3M\" L=5CM OU EQUIVALENTE.","m",27,13.290000000000001,358.83]
["8.13.2.5",null,"FORNECIMENTO E INSTALAÇÃO DE CORRIMÃO EM TUBO DE AÇO INOX COM DIÂMETRO DE 1 E 1/2\", COM CHUMBADORES PARA FIXAÇÃO EM ALVENARIA.","m",14,130.04999999999998,1820.7]
["8.13.3.",null,"MARCAÇÃO NO PISO PARA HIDRANTE E EXTINTORES",""]
["8.13.3.1","529311-1","PINTURA DE PISO COM TINTA ACRÍLICA, APLICAÇÃO MANUAL, 2 DEMÃOS, INCLUSO FUNDO PREPARADOR. AF_05/2021","m²",16,20.329999999999998,325.27999999999997]
["8.13.4.",null,"REDE DE HIDRANTES E SPRINKLERS",""]
["8.13.4.1","501954-0","SPRINKLER TIPO PENDENTE, 68 °C, UNIÃO POR ROSCA DN 15 (1/2\") - FORNECIMENTO E INSTALAÇÃO. AF_10/2020","un",18,34.07,613.26]
["8.13.4.2",null,"CHAVE DE FLUXO 2 1/2” – FORNECIMENTO E INSTALAÇÃO. (CONFORME PROJETO)","un",2,532.4,1064.8]
["8.13.4.3",null,"FORNECIMENTO E INSTALAÇÃO DO MÓDULO ENDEREÇAMENTO DETECTOR INCÊNDIO SEGURIMAX OU EQUIVALENTE.","un",2,206.52,413.04]
["8.13.4.4","474925-1","REGISTRO DE GAVETA BRUTO, LATÃO, ROSCÁVEL, 2 1/2\" - FORNECIMENTO E INSTALAÇÃO. AF_08/2021","un",2,271.88,543.76]
["8.13.4.5","501926-5","TUBO DE AÇO GALVANIZADO COM COSTURA, CLASSE MÉDIA, CONEXÃO ROSQUEADA, DN 25 (1\"), INSTALADO EM REDE DE ALIMENTAÇÃO PARA SPRINKLER - FORNECIMENTO E INSTALAÇÃO. AF_10/2020","m",45,40.909999999999997,1840.95]
["8.13.4.6","501928-1","TUBO DE AÇO GALVANIZADO COM COSTURA, CLASSE MÉDIA, CONEXÃO ROSQUEADA, DN 32 (1 1/4\"), INSTALADO EM REDE DE ALIMENTAÇÃO PARA SPRINKLER - FORNECIMENTO E INSTALAÇÃO. AF_10/2020","m",10,49.209999999999994,492.1]
["8.13.4.7","501929-0","TUBO DE AÇO GALVANIZADO COM COSTURA, CLASSE MÉDIA, CONEXÃO ROSQUEADA, DN 40 (1 1/2\"), INSTALADO EM REDE DE ALIMENTAÇÃO PARA SPRINKLER - FORNECIMENTO E INSTALAÇÃO. AF_10/2020","m",15,55.94,839.1]
["8.13.4.8","501930-3","TUBO DE AÇO GALVANIZADO COM COSTURA, CLASSE MÉDIA, CONEXÃO ROSQUEADA, DN 50 (2\"), INSTALADO EM REDE DE ALIMENTAÇÃO PARA SPRINKLER - FORNECIMENTO E INSTALAÇÃO. AF_10/2020","m",2,75.789999999999992,151.58000000000001]
["8.13.4.9","553771-1","TUBO DE AÇO GALVANIZADO COM COSTURA, CLASSE MÉDIA, CONEXÃO ROSQUEADA, DN 65 (2 1/2\"), INSTALADO EM REDE DE ALIMENTAÇÃO PARA SPRINKLER - FORNECIMENTO E INSTALAÇÃO. AF_10/2020","m",25,92.1,2302.5]
["8.13.4.10",null,"FORNECIMENTO E INSTALAÇÃO DE TUBO DE AÇO GALVANIZADO COM COSTURA, CLASSE MÉDIA, CONEXÃO ROSQUEADA, DN65 (2.1/2\"), INSTALADO EM REDE DE ALIMENTAÇÃO PARA HIDRANTE E SPRINKLER COM ABERTURA E FECHAMENTO DE VALAS.","m",15,114.63000000000001,1719.45]
["8.13.4.11","556317-8","JOELHO 90 GRAUS, EM FERRO GALVANIZADO, CONEXÃO ROSQUEADA, DN 25 (1\"), INSTALADO EM REDE DE ALIMENTAÇÃO PARA SPRINKLER - FORNECIMENTO E INSTALAÇÃO. AF_10/2020","un",14,36.599999999999994,512.4]
["8.13.4.12",null,"JOELHO 90 GRAUS, EM FERRO GALVANIZADO, CONEXÃO ROSQUEADA, DN 65 (2.1/2\"), INSTALADO EM REDE DE ALIMENTAÇÃO PARA SPRINKLER E HIDRANTE- FORNECIMENTO E INSTALAÇÃO.","un",5,120.71000000000001,603.54999999999995]
["8.13.4.13",null,"JOELHO 90 GRAUS, EM FERRO GALVANIZADO, CONEXÃO ROSQUEADA, DN 40 (1.1/2\"), INSTALADO EM REDE DE ALIMENTAÇÃO PARA SPRINKLER E HIDRANTE- FORNECIMENTO E INSTALAÇÃO.","un",2,56.53,113.06]
["8.13.4.14","513932-5","TÊ, EM FERRO GALVANIZADO, CONEXÃO ROSQUEADA, DN 25 (1\"), INSTALADO EM REDE DE ALIMENTAÇÃO PARA SPRINKLER - FORNECIMENTO E INSTALAÇÃO. AF_10/2020","un",4,49.71,198.84]
["8.13.4.15","513931-7","TÊ, EM FERRO GALVANIZADO, CONEXÃO ROSQUEADA, DN 32 (1 1/4\"), INSTALADO EM REDE DE ALIMENTAÇÃO PARA SPRINKLER - FORNECIMENTO E INSTALAÇÃO. AF_10/2020","un",2,63.09,126.18]
["8.13.4.16",null,"TÊ, EM FERRO GALVANIZADO, CONEXÃO ROSQUEADA, DN 40 (1 1/2\"), INSTALADO EM REDE DE ALIMENTAÇÃO PARA SPRINKLER - FORNECIMENTO E INSTALAÇÃO. AF_10/2020","un",2,74.03,148.06]
["8.13.4.17",null,"TÊ, EM FERRO GALVANIZADO, CONEXÃO ROSQUEADA, DN 65 (2 1/2\"), INSTALADO EM REDE DE ALIMENTAÇÃO PARA SPRINKLER - FORNECIMENTO E INSTALAÇÃO. AF_10/2020","un",4,166.1,664.4]
["8.13.4.18","513930-9","TÊ, EM FERRO GALVANIZADO, CONEXÃO ROSQUEADA, DN 50 (2\"), INSTALADO EM REDE DE ALIMENTAÇÃO PARA SPRINKLER - FORNECIMENTO E INSTALAÇÃO. AF_10/2020","un",1,101.49,101.49]
["8.13.4.19","513929-5","LUVA DE REDUÇÃO, EM FERRO GALVANIZADO, 1 1/4\" X 1\", CONEXÃO ROSQUEADA, INSTALADO EM REDE DE ALIMENTAÇÃO PARA SPRINKLER - FORNECIMENTO E INSTALAÇÃO. AF_10/2020","un",2,35.31,70.62]
["8.13.4.20",null,"LUVA DE REDUÇÃO, EM FERRO GALVANIZADO, 1 1/2\" X 1 1/4\", CONEXÃO ROSQUEADA, INSTALADO EM REDE DE ALIMENTAÇÃO PARA SPRINKLER - FORNECIMENTO E INSTALAÇÃO. AF_10/2020","un",3,40.590000000000003,121.77]
["8.13.4.21",null,"LUVA DE REDUÇÃO, EM FERRO GALVANIZADO, 2 1/2\" X 1 1/2\", CONEXÃO ROSQUEADA, INSTALADO EM REDE DE ALIMENTAÇÃO PARA SPRINKLER - FORNECIMENTO E INSTALAÇÃO. AF_10/2020","un",1,88.72,88.72]
["8.13.4.22","553648-0","LUVA DE REDUÇÃO, EM FERRO GALVANIZADO, 1\" X 1/2\", CONEXÃO ROSQUEADA, INSTALADO EM REDE DE ALIMENTAÇÃO PARA SPRINKLER - FORNECIMENTO E INSTALAÇÃO. AF_10/2020","un",18,27.41,493.38]
["8.13.4.23","553790-8","LUVA DE REDUÇÃO, EM FERRO GALVANIZADO, 2\" X 1\", CONEXÃO ROSQUEADA, INSTALADO EM REDE DE ALIMENTAÇÃO PARA SPRINKLER - FORNECIMENTO E INSTALAÇÃO. AF_10/2020","un",1,56.830000000000005,56.83]
["8.13.4.24",null,"LUVA DE REDUÇÃO, EM FERRO GALVANIZADO, 2\" X 1 1/2\", CONEXÃO ROSQUEADA, INSTALADO EM REDE DE ALIMENTAÇÃO PARA SPRINKLER - FORNECIMENTO E INSTALAÇÃO. AF_10/2020","un",1,56.830000000000005,56.83]
["8.13.4.25",null,"FORNECIMENTO E INSTALAÇÃO DE ABRIGO PARA MANGUEIRAS E HIDRANTE, TIPO SOBREPOR, DIMENSÕES 75X45X17CM, PORTA COM VISOR EM ACRÍLICO COM A INSCRIÇÃO \"INCÊNDIO\" E CESTO FIXO, PINTADO COM PINTURA ELETROESTÁTICA NA COR VERMELHA, INCLUSIVE REGISTRO GLOBO ANGULAR 45° Ø2.1/2\", 02 MANGUEIRAS Ø1.1/2\" COM 15M, ADAPTADOR STORZ Ø2.1/2\" X Ø1.1/2\", CHAVE STORZ, ESGUICHO REGULÁVEL 40MM E TAMPÃO DE ENGATE RÁPIDO COM CORRENTE Ø2.1/2\".","un",4,2595.8500000000004,10383.4]
["8.13.4.26","501931-1","TUBO DE AÇO GALVANIZADO COM COSTURA, CLASSE MÉDIA, DN 65 (2 1/2\"), CONEXÃO ROSQUEADA, INSTALADO EM REDE DE ALIMENTAÇÃO PARA HIDRANTE - FORNECIMENTO E INSTALAÇÃO. AF_10/2020","m",4,87.580000000000013,350.32]
["8.13.5.",null,"REMOÇÃO E RECOMPOSIÇÃO DE FORRO",""]
["8.13.5.1","485901-4","REMOÇÃO DE FORRO DE GESSO, DE FORMA MANUAL, SEM REAPROVEITAMENTO. AF_09/2023","m²",578,2.74,1583.72]
["8.13.5.2","474374-1","FORRO EM PLACAS DE GESSO, PARA AMBIENTES COMERCIAIS. AF_08/2023_PS","m²",578,41.61,24050.58]
["8.14.",null,"SPDA",""]
["8.14.1.",null,"CONDUTOS",""]
["8.14.1.1",null,"ELETRODUTO RÍGIDO ROSCÁVEL, EM PVC, DN 32 MM (1\"), COM LUVA DE ROSCA INTERNA E CONEXÕES, INSTALAÇÃO APARENTE, FIXADO COM ABRAÇADEIRA.  FORNECIMENTO E INSTALAÇÃO.","m",18,27.92,502.56]
["8.14.2.",null,"CONDUTORES",""]
["8.14.2.1",null,"CORDOALHA EM CABO DE COBRE NU, TÊMPERA MEIO-DURO, ENCORDOAMENTO CLASSE 2, SEÇÃO NOMINAL DE 35 MM², NÃO ENTERRADA, FIXADA COM PRESILHA DE LATÃO PARA CABO DE 35 MM², INCLUSIVE PARAFUSO EM AÇO INOX FENDA, BUCHA NYLON E VEDAÇÃO DOS FUROS COM SELANTE POLIURETANO, MARCA DE REF. TERMOTÉCNICA OU EQUIVALENTE. FORNECIMENTO E INSTALAÇÃO.","m",161.30000000000001,56.84,9168.2900000000009]
["8.14.2.2",null,"CORDOALHA EM CABO DE COBRE NU, TÊMPERA MEIO-DURO, ENCORDOAMENTO CLASSE 2, SEÇÃO NOMINAL DE 50 MM², NÃO ENTERRADA, FIXADA COM PRESILHA DE LATÃO PARA CABO DE 50 MM², INCLUSIVE PARAFUSO EM AÇO INOX FENDA, BUCHA NYLON E VEDAÇÃO DOS FUROS COM SELANTE POLIURETANO, MARCA DE REF. TERMOTÉCNICA OU EQUIVALENTE. FORNECIMENTO E INSTALAÇÃO.","m",6,75.740000000000009,454.44]
["8.14.2.3",null,"CABO DE COBRE NU, TÊMPERA MEIO-DURO, ENCORDOAMENTO CLASSE 2A/3A, SEÇÃO NOMINAL DE 50 MM², PARA ATERRAMENTO, INSTALADO EM VALA COM 0,5 M DE PROFUNDIDADE, INCLUSIVE ESCAVAÇÃO E REATERRO.","m",132.41999999999999,80.66,10680.99]
["8.14.3.",null,"CAPTAÇÃO E ATERRAMENTO",""]
["8.14.3.1",null,"CAIXA DE PASSAGEM DE ALVENARIA DE BLOCOS CERÂMICOS 10 FUROS 10X20X20CM, DIMENSÃO DE 30X30X30CM, COM REVESTIMENTO INTERNO EM CHAPISCO E REBOCO, TAMPA DE CONCRETO ESP. 5CM E LASTRO DE BRITA 5CM","un",6,124.02,744.12]
["8.14.3.2","156973-2","HASTE DE ATERRAMENTO (TIPO COPPERWELD) DE 5/8\" X 2,40 M. FORNECIMENTO E INSTALAÇÃO","un",6,38.910000000000004,233.46]
["8.14.3.3",null,"FORNECIMENTO E INSTALAÇÃO DE CONECTOR REFORÇADO EM BRONZE REF. TEL-580 OU EQUIVALENTE.","un",6,66.459999999999994,398.76]
["8.14.3.4","494918-8","FORNECIMENTO E INSTALAÇÃO DE TERMINAL AÉREO EM AÇO GALVANIZADO A FOGO H=250MM X Ø3/8\" COM FIXAÇÃO HORIZONTAL, SEM BANDEIRINHA TEL - 044 OU EQUIVALENTE.","un",95,28.53,2710.35]
["8.14.3.5",null,"CAIXA DE INSPEÇÃO SUSPENSA EM POLIPROPILENO, COM TAMPA, ANTI-UV E ANTI-CHAMA (REF. TEL 541) E CONECTOR DE MEDIÇÃO EM BRONZE COM 4 PARAFUSOS PARA CABO DE COBRE 16-70MM² (REF. TEL-560) TERMOTÉCNICA OU EQUIVALENTE. FORNECIMENTO E INSTALAÇÃO.","un",6,125.73,754.38]
["8.14.3.6",null,"CONECTOR SPLIT-BOLT, PARA SPDA, PARA CABOS ATÉ 35 MM2 - FORNECIMENTO E INSTALAÇÃO. AF_08/2023","un",12,21.45,257.39999999999998]
["9.",null,"CASA DE BOMBAS",""]
["9.1.",null,"INSTALAÇÕES ELÉTRICAS",""]
["9.1.1.",null,"CONDUTOS",""]
["9.1.1.1",null,"ELETRODUTO RÍGIDO ROSCÁVEL, EM PVC, DN 32 MM (1\"), COM LUVA DE ROSCA INTERNA E CONEXÕES, INSTALAÇÃO APARENTE, FIXADO COM ABRAÇADEIRA.  FORNECIMENTO E INSTALAÇÃO.","m",5.6,27.92,156.35]
["9.1.1.2",null,"ELETRODUTO FLEXÍVEL CORRUGADO, EM PVC, DN 25 MM (3/4\"), INSTALAÇÃO APARENTE, FIXADO COM ABRAÇADEIRA.  FORNECIMENTO E INSTALAÇÃO.","m",1.9,18.100000000000001,34.39]
["9.1.1.3",null,"ELETRODUTO DE FERRO GALVANIZADO LEVE DE 1\", COM LUVA DE ROSCA INTERNA E ACESSÓRIOS, APARENTE, FIXADO COM ABRAÇADEIRA. FORNECIMENTO E INSTALAÇÃO.","m",5.6,54.96,307.77]
["9.1.1.4",null,"ELETRODUTO RÍGIDO ROSCÁVEL, PVC, DN 32 MM (1\"), COM LUVA DE ROSCA INTERNA E CONEXÕES, INSTALAÇÃO ENTERRADA, INCLUINDO ESCAVAÇÃO E REATERRO.  FORNECIMENTO E INSTALAÇÃO.","m",60.3,35.53,2142.4499999999998]
["9.1.2.",null,"CONDUTORES",""]
["9.1.2.1",null,"CABO DE COBRE FLEXÍVEL, ISOLADO CLASSE 4 OU 5, SEÇÃO NOMINAL DE 10 MM², ANTI-CHAMA, 0,6/1,0KV - 70ºC, INCLUSIVE INSTALAÇÃO.","m",366.8,12.94,4746.3900000000003]
["9.1.3.",null,"CAIXAS E CONDULETES",""]
["9.1.3.1",null,"CAIXA DE PASSAGEM DE ALVENARIA DE BLOCOS CERÂMICOS 10 FUROS 10X20X20CM, DIMENSÃO DE 30X30X30CM, COM REVESTIMENTO INTERNO EM CHAPISCO E REBOCO, TAMPA DE CONCRETO ESP. 5CM E LASTRO DE BRITA 5CM","un",3,124.02,372.06]
["9.1.3.2",null,"CAIXA DE PASSAGEM 15X15X10CM, PVC, COM TAMPA (SOBREPOR), FORNECIMENTO E INSTALAÇÃO. ","un",1,77.97,77.97]
["9.1.3.3",null,"CONDULETE DE PVC, TIPO LL, PARA ELETRODUTO ROSCÁVEL DE 1\", APARENTE, INCLUSIVE ACESSÓRIOS DE FIXAÇÃO. FORNECIMENTO E INSTALAÇÃO.","un",2,38.89,77.78]
["9.1.3.4","443920-1","FORNECIMENTO E INSTALAÇÃO DE TAMPA CEGA PARA CONDULETE EM PVC CAIXA 4\" X 2\"","un",2,9.6999999999999993,19.399999999999999]
["9.1.4.",null,"QUADRO / PROTEÇÃO",""]
["9.1.4.1",null,"CAIXA PARA QUADRO DE COMANDO METÁLICA DE SOBREPOR 40X40X20 CM - FORNECIMENTO E INSTALAÇÃO.","un",2,314.39,628.78]
["9.2.",null,"INSTALAÇÕES DE PREVENÇÃO E COMBATE A INCÊNDIO",""]
["9.2.1",null,"FORNECIMENTO E INSTALAÇÃO DE CONJUNTO MOTO-BOMBA SCHNEIDER MODELO BPI-22 R, POTÊNCIA 20CV, TRIFÁSICA 220/380V, RECALQUE D=2 1/2\", OU EQUIVALENTE.","un",2,12719.669999999998,25439.34]
["9.2.2",null,"JOELHO 90 GRAUS, EM FERRO GALVANIZADO, CONEXÃO ROSQUEADA, DN 150 (6\"), INSTALADO EM REDE DE ALIMENTAÇÃO PARA SPRINKLER E HIDRANTE- FORNECIMENTO E INSTALAÇÃO.","un",2,991.79,1983.58]
["9.2.3",null,"JOELHO 90 GRAUS, EM FERRO GALVANIZADO, CONEXÃO ROSQUEADA, DN 100 (4\"), INSTALADO EM REDE DE ALIMENTAÇÃO PARA SPRINKLER E HIDRANTE- FORNECIMENTO E INSTALAÇÃO.","un",2,289.94,579.88]
["9.2.4",null,"VÁLVULA DE GAVETA EM FERRO FUNDIDO COM HASTE ASCENDENTE 6\" FLANGEADA, CLASSE DE PRESSÃO 125LBS - FORNECIMENTO E INSTALAÇÃO","un",2,3924.1,7848.2]
["9.2.5",null,"VÁLVULA DE RETENÇÃO 6\" DUPLA PORTINHOLA FERRO FUNDIDO TIPO WAFER FORNECIMENTO E INSTALAÇÃO.","un",2,1520.8799999999999,3041.76]
["9.2.6",null,"REGISTRO DE GAVETA BRUTO, LATÃO, ROSCÁVEL, 4\" - FORNECIMENTO E INSTALAÇÃO. AF_08/2021","un",5,666.40000000000009,3332]
["9.2.7",null,"VÁLVULA DE RETENÇÃO HORIZONTAL, DE BRONZE, ROSCÁVEL, 4\" - FORNECIMENTO E INSTALAÇÃO. AF_08/2021","un",2,1092.52,2185.04]
["9.2.8",null,"CHAVE DE FLUXO 3” – FORNECIMENTO E INSTALAÇÃO. (CONFORME PROJETO)","un",1,540.66999999999996,540.66999999999996]
["9.2.9",null,"CHAVE DE FLUXO 4” – FORNECIMENTO E INSTALAÇÃO. (CONFORME PROJETO)","un",1,554.9,554.9]
["9.2.10",null,"REGISTRO DE GAVETA BRUTO, LATÃO, ROSCÁVEL, 3\" - FORNECIMENTO E INSTALAÇÃO. AF_08/2021","un",2,330.02,660.04]
["9.2.11",null,"VÁLVULA DE RETENÇÃO HORIZONTAL, DE BRONZE, ROSCÁVEL, 3\" - FORNECIMENTO E INSTALAÇÃO. AF_08/2021","un",1,709.13,709.13]
["9.2.12",5508355,"FORNECIMENTO E INSTALAÇÃO DE TUBO AÇO GALVANIZADO C/COSTURA 1/2\" (15MM), P/CONDUÇÃO FLUIDOS, CLASSE LEVE, E=2,25MM, 1,12KG/M, NBR-5580 – (RETORNO DA ÁGUA PARA O RESERVETÓRIO).","m",30,26.02,780.6]
["9.2.13",null,"REGISTRO OU VÁLVULA GLOBO ANGULAR EM LATÃO, PARA HIDRANTES EM INSTALAÇÃO PREDIAL DE INCÊNDIO, 45 GRAUS, 2 1/2\" - FORNECIMENTO E INSTALAÇÃO. AF_08/2021","un",1,248.15,248.15]
["10.",null,"BLOCO ARQUIVO",""]
["10.1.",null,"INSTALAÇÕES DE PREVENÇÃO E COMBATE A INCÊNDIO",""]
["10.1.1.",null,"SISTEMA DE EXTINTORES",""]
["10.1.1.1","520895-5","EXTINTOR DE INCÊNDIO PORTÁTIL COM CARGA DE CO2 DE 6 KG, CLASSE BC - FORNECIMENTO E INSTALAÇÃO. AF_10/2020_PE","un",4,821.45999999999992,3285.84]
["10.1.1.2","521810-1","EXTINTOR DE INCÊNDIO PORTÁTIL COM CARGA DE ÁGUA PRESSURIZADA DE 10 L, CLASSE A - FORNECIMENTO E INSTALAÇÃO. AF_10/2020_PE","un",4,255.5,1022]
["10.1.1.3","231754-0","FORNECIMENTO E INSTALAÇÃO DE SUPORTE DE PAREDE PARA EXTINTORES.","un",8,16.329999999999998,130.63999999999999]
["10.1.2.",null,"SISTEMA DE ILUMINAÇÃO E SINALIZAÇÃO DE EMERGENCIA",""]
["10.1.2.1",null,"FORNECIMENTO E INSTALAÇÃO DE LUMINÁRIA AUTÔNOMA DE SOBREPOR P/ACLARAMENTO OU BALIZAMENTO MOD.LAU 2X11 C/2 LÂMPADAS 11W E BATERIA SELADA.","un",8,541.29000000000008,4330.32]
["10.1.2.2","491851-7","FORNECIMENTO E INSTALAÇÃO DE PLACA DE SINALIZAÇÃO DE SEGURANÇA CONTRA INCÊNDIO, FOTOLUMINESCENTE, RETANGULAR, *13 X 26* CM, EM PVC *2* MM ANTI-CHAMAS (SÍMBOLOS, CORES E PICTOGRAMAS CONFORME NBR 13434); SAÍDA LATERAL VERMELHA.","un",8,48.86,390.88]
["10.1.2.3","545971-0","FORNECIMENTO E INSTALAÇÃO DE PLACA DE SINALIZAÇÃO DE SEGURANÇA CONTRA INCÊNDIO, FOTOLUMINESCENTE, QUADRADA, *20 X 20* CM, EM PVC *2* MM ANTI-CHAMAS (SÍMBOLOS, CORES E PICTOGRAMAS CONFORME NBR 13434).","un",11,55.32,608.52]
["10.1.3.",null,"MARCAÇÃO NO PISO PARA HIDRANTE E EXTINTORES",""]
["10.1.3.1","529311-1","PINTURA DE PISO COM TINTA ACRÍLICA, APLICAÇÃO MANUAL, 2 DEMÃOS, INCLUSO FUNDO PREPARADOR. AF_05/2021","m²",9,20.329999999999998,182.97]
["10.1.4.",null,"REDE DE HIDRANTES E SPRINKLERS",""]
["10.1.4.1",null,"FORNECIMENTO E INSTALAÇÃO DE TUBO DE AÇO GALVANIZADO COM COSTURA, CLASSE MÉDIA, CONEXÃO ROSQUEADA, DN65 (2.1/2\"), INSTALADO EM REDE DE ALIMENTAÇÃO PARA HIDRANTE E SPRINKLER COM ABERTURA E FECHAMENTO DE VALAS.","m",5,114.63000000000001,573.15]
["10.1.4.2",null,"JOELHO 90 GRAUS, EM FERRO GALVANIZADO, CONEXÃO ROSQUEADA, DN 65 (2.1/2\"), INSTALADO EM REDE DE ALIMENTAÇÃO PARA SPRINKLER E HIDRANTE- FORNECIMENTO E INSTALAÇÃO.","un",2,120.71000000000001,241.42]
["10.1.4.3",null,"JOELHO 90 GRAUS, EM FERRO GALVANIZADO, CONEXÃO ROSQUEADA, DN 100 (4\"), INSTALADO EM REDE DE ALIMENTAÇÃO PARA SPRINKLER E HIDRANTE- FORNECIMENTO E INSTALAÇÃO.","un",2,289.94,579.88]
["10.1.4.4",null,"FORNECIMENTO E INSTALAÇÃO DE ABRIGO PARA MANGUEIRAS E HIDRANTE, TIPO SOBREPOR, DIMENSÕES 90X60X17CM, PORTA COM VISOR EM ACRÍLICO COM A INSCRIÇÃO \"INCÊNDIO\" E CESTO FIXO, PINTADO COM PINTURA ELETROESTÁTICA NA COR VERMELHA, INCLUSIVE 02 REGISTROS GLOBO ANGULAR 45° Ø2.1/2\", 06 MANGUEIRAS Ø2.1/2\" COM 15M E 02 MANGUEIRAS DE Ø1.1/2 COM 15M , 06 ADAPTADORES STORZ Ø2.1/2\" X Ø2.1/2\", 02 ADAPTADORES STORZ Ø2.1/2\" X Ø1.1/2\", CHAVE STORZ, 02 ESGUICHOS REGULÁVEIS 40MM E 02 TAMPÕES DE ENGATE RÁPIDO COM CORRENTE Ø2.1/2\".","un",1,9345.130000000001,9345.1299999999992]
["10.1.4.5","501931-1","TUBO DE AÇO GALVANIZADO COM COSTURA, CLASSE MÉDIA, DN 65 (2 1/2\"), CONEXÃO ROSQUEADA, INSTALADO EM REDE DE ALIMENTAÇÃO PARA HIDRANTE - FORNECIMENTO E INSTALAÇÃO. AF_10/2020","m",2,87.580000000000013,175.16]
["10.1.5.",null,"REMOÇÃO E RECOMPOSIÇÃO DE FORRO",""]
["10.1.5.1","485901-4","REMOÇÃO DE FORRO DE GESSO, DE FORMA MANUAL, SEM REAPROVEITAMENTO. AF_09/2023","m²",100,2.74,274]
["10.1.5.2","474374-1","FORRO EM PLACAS DE GESSO, PARA AMBIENTES COMERCIAIS. AF_08/2023_PS","m²",100,41.61,4161]
["10.2.",null,"SPDA",""]
["10.2.1.",null,"CONDUTOS",""]
["10.2.1.1",null,"ELETRODUTO RÍGIDO ROSCÁVEL, EM PVC, DN 32 MM (1\"), COM LUVA DE ROSCA INTERNA E CONEXÕES, INSTALAÇÃO APARENTE, FIXADO COM ABRAÇADEIRA.  FORNECIMENTO E INSTALAÇÃO.","m",30,27.92,837.6]
["10.2.2.",null,"CONDUTORES",""]
["10.2.2.1",null,"CORDOALHA EM CABO DE COBRE NU, TÊMPERA MEIO-DURO, ENCORDOAMENTO CLASSE 2, SEÇÃO NOMINAL DE 35 MM², NÃO ENTERRADA, FIXADA COM PRESILHA DE LATÃO PARA CABO DE 35 MM², INCLUSIVE PARAFUSO EM AÇO INOX FENDA, BUCHA NYLON E VEDAÇÃO DOS FUROS COM SELANTE POLIURETANO, MARCA DE REF. TERMOTÉCNICA OU EQUIVALENTE. FORNECIMENTO E INSTALAÇÃO.","m",169.29,56.84,9622.44]
["10.2.2.2",null,"CORDOALHA EM CABO DE COBRE NU, TÊMPERA MEIO-DURO, ENCORDOAMENTO CLASSE 2, SEÇÃO NOMINAL DE 50 MM², NÃO ENTERRADA, FIXADA COM PRESILHA DE LATÃO PARA CABO DE 50 MM², INCLUSIVE PARAFUSO EM AÇO INOX FENDA, BUCHA NYLON E VEDAÇÃO DOS FUROS COM SELANTE POLIURETANO, MARCA DE REF. TERMOTÉCNICA OU EQUIVALENTE. FORNECIMENTO E INSTALAÇÃO.","m",10,75.740000000000009,757.4]
["10.2.2.3",null,"CABO DE COBRE NU, TÊMPERA MEIO-DURO, ENCORDOAMENTO CLASSE 2A/3A, SEÇÃO NOMINAL DE 50 MM², PARA ATERRAMENTO, INSTALADO EM VALA COM 0,5 M DE PROFUNDIDADE, INCLUSIVE ESCAVAÇÃO E REATERRO.","m",143.24,80.66,11553.73]
["10.2.3.",null,"CAPTAÇÃO E ATERRAMENTO",""]
["10.2.3.1",null,"CAIXA DE PASSAGEM DE ALVENARIA DE BLOCOS CERÂMICOS 10 FUROS 10X20X20CM, DIMENSÃO DE 30X30X30CM, COM REVESTIMENTO INTERNO EM CHAPISCO E REBOCO, TAMPA DE CONCRETO ESP. 5CM E LASTRO DE BRITA 5CM","un",8,124.02,992.16]
["10.2.3.2","156973-2","HASTE DE ATERRAMENTO (TIPO COPPERWELD) DE 5/8\" X 2,40 M. FORNECIMENTO E INSTALAÇÃO","un",8,38.910000000000004,311.27999999999997]
["10.2.3.3",null,"FORNECIMENTO E INSTALAÇÃO DE CONECTOR REFORÇADO EM BRONZE REF. TEL-580 OU EQUIVALENTE.","un",8,66.459999999999994,531.67999999999995]
["10.2.3.4",null,"MASTRO SIMPLES DE 3M (1.1/2\"), INCL. BASE DE FIXAÇÃO 1.1/2\", CAPTOR TIPO FRANKLIN EM LATÃO CROMADO (1 DESCIDAS), ABRAÇADEIRAS GUIA SIMPLES E REFORÇADAS PARA UMA DESCIDAS, CONJ. DE CONTRAVENTAGEM COM ABRAÇADEIRA PARA 3 ESTAIS EM TUBO DE 1,5M E DEMAIS ACESSÓRIOS DE FIXAÇÃO. FORNECIMENTO E INSTALAÇÃO.","un",2,767.53,1535.06]
["10.2.3.5","494918-8","FORNECIMENTO E INSTALAÇÃO DE TERMINAL AÉREO EM AÇO GALVANIZADO A FOGO H=250MM X Ø3/8\" COM FIXAÇÃO HORIZONTAL, SEM BANDEIRINHA TEL - 044 OU EQUIVALENTE.","un",70,28.53,1997.1]
["10.2.3.6",null,"CAIXA DE INSPEÇÃO SUSPENSA EM POLIPROPILENO, COM TAMPA, ANTI-UV E ANTI-CHAMA (REF. TEL 541) E CONECTOR DE MEDIÇÃO EM BRONZE COM 4 PARAFUSOS PARA CABO DE COBRE 16-70MM² (REF. TEL-560) TERMOTÉCNICA OU EQUIVALENTE. FORNECIMENTO E INSTALAÇÃO.","un",8,125.73,1005.84]
["10.2.3.7",null,"CONECTOR SPLIT-BOLT, PARA SPDA, PARA CABOS ATÉ 35 MM2 - FORNECIMENTO E INSTALAÇÃO. AF_08/2023","un",20,21.45,429]
["10.2.3.8",null,"APARELHO SINALIZADOR NOTURNO DE OBSTÁCULOS AÉREO, SIMPLES, COM CÉLULA FOTOELÉTRICA, INCLUSIVE UMA (1) LÂMPADA LED E SUPORTE PARA MASTRO. FORNECIMENTO E INSTALAÇÃO.","un",2,119.98,239.96]
["11.",null,"BLOCO A",""]
["11.1.",null,"INSTALAÇÕES DE PREVENÇÃO E COMBATE A INCÊNDIO",""]
["11.1.1.",null,"SISTEMA DE EXTINTORES",""]
["11.1.1.1",null,"EXTINTOR DE INCÊNDIO PORTÁTIL COM CARGA DE PQS DE 4 KG, CLASSE BC - FORNECIMENTO E INSTALAÇÃO. AF_10/2020_PE","un",3,247.82,743.46]
["11.1.1.2","523226-0","EXTINTOR DE INCÊNDIO PORTÁTIL COM CARGA DE PQS DE 6 KG, CLASSE BC - FORNECIMENTO E INSTALAÇÃO. AF_10/2020_PE","un",11,288.8,3176.8]
["11.1.1.3","520895-5","EXTINTOR DE INCÊNDIO PORTÁTIL COM CARGA DE CO2 DE 6 KG, CLASSE BC - FORNECIMENTO E INSTALAÇÃO. AF_10/2020_PE","un",1,821.45999999999992,821.46]
["11.1.1.4","521810-1","EXTINTOR DE INCÊNDIO PORTÁTIL COM CARGA DE ÁGUA PRESSURIZADA DE 10 L, CLASSE A - FORNECIMENTO E INSTALAÇÃO. AF_10/2020_PE","un",3,255.5,766.5]
["11.1.1.5","231754-0","FORNECIMENTO E INSTALAÇÃO DE SUPORTE DE PAREDE PARA EXTINTORES.","un",18,16.329999999999998,293.94]
["11.1.2.",null,"SISTEMA DE ILUMINAÇÃO E SINALIZAÇÃO DE EMERGENCIA",""]
["11.1.2.1",null,"FORNECIMENTO E INSTALAÇÃO DE LUMINÁRIA AUTÔNOMA DE SOBREPOR P/ACLARAMENTO OU BALIZAMENTO MOD.LAU 2X11 C/2 LÂMPADAS 11W E BATERIA SELADA.","un",16,541.29000000000008,8660.64]
["11.1.2.2","491851-7","FORNECIMENTO E INSTALAÇÃO DE PLACA DE SINALIZAÇÃO DE SEGURANÇA CONTRA INCÊNDIO, FOTOLUMINESCENTE, RETANGULAR, *13 X 26* CM, EM PVC *2* MM ANTI-CHAMAS (SÍMBOLOS, CORES E PICTOGRAMAS CONFORME NBR 13434); SAÍDA LATERAL VERMELHA.","un",16,48.86,781.76]
["11.1.2.3","545971-0","FORNECIMENTO E INSTALAÇÃO DE PLACA DE SINALIZAÇÃO DE SEGURANÇA CONTRA INCÊNDIO, FOTOLUMINESCENTE, QUADRADA, *20 X 20* CM, EM PVC *2* MM ANTI-CHAMAS (SÍMBOLOS, CORES E PICTOGRAMAS CONFORME NBR 13434).","un",25,55.32,1383]
["11.1.2.4","551632-3","FORNECIMENTO E INSTALAÇÃO DE FITA ANTIDERRAPANTE SAFETY-WALK \"3M\" L=5CM OU EQUIVALENTE.","m",52,13.290000000000001,691.08]
["11.1.2.5",null,"FORNECIMENTO E INSTALAÇÃO DE CORRIMÃO EM TUBO DE AÇO INOX COM DIÂMETRO DE 1 E 1/2\", COM CHUMBADORES PARA FIXAÇÃO EM ALVENARIA.","m",63,130.04999999999998,8193.15]
["11.1.3.",null,"MARCAÇÃO NO PISO PARA HIDRANTE E EXTINTORES",""]
["11.1.3.1","529311-1","PINTURA DE PISO COM TINTA ACRÍLICA, APLICAÇÃO MANUAL, 2 DEMÃOS, INCLUSO FUNDO PREPARADOR. AF_05/2021","m²",26,20.329999999999998,528.58000000000004]
["11.1.4.",null,"REDE DE HIDRANTES E SPRINKLERS",""]
["11.1.4.1","501954-0","SPRINKLER TIPO PENDENTE, 68 °C, UNIÃO POR ROSCA DN 15 (1/2\") - FORNECIMENTO E INSTALAÇÃO. AF_10/2020","un",31,34.07,1056.17]
["11.1.4.2",null,"CHAVE DE FLUXO 2 1/2” – FORNECIMENTO E INSTALAÇÃO. (CONFORME PROJETO)","un",1,532.4,532.4]
["11.1.4.3",null,"FORNECIMENTO E INSTALAÇÃO DO MÓDULO ENDEREÇAMENTO DETECTOR INCÊNDIO SEGURIMAX OU EQUIVALENTE.","un",1,206.52,206.52]
["11.1.4.4","474925-1","REGISTRO DE GAVETA BRUTO, LATÃO, ROSCÁVEL, 2 1/2\" - FORNECIMENTO E INSTALAÇÃO. AF_08/2021","un",1,271.88,271.88]
["11.1.4.5","501926-5","TUBO DE AÇO GALVANIZADO COM COSTURA, CLASSE MÉDIA, CONEXÃO ROSQUEADA, DN 25 (1\"), INSTALADO EM REDE DE ALIMENTAÇÃO PARA SPRINKLER - FORNECIMENTO E INSTALAÇÃO. AF_10/2020","m",48,40.909999999999997,1963.68]
["11.1.4.6","501928-1","TUBO DE AÇO GALVANIZADO COM COSTURA, CLASSE MÉDIA, CONEXÃO ROSQUEADA, DN 32 (1 1/4\"), INSTALADO EM REDE DE ALIMENTAÇÃO PARA SPRINKLER - FORNECIMENTO E INSTALAÇÃO. AF_10/2020","m",5,49.209999999999994,246.05]
["11.1.4.7","501929-0","TUBO DE AÇO GALVANIZADO COM COSTURA, CLASSE MÉDIA, CONEXÃO ROSQUEADA, DN 40 (1 1/2\"), INSTALADO EM REDE DE ALIMENTAÇÃO PARA SPRINKLER - FORNECIMENTO E INSTALAÇÃO. AF_10/2020","m",13,55.94,727.22]
["11.1.4.8","553771-1","TUBO DE AÇO GALVANIZADO COM COSTURA, CLASSE MÉDIA, CONEXÃO ROSQUEADA, DN 65 (2 1/2\"), INSTALADO EM REDE DE ALIMENTAÇÃO PARA SPRINKLER - FORNECIMENTO E INSTALAÇÃO. AF_10/2020","m",61,92.1,5618.1]
["11.1.4.9",null,"FORNECIMENTO E INSTALAÇÃO DE TUBO DE AÇO GALVANIZADO COM COSTURA, CLASSE MÉDIA, CONEXÃO ROSQUEADA, DN 80 (3\"), INSTALADO EM REDE DE ALIMENTAÇÃO PARA HIDRANTE E SPRINKLER COM ABERTURA E FECHAMENTO DE VALAS.","m",10,142.49,1424.9]
["11.1.4.10",null,"FORNECIMENTO E INSTALAÇÃO DE TUBO DE AÇO GALVANIZADO COM COSTURA, CLASSE MÉDIA, CONEXÃO ROSQUEADA, DN65 (2.1/2\"), INSTALADO EM REDE DE ALIMENTAÇÃO PARA HIDRANTE E SPRINKLER COM ABERTURA E FECHAMENTO DE VALAS.","m",40,114.63000000000001,4585.2]
["11.1.4.11","556317-8","JOELHO 90 GRAUS, EM FERRO GALVANIZADO, CONEXÃO ROSQUEADA, DN 25 (1\"), INSTALADO EM REDE DE ALIMENTAÇÃO PARA SPRINKLER - FORNECIMENTO E INSTALAÇÃO. AF_10/2020","un",24,36.599999999999994,878.4]
["11.1.4.12",null,"JOELHO 90 GRAUS, EM FERRO GALVANIZADO, CONEXÃO ROSQUEADA, DN 40 (1.1/2\"), INSTALADO EM REDE DE ALIMENTAÇÃO PARA SPRINKLER E HIDRANTE- FORNECIMENTO E INSTALAÇÃO.","un",2,56.53,113.06]
["11.1.4.13",null,"JOELHO 90 GRAUS, EM FERRO GALVANIZADO, CONEXÃO ROSQUEADA, DN 65 (2.1/2\"), INSTALADO EM REDE DE ALIMENTAÇÃO PARA SPRINKLER E HIDRANTE- FORNECIMENTO E INSTALAÇÃO.","un",6,120.71000000000001,724.26]
["11.1.4.14",null,"JOELHO 90 GRAUS, EM FERRO GALVANIZADO, CONEXÃO ROSQUEADA, DN 80 (3\"), INSTALADO EM REDE DE ALIMENTAÇÃO PARA SPRINKLER E HIDRANTE- FORNECIMENTO E INSTALAÇÃO.","un",2,161.51999999999998,323.04000000000002]
["11.1.4.15","513932-5","TÊ, EM FERRO GALVANIZADO, CONEXÃO ROSQUEADA, DN 25 (1\"), INSTALADO EM REDE DE ALIMENTAÇÃO PARA SPRINKLER - FORNECIMENTO E INSTALAÇÃO. AF_10/2020","un",5,49.71,248.55]
["11.1.4.16","513931-7","TÊ, EM FERRO GALVANIZADO, CONEXÃO ROSQUEADA, DN 32 (1 1/4\"), INSTALADO EM REDE DE ALIMENTAÇÃO PARA SPRINKLER - FORNECIMENTO E INSTALAÇÃO. AF_10/2020","un",2,63.09,126.18]
["11.1.4.17",null,"TÊ, EM FERRO GALVANIZADO, CONEXÃO ROSQUEADA, DN 40 (1 1/2\"), INSTALADO EM REDE DE ALIMENTAÇÃO PARA SPRINKLER - FORNECIMENTO E INSTALAÇÃO. AF_10/2020","un",2,74.03,148.06]
["11.1.4.18",null,"TÊ, EM FERRO GALVANIZADO, CONEXÃO ROSQUEADA, DN 65 (2 1/2\"), INSTALADO EM REDE DE ALIMENTAÇÃO PARA SPRINKLER - FORNECIMENTO E INSTALAÇÃO. AF_10/2020","un",24,166.1,3986.4]
["11.1.4.19","513929-5","LUVA DE REDUÇÃO, EM FERRO GALVANIZADO, 1 1/4\" X 1\", CONEXÃO ROSQUEADA, INSTALADO EM REDE DE ALIMENTAÇÃO PARA SPRINKLER - FORNECIMENTO E INSTALAÇÃO. AF_10/2020","un",3,35.31,105.93]
["11.1.4.20",null,"LUVA DE REDUÇÃO, EM FERRO GALVANIZADO, 1 1/2\" X 1 1/4\", CONEXÃO ROSQUEADA, INSTALADO EM REDE DE ALIMENTAÇÃO PARA SPRINKLER - FORNECIMENTO E INSTALAÇÃO. AF_10/2020","un",4,40.590000000000003,162.36000000000001]
["11.1.4.21",null,"LUVA DE REDUÇÃO, EM FERRO GALVANIZADO, 3\" X 2 1/2\", CONEXÃO ROSQUEADA, INSTALADO EM REDE DE ALIMENTAÇÃO PARA SPRINKLER - FORNECIMENTO E INSTALAÇÃO. AF_10/2020","un",2,127.21000000000001,254.42]
["11.1.4.22",null,"LUVA DE REDUÇÃO, EM FERRO GALVANIZADO, 2 1/2\" X 1 1/2\", CONEXÃO ROSQUEADA, INSTALADO EM REDE DE ALIMENTAÇÃO PARA SPRINKLER - FORNECIMENTO E INSTALAÇÃO. AF_10/2020","un",3,88.72,266.16000000000003]
["11.1.4.23","553648-0","LUVA DE REDUÇÃO, EM FERRO GALVANIZADO, 1\" X 1/2\", CONEXÃO ROSQUEADA, INSTALADO EM REDE DE ALIMENTAÇÃO PARA SPRINKLER - FORNECIMENTO E INSTALAÇÃO. AF_10/2020","un",31,27.41,849.71]
["11.1.4.24","553790-8","LUVA DE REDUÇÃO, EM FERRO GALVANIZADO, 2\" X 1\", CONEXÃO ROSQUEADA, INSTALADO EM REDE DE ALIMENTAÇÃO PARA SPRINKLER - FORNECIMENTO E INSTALAÇÃO. AF_10/2020","un",17,56.830000000000005,966.11]
["11.1.4.25",null,"FORNECIMENTO E INSTALAÇÃO DE ABRIGO PARA MANGUEIRAS E HIDRANTE, TIPO SOBREPOR, DIMENSÕES 75X45X17CM, PORTA COM VISOR EM ACRÍLICO COM A INSCRIÇÃO \"INCÊNDIO\" E CESTO FIXO, PINTADO COM PINTURA ELETROESTÁTICA NA COR VERMELHA, INCLUSIVE REGISTRO GLOBO ANGULAR 45° Ø2.1/2\", 02 MANGUEIRAS Ø1.1/2\" COM 15M, ADAPTADOR STORZ Ø2.1/2\" X Ø1.1/2\", CHAVE STORZ, ESGUICHO REGULÁVEL 40MM E TAMPÃO DE ENGATE RÁPIDO COM CORRENTE Ø2.1/2\".","un",4,2595.8500000000004,10383.4]
["11.1.4.26",null,"FORNECIMENTO E INSTALAÇÃO DE ABRIGO PARA MANGUEIRAS E HIDRANTE, TIPO SOBREPOR, DIMENSÕES 90X60X17CM, PORTA COM VISOR EM ACRÍLICO COM A INSCRIÇÃO \"INCÊNDIO\" E CESTO FIXO, PINTADO COM PINTURA ELETROESTÁTICA NA COR VERMELHA, INCLUSIVE 02 REGISTROS GLOBO ANGULAR 45° Ø2.1/2\", 06 MANGUEIRAS Ø2.1/2\" COM 15M E 02 MANGUEIRAS DE Ø1.1/2 COM 15M , 06 ADAPTADORES STORZ Ø2.1/2\" X Ø2.1/2\", 02 ADAPTADORES STORZ Ø2.1/2\" X Ø1.1/2\", CHAVE STORZ, 02 ESGUICHOS REGULÁVEIS 40MM E 02 TAMPÕES DE ENGATE RÁPIDO COM CORRENTE Ø2.1/2\".","un",4,9345.130000000001,37380.519999999997]
["11.1.4.27","501931-1","TUBO DE AÇO GALVANIZADO COM COSTURA, CLASSE MÉDIA, DN 65 (2 1/2\"), CONEXÃO ROSQUEADA, INSTALADO EM REDE DE ALIMENTAÇÃO PARA HIDRANTE - FORNECIMENTO E INSTALAÇÃO. AF_10/2020","m",5,87.580000000000013,437.9]
["11.1.5.",null,"REMOÇÃO E RECOMPOSIÇÃO DE FORRO",""]
["11.1.5.1","485901-4","REMOÇÃO DE FORRO DE GESSO, DE FORMA MANUAL, SEM REAPROVEITAMENTO. AF_09/2023","m²",192,2.74,526.08000000000004]
["11.1.5.2","474374-1","FORRO EM PLACAS DE GESSO, PARA AMBIENTES COMERCIAIS. AF_08/2023_PS","m²",192,41.61,7989.12]
["11.2.",null,"SPDA",""]
["11.2.1.",null,"CONDUTOS",""]
["11.2.1.1",null,"ELETRODUTO RÍGIDO ROSCÁVEL, EM PVC, DN 32 MM (1\"), COM LUVA DE ROSCA INTERNA E CONEXÕES, INSTALAÇÃO APARENTE, FIXADO COM ABRAÇADEIRA.  FORNECIMENTO E INSTALAÇÃO.","m",30,27.92,837.6]
["11.2.2.",null,"CONDUTORES",""]
["11.2.2.1",null,"CORDOALHA EM CABO DE COBRE NU, TÊMPERA MEIO-DURO, ENCORDOAMENTO CLASSE 2, SEÇÃO NOMINAL DE 35 MM², NÃO ENTERRADA, FIXADA COM PRESILHA DE LATÃO PARA CABO DE 35 MM², INCLUSIVE PARAFUSO EM AÇO INOX FENDA, BUCHA NYLON E VEDAÇÃO DOS FUROS COM SELANTE POLIURETANO, MARCA DE REF. TERMOTÉCNICA OU EQUIVALENTE. FORNECIMENTO E INSTALAÇÃO.","m",326.77,56.84,18573.599999999999]
["11.2.2.2",null,"CORDOALHA EM CABO DE COBRE NU, TÊMPERA MEIO-DURO, ENCORDOAMENTO CLASSE 2, SEÇÃO NOMINAL DE 50 MM², NÃO ENTERRADA, FIXADA COM PRESILHA DE LATÃO PARA CABO DE 50 MM², INCLUSIVE PARAFUSO EM AÇO INOX FENDA, BUCHA NYLON E VEDAÇÃO DOS FUROS COM SELANTE POLIURETANO, MARCA DE REF. TERMOTÉCNICA OU EQUIVALENTE. FORNECIMENTO E INSTALAÇÃO.","m",10,75.740000000000009,757.4]
["11.2.2.3",null,"CABO DE COBRE NU, TÊMPERA MEIO-DURO, ENCORDOAMENTO CLASSE 2A/3A, SEÇÃO NOMINAL DE 50 MM², PARA ATERRAMENTO, INSTALADO EM VALA COM 0,5 M DE PROFUNDIDADE, INCLUSIVE ESCAVAÇÃO E REATERRO.","m",161.71,80.66,13043.52]
["11.2.3.",null,"CAPTAÇÃO E ATERRAMENTO",""]
["11.2.3.1",null,"CAIXA DE PASSAGEM DE ALVENARIA DE BLOCOS CERÂMICOS 10 FUROS 10X20X20CM, DIMENSÃO DE 30X30X30CM, COM REVESTIMENTO INTERNO EM CHAPISCO E REBOCO, TAMPA DE CONCRETO ESP. 5CM E LASTRO DE BRITA 5CM","un",14,124.02,1736.28]
["11.2.3.2","156973-2","HASTE DE ATERRAMENTO (TIPO COPPERWELD) DE 5/8\" X 2,40 M. FORNECIMENTO E INSTALAÇÃO","un",14,38.910000000000004,544.74]
["11.2.3.3",null,"FORNECIMENTO E INSTALAÇÃO DE CONECTOR REFORÇADO EM BRONZE REF. TEL-580 OU EQUIVALENTE.","un",14,66.459999999999994,930.44]
["11.2.3.4",null,"MASTRO TELESCÓPICO DE 5M (3MX2\" E 2MX1.1/2\"), INCL. BASE DE FIXAÇÃO 2\", CAPTOR TIPO FRANKLIN EM LATÃO CROMADO (2 DESCIDAS), ABRAÇADEIRAS GUIA SIMPLES E REFORÇADAS PARA DUAS DESCIDAS, CONJ. DE CONTRAVENTAGEM COM ABRAÇADEIRA PARA 3 ESTAIS EM TUBO DE 2M E DEMAIS ACESSÓRIOS DE FIXAÇÃO. FORNECIMENTO E INSTALAÇÃO. ","un",2,1241.72,2483.44]
["11.2.3.5","494918-8","FORNECIMENTO E INSTALAÇÃO DE TERMINAL AÉREO EM AÇO GALVANIZADO A FOGO H=250MM X Ø3/8\" COM FIXAÇÃO HORIZONTAL, SEM BANDEIRINHA TEL - 044 OU EQUIVALENTE.","un",186,28.53,5306.58]
["11.2.3.6",null,"CAIXA DE INSPEÇÃO SUSPENSA EM POLIPROPILENO, COM TAMPA, ANTI-UV E ANTI-CHAMA (REF. TEL 541) E CONECTOR DE MEDIÇÃO EM BRONZE COM 4 PARAFUSOS PARA CABO DE COBRE 16-70MM² (REF. TEL-560) TERMOTÉCNICA OU EQUIVALENTE. FORNECIMENTO E INSTALAÇÃO.","un",10,125.73,1257.3]
["11.2.3.7",null,"CONECTOR SPLIT-BOLT, PARA SPDA, PARA CABOS ATÉ 35 MM2 - FORNECIMENTO E INSTALAÇÃO. AF_08/2023","un",20,21.45,429]
["11.2.3.8",null,"APARELHO SINALIZADOR NOTURNO DE OBSTÁCULOS AÉREO, SIMPLES, COM CÉLULA FOTOELÉTRICA, INCLUSIVE UMA (1) LÂMPADA LED E SUPORTE PARA MASTRO. FORNECIMENTO E INSTALAÇÃO.","un",2,119.98,239.96]
["12.",null,"BLOCO E",""]
["12.1.",null,"INSTALAÇÕES DE PREVENÇÃO E COMBATE A INCÊNDIO",""]
["12.1.1.",null,"SISTEMA DE EXTINTORES",""]
["12.1.1.1",null,"EXTINTOR DE INCÊNDIO PORTÁTIL COM CARGA DE PQS DE 4 KG, CLASSE BC - FORNECIMENTO E INSTALAÇÃO. AF_10/2020_PE","un",3,247.82,743.46]
["12.1.1.2","231754-0","FORNECIMENTO E INSTALAÇÃO DE SUPORTE DE PAREDE PARA EXTINTORES.","un",3,16.329999999999998,48.99]
["12.1.2.",null,"SISTEMA DE ILUMINAÇÃO E SINALIZAÇÃO DE EMERGENCIA",""]
["12.1.2.1",null,"FORNECIMENTO E INSTALAÇÃO DE LUMINÁRIA AUTÔNOMA DE SOBREPOR P/ACLARAMENTO OU BALIZAMENTO MOD.LAU 2X11 C/2 LÂMPADAS 11W E BATERIA SELADA.","un",4,541.29000000000008,2165.16]
["12.1.2.2","491851-7","FORNECIMENTO E INSTALAÇÃO DE PLACA DE SINALIZAÇÃO DE SEGURANÇA CONTRA INCÊNDIO, FOTOLUMINESCENTE, RETANGULAR, *13 X 26* CM, EM PVC *2* MM ANTI-CHAMAS (SÍMBOLOS, CORES E PICTOGRAMAS CONFORME NBR 13434); SAÍDA LATERAL VERMELHA.","un",3,48.86,146.58000000000001]
["12.1.2.3","545971-0","FORNECIMENTO E INSTALAÇÃO DE PLACA DE SINALIZAÇÃO DE SEGURANÇA CONTRA INCÊNDIO, FOTOLUMINESCENTE, QUADRADA, *20 X 20* CM, EM PVC *2* MM ANTI-CHAMAS (SÍMBOLOS, CORES E PICTOGRAMAS CONFORME NBR 13434).","un",5,55.32,276.60000000000002]
["12.1.3.",null,"MARCAÇÃO NO PISO PARA HIDRANTE E EXTINTORES",""]
["12.1.3.1","529311-1","PINTURA DE PISO COM TINTA ACRÍLICA, APLICAÇÃO MANUAL, 2 DEMÃOS, INCLUSO FUNDO PREPARADOR. AF_05/2021","m²",4,20.329999999999998,81.319999999999993]
["12.1.4.",null,"REDE DE HIDRANTES E SPRINKLERS",""]
["12.1.4.1",null,"FORNECIMENTO E INSTALAÇÃO DE TUBO DE AÇO GALVANIZADO COM COSTURA, CLASSE MÉDIA, CONEXÃO ROSQUEADA, DN 80 (3\"), INSTALADO EM REDE DE ALIMENTAÇÃO PARA HIDRANTE E SPRINKLER COM ABERTURA E FECHAMENTO DE VALAS.","m",20,142.49,2849.8]
["12.1.4.2",null,"FORNECIMENTO E INSTALAÇÃO DE ABRIGO PARA MANGUEIRAS E HIDRANTE, TIPO SOBREPOR, DIMENSÕES 75X45X17CM, PORTA COM VISOR EM ACRÍLICO COM A INSCRIÇÃO \"INCÊNDIO\" E CESTO FIXO, PINTADO COM PINTURA ELETROESTÁTICA NA COR VERMELHA, INCLUSIVE REGISTRO GLOBO ANGULAR 45° Ø2.1/2\", 02 MANGUEIRAS Ø1.1/2\" COM 15M, ADAPTADOR STORZ Ø2.1/2\" X Ø1.1/2\", CHAVE STORZ, ESGUICHO REGULÁVEL 40MM E TAMPÃO DE ENGATE RÁPIDO COM CORRENTE Ø2.1/2\".","un",1,2595.8500000000004,2595.85]
["12.1.4.3","501931-1","TUBO DE AÇO GALVANIZADO COM COSTURA, CLASSE MÉDIA, DN 65 (2 1/2\"), CONEXÃO ROSQUEADA, INSTALADO EM REDE DE ALIMENTAÇÃO PARA HIDRANTE - FORNECIMENTO E INSTALAÇÃO. AF_10/2020","m",2,87.580000000000013,175.16]
["12.1.5.",null,"REMOÇÃO E RECOMPOSIÇÃO DE FORRO",""]
["12.1.5.1","485901-4","REMOÇÃO DE FORRO DE GESSO, DE FORMA MANUAL, SEM REAPROVEITAMENTO. AF_09/2023","m²",180,2.74,493.2]
["12.1.5.2","474374-1","FORRO EM PLACAS DE GESSO, PARA AMBIENTES COMERCIAIS. AF_08/2023_PS","m²",180,41.61,7489.8]
["12.2.",null,"SPDA",""]
["12.2.1.",null,"CONDUTOS",""]
["12.2.1.1",null,"ELETRODUTO RÍGIDO ROSCÁVEL, EM PVC, DN 32 MM (1\"), COM LUVA DE ROSCA INTERNA E CONEXÕES, INSTALAÇÃO APARENTE, FIXADO COM ABRAÇADEIRA.  FORNECIMENTO E INSTALAÇÃO.","m",18,27.92,502.56]
["12.2.2.",null,"CONDUTORES",""]
["12.2.2.1",null,"CORDOALHA EM CABO DE COBRE NU, TÊMPERA MEIO-DURO, ENCORDOAMENTO CLASSE 2, SEÇÃO NOMINAL DE 35 MM², NÃO ENTERRADA, FIXADA COM PRESILHA DE LATÃO PARA CABO DE 35 MM², INCLUSIVE PARAFUSO EM AÇO INOX FENDA, BUCHA NYLON E VEDAÇÃO DOS FUROS COM SELANTE POLIURETANO, MARCA DE REF. TERMOTÉCNICA OU EQUIVALENTE. FORNECIMENTO E INSTALAÇÃO.","m",88.84,56.84,5049.66]
["12.2.2.2",null,"CORDOALHA EM CABO DE COBRE NU, TÊMPERA MEIO-DURO, ENCORDOAMENTO CLASSE 2, SEÇÃO NOMINAL DE 50 MM², NÃO ENTERRADA, FIXADA COM PRESILHA DE LATÃO PARA CABO DE 50 MM², INCLUSIVE PARAFUSO EM AÇO INOX FENDA, BUCHA NYLON E VEDAÇÃO DOS FUROS COM SELANTE POLIURETANO, MARCA DE REF. TERMOTÉCNICA OU EQUIVALENTE. FORNECIMENTO E INSTALAÇÃO.","m",6,75.740000000000009,454.44]
["12.2.2.3",null,"CABO DE COBRE NU, TÊMPERA MEIO-DURO, ENCORDOAMENTO CLASSE 2A/3A, SEÇÃO NOMINAL DE 50 MM², PARA ATERRAMENTO, INSTALADO EM VALA COM 0,5 M DE PROFUNDIDADE, INCLUSIVE ESCAVAÇÃO E REATERRO.","m",92.56,80.66,7465.88]
["12.2.3.",null,"CAPTAÇÃO E ATERRAMENTO",""]
["12.2.3.1",null,"CAIXA DE PASSAGEM DE ALVENARIA DE BLOCOS CERÂMICOS 10 FUROS 10X20X20CM, DIMENSÃO DE 30X30X30CM, COM REVESTIMENTO INTERNO EM CHAPISCO E REBOCO, TAMPA DE CONCRETO ESP. 5CM E LASTRO DE BRITA 5CM","un",6,124.02,744.12]
["12.2.3.2","156973-2","HASTE DE ATERRAMENTO (TIPO COPPERWELD) DE 5/8\" X 2,40 M. FORNECIMENTO E INSTALAÇÃO","un",6,38.910000000000004,233.46]
["12.2.3.3",null,"FORNECIMENTO E INSTALAÇÃO DE CONECTOR REFORÇADO EM BRONZE REF. TEL-580 OU EQUIVALENTE.","un",6,66.459999999999994,398.76]
["12.2.3.4","494918-8","FORNECIMENTO E INSTALAÇÃO DE TERMINAL AÉREO EM AÇO GALVANIZADO A FOGO H=250MM X Ø3/8\" COM FIXAÇÃO HORIZONTAL, SEM BANDEIRINHA TEL - 044 OU EQUIVALENTE.","un",52,28.53,1483.56]
["12.2.3.5",null,"CAIXA DE INSPEÇÃO SUSPENSA EM POLIPROPILENO, COM TAMPA, ANTI-UV E ANTI-CHAMA (REF. TEL 541) E CONECTOR DE MEDIÇÃO EM BRONZE COM 4 PARAFUSOS PARA CABO DE COBRE 16-70MM² (REF. TEL-560) TERMOTÉCNICA OU EQUIVALENTE. FORNECIMENTO E INSTALAÇÃO.","un",6,125.73,754.38]
["12.2.3.6",null,"CONECTOR SPLIT-BOLT, PARA SPDA, PARA CABOS ATÉ 35 MM2 - FORNECIMENTO E INSTALAÇÃO. AF_08/2023","un",12,21.45,257.39999999999998]
["13.",null,"REFORMA GERAL",""]
["13.1.",null,"CLIMATIZAÇÃO",""]
["13.1.1",null,"FORNECIMENTO E INSTALAÇÃO, CONFORME PROJETO, DE CONDICIONADOR DE AR DO TIPO SPLIT/PISO TETO, COM CAPACIDADE DE 48.000 BTU/H, INVERTER, CICLO FRIO, COM CONTROLE REMOTO SEM FIO, CLASSIFICAÇÃO ENERGÉTICA A OU B (SELO PROCEL). REALIZANDO OS SERVIÇOS DE CONFECÇÃO DE LINHAS FRIGORÍFICAS EM TUBO DE COBRE UTILIZANDO NITROGÊNIO COM FLUXO CONSTANTE PARA REALIZAÇÃO DAS SOLDAS EVITANDO IMPUREZAS. FORNECIMENTO E INSTALAÇÃO DE CARGA DE FLUIDO REFRIGERANTE ECOLÓGICO R-410A E DE ISOLANTE TÉRMICO EM ESPUMA ELASTOMÉRICOA PARA OS TUBOS DE COBRE. REALIZAR A INTERLIGAÇÃO ENTRE AS UNIDADES EVAPORADORA E CONDENSADORA COM CABO PP 4X1,5MM; INCLUSIVE FIXAÇÃO DE UNIDADE EVAPORADORA E INTERLIGAÇÃO DE DRENOS, CALÇOS DE BORRACHA, BEM COMO TODOS OS ACESSÓRIOS NECESSÁRIOS PARA A COMPLETA INSTALAÇÃO E FUNCIONAMENTO DO SISTEMA, E LIMPEZA FINAL DA OBRA. A EXECUÇÃO DA INSTALAÇÃO DEVE SER EXECUTADA POR TÉCNICO DE REFRIGERAÇÃO DEVIDAMENTE ESPECIALIZADO EM EQUIPAMENTOS INVERTER.","un",6,21674.17,130045.02]
["13.1.2",null,"FORNECIMENTO E INSTALAÇÃO, CONFORME PROJETO, DE CONDICIONADOR DE AR DO TIPO SPLIT/HIWALL, COM CAPACIDADE DE 9.000 BTU/H, INVERTER, CICLO FRIO, COM CONTROLE REMOTO SEM FIO, CLASSIFICAÇÃO ENERGÉTICA A (SELO PROCEL). REALIZANDO OS SERVIÇOS DE CONFECÇÃO DE LINHAS FRIGORÍFICAS EM TUBO DE COBRE UTILIZANDO NITROGÊNIO COM FLUXO CONSTANTE PARA REALIZAÇÃO DAS SOLDAS EVITANDO IMPUREZAS. FORNECIMENTO E INSTALAÇÃO DE CARGA DE FLUIDO REFRIGERANTE ECOLÓGICO R-410A E DE ISOLANTE TÉRMICO EM ESPUMA ELASTOMÉRICOA PARA OS TUBOS DE COBRE. REALIZAR A INTERLIGAÇÃO ENTRE AS UNIDADES EVAPORADORA E CONDENSADORA COM CABO PP 4X1,5MM; INCLUSIVE FIXAÇÃO DE UNIDADE EVAPORADORA E INTERLIGAÇÃO DE DRENOS, CALÇOS DE BORRACHA, BEM COMO TODOS OS ACESSÓRIOS NECESSÁRIOS PARA A COMPLETA INSTALAÇÃO E FUNCIONAMENTO DO SISTEMA, E LIMPEZA FINAL DA OBRA. A EXECUÇÃO DA INSTALAÇÃO DEVE SER EXECUTADA POR TÉCNICO DE REFRIGERAÇÃO DEVIDAMENTE ESPECIALIZADO EM EQUIPAMENTOS INVERTER.","un",1,3108.88,3108.88]
["13.1.3",null,"FORNECIMENTO E INSTALAÇÃO, CONFORME PROJETO, DE CONDICIONADOR DE AR DO TIPO SPLIT/HIWALL, COM CAPACIDADE DE 12.000 BTU/H, INVERTER, CICLO FRIO, COM CONTROLE REMOTO SEM FIO, CLASSIFICAÇÃO ENERGÉTICA A (SELO PROCEL). REALIZANDO OS SERVIÇOS DE CONFECÇÃO DE LINHAS FRIGORÍFICAS EM TUBO DE COBRE UTILIZANDO NITROGÊNIO COM FLUXO CONSTANTE PARA REALIZAÇÃO DAS SOLDAS EVITANDO IMPUREZAS. FORNECIMENTO E INSTALAÇÃO DE CARGA DE FLUIDO REFRIGERANTE ECOLÓGICO R-410A E DE ISOLANTE TÉRMICO EM ESPUMA ELASTOMÉRICOA PARA OS TUBOS DE COBRE. REALIZAR A INTERLIGAÇÃO ENTRE AS UNIDADES EVAPORADORA E CONDENSADORA COM CABO PP 4X1,5MM; INCLUSIVE FIXAÇÃO DE UNIDADE EVAPORADORA E INTERLIGAÇÃO DE DRENOS, CALÇOS DE BORRACHA, BEM COMO TODOS OS ACESSÓRIOS NECESSÁRIOS PARA A COMPLETA INSTALAÇÃO E FUNCIONAMENTO DO SISTEMA, E LIMPEZA FINAL DA OBRA. A EXECUÇÃO DA INSTALAÇÃO DEVE SER EXECUTADA POR TÉCNICO DE REFRIGERAÇÃO DEVIDAMENTE ESPECIALIZADO EM EQUIPAMENTOS INVERTER.","un",15,3529.68,52945.2]
["13.1.4",null,"FORNECIMENTO E INSTALAÇÃO, CONFORME PROJETO, DE CONDICIONADOR DE AR DO TIPO SPLIT/HIWALL, COM CAPACIDADE DE 18.000 BTU/H, INVERTER, CICLO FRIO, COM CONTROLE REMOTO SEM FIO, CLASSIFICAÇÃO ENERGÉTICA A (SELO PROCEL). REALIZANDO OS SERVIÇOS DE CONFECÇÃO DE LINHAS FRIGORÍFICAS EM TUBO DE COBRE UTILIZANDO NITROGÊNIO COM FLUXO CONSTANTE PARA REALIZAÇÃO DAS SOLDAS EVITANDO IMPUREZAS. FORNECIMENTO E INSTALAÇÃO DE CARGA DE FLUIDO REFRIGERANTE ECOLÓGICO R-410A E DE ISOLANTE TÉRMICO EM ESPUMA ELASTOMÉRICOA PARA OS TUBOS DE COBRE. REALIZAR A INTERLIGAÇÃO ENTRE AS UNIDADES EVAPORADORA E CONDENSADORA COM CABO PP 4X1,5MM; INCLUSIVE FIXAÇÃO DE UNIDADE EVAPORADORA E INTERLIGAÇÃO DE DRENOS, CALÇOS DE BORRACHA, BEM COMO TODOS OS ACESSÓRIOS NECESSÁRIOS PARA A COMPLETA INSTALAÇÃO E FUNCIONAMENTO DO SISTEMA, E LIMPEZA FINAL DA OBRA. A EXECUÇÃO DA INSTALAÇÃO DEVE SER EXECUTADA POR TÉCNICO DE REFRIGERAÇÃO DEVIDAMENTE ESPECIALIZADO EM EQUIPAMENTOS INVERTER.","un",17,4883.2300000000005,83014.91]
["13.1.5",null,"FORNECIMENTO E INSTALAÇÃO, CONFORME PROJETO, DE CONDICIONADOR DE AR DO TIPO SPLIT/HIWALL, COM CAPACIDADE DE 24.000 BTU/H, INVERTER, CICLO FRIO, COM CONTROLE REMOTO SEM FIO, CLASSIFICAÇÃO ENERGÉTICA A (SELO PROCEL). REALIZANDO OS SERVIÇOS DE CONFECÇÃO DE LINHAS FRIGORÍFICAS EM TUBO DE COBRE UTILIZANDO NITROGÊNIO COM FLUXO CONSTANTE PARA REALIZAÇÃO DAS SOLDAS EVITANDO IMPUREZAS. FORNECIMENTO E INSTALAÇÃO DE CARGA DE FLUIDO REFRIGERANTE ECOLÓGICO R-410A E DE ISOLANTE TÉRMICO EM ESPUMA ELASTOMÉRICOA PARA OS TUBOS DE COBRE. REALIZAR A INTERLIGAÇÃO ENTRE AS UNIDADES EVAPORADORA E CONDENSADORA COM CABO PP 4X1,5MM; INCLUSIVE FIXAÇÃO DE UNIDADE EVAPORADORA E INTERLIGAÇÃO DE DRENOS, CALÇOS DE BORRACHA, BEM COMO TODOS OS ACESSÓRIOS NECESSÁRIOS PARA A COMPLETA INSTALAÇÃO E FUNCIONAMENTO DO SISTEMA, E LIMPEZA FINAL DA OBRA. A EXECUÇÃO DA INSTALAÇÃO DEVE SER EXECUTADA POR TÉCNICO DE REFRIGERAÇÃO DEVIDAMENTE ESPECIALIZADO EM EQUIPAMENTOS INVERTER.","un",4,7026.0400000000009,28104.16]
["13.1.6","400019-6","REMOÇÃO DE DUTOS DE AR CONDICIONADO EM CHAPA DE AÇO GALAVANIZADO E TODOS OS SEUS ELEMENTOS DE SUSTENTAÇÃO.","Kg",300,14.08,4224]
["13.1.7",null,"REMOÇÃO DE CAIXA PRE-MOLDADA DE CONCRETO PARA AR CONDICIONADO.","un",26,20.68,537.67999999999995]
["13.2.",null,"INSTALAÇÕES DE PREVENÇÃO E COMBATE A INCÊNDIO",""]
["13.2.1.",null,"REDE DE HIDRANTES E SPRINKLERS",""]
["13.2.1.1",null,"SPRINKLER TIPO PENDENTE, 68 °C, UNIÃO POR ROSCA DN 15 (1/2\") - APENAS FORNECIMENTO.","un",6,26.56,159.36000000000001]
["13.2.1.2",null,"FORNECIMENTO E INSTALAÇÃO DE TUBO DE AÇO GALVANIZADO COM COSTURA, CLASSE MÉDIA, CONEXÃO ROSQUEADA, DN 80 (3\"), INSTALADO EM REDE DE ALIMENTAÇÃO PARA HIDRANTE E SPRINKLER COM ABERTURA E FECHAMENTO DE VALAS.","m",250,142.49,35622.5]
["13.2.1.3",null,"JOELHO 90 GRAUS, EM FERRO GALVANIZADO, CONEXÃO ROSQUEADA, DN 80 (3\"), INSTALADO EM REDE DE ALIMENTAÇÃO PARA SPRINKLER E HIDRANTE- FORNECIMENTO E INSTALAÇÃO.","un",4,161.51999999999998,646.08000000000004]
["13.2.1.4",null,"JOELHO 90 GRAUS, EM FERRO GALVANIZADO, CONEXÃO ROSQUEADA, DN 100 (4\"), INSTALADO EM REDE DE ALIMENTAÇÃO PARA SPRINKLER E HIDRANTE- FORNECIMENTO E INSTALAÇÃO.","un",2,289.94,579.88]
["13.2.1.5",null,"TÊ, EM FERRO GALVANIZADO, CONEXÃO ROSQUEADA, DN 80 (3\"), INSTALADO EM REDE DE ALIMENTAÇÃO PARA SPRINKLER - FORNECIMENTO E INSTALAÇÃO. AF_10/2020","un",3,213.38,640.14]
["13.2.1.6",null,"TÊ, EM FERRO GALVANIZADO, CONEXÃO ROSQUEADA, DN 100 (4\"), INSTALADO EM REDE DE ALIMENTAÇÃO PARA SPRINKLER - FORNECIMENTO E INSTALAÇÃO.","un",2,372.78999999999996,745.58]
["13.2.1.7",null,"LUVA DE REDUÇÃO, EM FERRO GALVANIZADO, 4\" X 3\", CONEXÃO ROSQUEADA, INSTALADO EM REDE DE ALIMENTAÇÃO PARA SPRINKLER - FORNECIMENTO E INSTALAÇÃO.","un",1,228.60000000000002,228.6]
["13.2.1.8",null,"LUVA DE REDUÇÃO, EM FERRO GALVANIZADO, 3\" X 2 1/2\", CONEXÃO ROSQUEADA, INSTALADO EM REDE DE ALIMENTAÇÃO PARA SPRINKLER - FORNECIMENTO E INSTALAÇÃO. AF_10/2020","un",8,127.21000000000001,1017.68]
["13.2.1.9","546760-8","HIDRANTE DE RECALQUE INCLUINDO CAIXA EM ALVENARIA DE TIJOLOS MACIÇOS ESP. = 0,12M, DIM. INT. = 0.40 X 0.60 X 0.35M, COM TAMPA EM FERRO FUNDIDO 0,40 X 0,60 E FUNDO COM BRITA.","un",4,885.54,3542.16]
["13.3.",null,"SPDA",""]
["13.3.1.",null,"CONDUTORES",""]
["13.3.1.1",null,"CABO DE COBRE NU, TÊMPERA MEIO-DURO, ENCORDOAMENTO CLASSE 2A/3A, SEÇÃO NOMINAL DE 50 MM², PARA ATERRAMENTO, INSTALADO EM VALA COM 0,5 M DE PROFUNDIDADE, INCLUSIVE ESCAVAÇÃO E REATERRO.","m",31.59,80.66,2548.04]
["13.3.2.",null,"CAPTAÇÃO E ATERRAMENTO",""]
["13.3.2.1",null,"CAIXA DE PASSAGEM DE ALVENARIA DE BLOCOS CERÂMICOS 10 FUROS 10X20X20CM, DIMENSÃO DE 30X30X30CM, COM REVESTIMENTO INTERNO EM CHAPISCO E REBOCO, TAMPA DE CONCRETO ESP. 5CM E LASTRO DE BRITA 5CM","un",3,124.02,372.06]
["13.3.2.2","156973-2","HASTE DE ATERRAMENTO (TIPO COPPERWELD) DE 5/8\" X 2,40 M. FORNECIMENTO E INSTALAÇÃO","un",3,38.910000000000004,116.73]
["13.3.2.3",null,"FORNECIMENTO E INSTALAÇÃO DE CONECTOR REFORÇADO EM BRONZE REF. TEL-580 OU EQUIVALENTE.","un",3,66.459999999999994,199.38]
["13.4.",null,"SUBESTAÇÃO",""]
["13.4.1","551572-6","REGULARIZAÇÃO DE PISO COM ARGAMASSA DE CIMENTO E AREIA, TRAÇO 1:4, E=3CM, PARA REVESTIMENTO DE PISO.","m²",13.06,42.11,549.95000000000005]
["13.4.2",null,"PREPARO DO PISO CIMENTADO PARA APLICAÇÃO DE REVESTIMENTO - LIXAMENTO E LIMPEZA.","m²",26.12,3.29,85.93]
["13.4.3",null,"LAJOTA DE CONCRETO MOLDADA \"IN LOCO\", TIPO PMSP E=7CM - JUNTA DE ARGAMASSA","m²",3.36,70.75,237.72]
["13.4.4",null,"PISO DE BORRACHA PASTILHADO, ESPESSURA 3,5MM, FIXADO COM ADESIVO ACRÍLICO. AF_09/2020","m²",26.12,120.51,3147.72]
["14.",null,"FINAL DE OBRA",""]
["14.1",null,"LAUDO DE VISTORIA DE SPDA E ART COM MEDIÇÃO DE RESISTÊNCIA ÔHMICA DO SOLO, MEDIÇÃO DE CONTINUIDADE ELÉTRICA, EXCLUSIVE DESLOCAMENTO DE EQUIPE TÉCNICA","un",1,1439.72,1439.72]
["14.2",null,"AS BUILT DOS PROJETOS DE ARQUITETURA, CLIMATIZAÇÃO, INSTALAÇÕES HIDROSSANITÁRIAS, INSTALAÇÕES ELÉTRICAS E INSTALAÇÕES DE PREVENÇÃO E COMBATE A INCÊNDIO/SPDA","m²",9856.61,0.96,9462.34]
["14.3",null,"REMOÇÃO DE TAPUME/ CHAPAS METÁLICAS E DE MADEIRA, DE FORMA MANUAL, SEM REAPROVEITAMENTO. AF_09/2023","m²",124.85,2.8,349.58]
["14.4",null,"DEMOLIÇÃO DE BARRACÃO DE OBRA","m²",93,6.7600000000000007,628.67999999999995]
["14.5","431654-1 ","LIMPEZA GERAL DA OBRA","m²",1314.69,3.02,3970.36]
["14.6","314578-6","DESMOBILIZAÇÃO DA OBRA (PESSOAL, MÁQUINAS E EQUIPAMENTOS).","un",1,1248.46,1248.46]
["TOTAL OBRA",null,null,null,null,null,3359876.5]